{"text_format":"3","workbook":"xlsx","n_sheets":20,"sheets":["封-2 招标控制价封面","扉-2 招标控制价扉页","表-01 总说明","表-04 单位工程招标控制价汇总表","表-08 分部分项工程和单价措施项目清单与计价表","表-08 分部分项工程和单价措施项目清单与计价表(含措施标题)","表-08 分部分项工程和单价措施项目清单与计价表(含分部小计)","表-09 综合单价分析表","表-09 综合单价分析表（全费用）","表-11 总价措施项目清单与计价表","表-12 其他项目清单与计价汇总表","表-12-1 暂列金额表","表-12-2 材料(工程设备)暂估价及调整表","表-12-3 专业工程暂估价及结算价表","表-12-4 计日工表","表-12-5 总承包服务费计价表","表-13 规费、税金项目清单与计价表","表-20 发包人提供材料和工程设备一览表","表-21 承包人提供主要材料和工程设备一览表","表-22 承包人提供主要材料和工程设备一览表"],"read":"whole","date_system":"1900"}

{"sheet":"封-2 招标控制价封面","index":0,"n_rows":10,"n_cols":7,"rows_kept":10,"merged":[[0,0,0,1],[0,2,0,5],[1,0,1,6],[2,0,2,6],[3,1,3,2],[3,3,3,4],[3,5,3,6],[4,1,4,2],[4,3,4,4],[4,5,4,6],[5,1,5,2],[5,3,5,4],[5,5,5,6],[6,1,6,2],[6,3,6,4],[6,5,6,6],[7,1,7,2],[7,3,7,4],[7,5,7,6],[8,1,8,2],[8,5,8,6],[9,0,9,1],[9,2,9,5]]}
[null,null,"住宅楼工程预算书编制",{"$nulls":3},"工程"]
["招 标 控 制 价"]
[]
[null,"招  标  人："]
[{"$nulls":3},"(单位盖章)"]
[null,"造价咨询人："]
[{"$nulls":3},"(单位盖章)"]
[{"$nulls":3},"年   月   日"]
[]
[{"$nulls":6},"封-2"]

{"sheet":"扉-2 招标控制价扉页","index":1,"n_rows":13,"n_cols":7,"rows_kept":13,"merged":[[0,1,0,5],[1,0,1,6],[2,0,2,1],[2,3,2,6],[3,0,3,1],[3,3,3,6],[4,0,4,1],[4,5,4,6],[5,0,5,1],[5,2,5,3],[5,5,5,6],[6,0,6,1],[6,2,6,3],[6,5,6,6],[7,0,7,1],[7,2,7,3],[7,5,7,6],[8,0,8,1],[8,2,8,3],[8,5,8,6],[9,0,9,1],[9,2,9,3],[9,5,9,6],[10,0,10,1],[10,2,10,3],[10,5,10,6],[11,0,11,1],[11,2,11,3],[11,5,11,6],[12,1,12,5]]}
[null,"住宅楼工程预算书编制",{"$nulls":4},"工程"]
["招 标 控 制 价"]
["招标控制价  ",null,"（小写）：","761,280.01"]
[null,null,"（大写）：","柒拾陆万壹仟贰佰捌拾元零壹分"]
[]
["招  标  人：",{"$nulls":3},"造价咨询人："]
[null,null,"（单位盖章）",null,null,"(单位资质专用章)"]
["法定代表人  \n\n或其授权人：",{"$nulls":3},"法定代表人  \n\n  或其授权人："]
[null,null,"(签字或盖章)",null,null,"(签字或盖章)"]
["编  制  人：",{"$nulls":3},"复  核  人："]
[null,null,"(造价人员签字盖专用章)",null,null,"(造价工程师签字盖专用章)"]
["编 制 时 间：  ",{"$nulls":3},"复 核 时 间：  "]
[{"$nulls":6},"扉-2"]

{"sheet":"表-01 总说明","index":2,"n_rows":5,"n_cols":5,"rows_kept":5,"merged":[[0,0,0,4],[1,0,1,3],[2,0,3,4],[4,0,4,2]]}
["总  说  明"]
["工程名称：建筑工程",{"$nulls":3},"第 1 页 共 1 页"]
["一、工程概况:\n   1、本工程名称：住宅楼工程预算书编制；\n   2、建筑面积：860.07平方米；\n   3、建筑层数:三层；建筑高度:10.500m；\n   4、耐火等级：二级；屋面防水等级：三级；\n   5、主要结构类型:框架结构。\n二、编制依据:\n  1、《广东省房屋建筑与装饰工程综合定额2018》上中下册；\n  2、《GB50854-2013  房屋建筑与装饰工程工程量计算规范》；\n  3、《广联达职工培训楼》建筑、结构图纸。"]
[]
[{"$nulls":4},"表-01"]

{"sheet":"表-04 单位工程招标控制价汇总表","index":3,"n_rows":38,"n_cols":6,"rows_kept":38,"merged":[[0,0,0,5],[1,0,1,2],[1,4,1,5],[2,2,2,4],[3,2,3,4],[4,2,4,4],[5,2,5,4],[6,2,6,4],[7,2,7,4],[8,2,8,4],[9,2,9,4],[10,2,10,4],[11,2,11,4],[12,2,12,4],[13,2,13,4],[14,2,14,4],[15,2,15,4],[16,2,16,4],[17,2,17,4],[18,2,18,4],[19,2,19,4],[20,2,20,4],[21,2,21,4],[22,2,22,4],[23,2,23,4],[24,2,24,4],[25,2,25,4],[26,2,26,4],[27,2,27,4],[28,2,28,4],[29,2,29,4],[30,2,30,4],[31,2,31,4],[32,2,32,4],[33,2,33,4],[34,2,34,4],[35,0,35,1],[35,2,35,4],[36,0,36,5],[37,0,37,2],[37,4,37,5]]}
["单位工程招标控制价汇总表"]
["工程名称：建筑工程",null,null,"标段：","第 1 页  共 1 页"]
["序号","汇总内容","金额:(元)",null,null,"其中：暂估价(元)"]
["1","分部分项合计",538960.06]
["1.1","A.1土石方工程","855.39"]
["1.2","A.4砌筑工程","90827.54"]
["1.3","A.5混凝土及钢筋混凝土工程","377899.17"]
["1.4","A.8门窗工程","25711.62"]
["1.5","A.12墙、柱面装饰与隔断、幕墙工程","42828.26"]
["1.6","A.15其他装饰工程","838.08"]
["2","措施合计",152111.33]
["2.1","绿色施工安全防护措施费",16155.21]
["2.2","其他措施费",135956.12]
["3","其他项目",7350.64,null,null,"－"]
["3.1","暂列金额","4850.64"]
["3.2","暂估价"]
["3.3","计日工",2500]
["3.4","总承包服务费"]
["3.5","预算包干费"]
["3.6","工程优质费"]
["3.7","概算幅度差"]
["3.8","索赔费用"]
["3.9","现场签证费用"]
["3.10","其他费用"]
["4","税前工程造价","698422.03"]
["5","增值税销项税额",62857.98,null,null,"－"]
["6","总造价","761280.01"]
["7","人工费","151654.16"]
{"$rows_empty":7}
["招标控制价合计=1+2+3+5",null,"761,280.01",null,null,"0.00"]
["注：本表适用于单位工程招标控制价或投标报价的汇总，如无单位工程划分，单项工程也使用本表汇总"]
[{"$nulls":4},"表—04"]

{"sheet":"表-08 分部分项工程和单价措施项目清单与计价表","index":4,"n_rows":104,"n_cols":11,"rows_kept":104,"merged":[[0,0,0,10],[1,0,1,3],[1,4,1,7],[1,8,1,10],[2,0,4,0],[2,1,4,1],[2,2,4,2],[2,3,4,4],[2,5,4,5],[2,6,4,6],[2,7,2,10],[3,7,4,8],[3,9,4,9],[5,3,5,4],[5,7,5,8],[6,3,6,4],[6,7,6,8],[7,3,7,4],[7,7,7,8],[8,3,8,4],[8,7,8,8],[9,3,9,4],[9,7,9,8],[10,3,10,4],[10,7,10,8],[11,3,11,4],[11,7,11,8],[12,3,12,4],[12,7,12,8],[13,3,13,4],[13,7,13,8],[14,3,14,4],[14,7,14,8],[15,3,15,4],[15,7,15,8],[16,3,16,4],[16,7,16,8],[17,3,17,4],[17,7,17,8],[18,3,18,4],[18,7,18,8],[19,0,19,8],[20,0,20,10],[21,0,21,3],[21,4,21,7],[21,8,21,10],[22,0,22,10],[23,0,23,3],[23,4,23,7],[23,8,23,10],[24,0,26,0],[24,1,26,1],[24,2,26,2],[24,3,26,4],[24,5,26,5],[24,6,26,6],[24,7,24,10],[25,7,26,8],[25,9,26,9],[27,3,27,4],[27,7,27,8],[28,3,28,4],[28,7,28,8],[29,3,29,4],[29,7,29,8],[30,3,30,4],[30,7,30,8],[31,3,31,4],[31,7,31,8],[32,3,32,4],[32,7,32,8],[33,3,33,4],[33,7,33,8],[34,3,34,4],[34,7,34,8],[35,3,35,4],[35,7,35,8],[36,3,36,4],[36,7,36,8],[37,3,37,4],[37,7,37,8],[38,0,38,8],[39,0,39,10],[40,0,40,3],[40,4,40,7],[40,8,40,10],[41,0,41,10],[42,0,42,3],[42,4,42,7],[42,8,42,10],[43,0,45,0],[43,1,45,1],[43,2,45,2],[43,3,45,4],[43,5,45,5],[43,6,45,6],[43,7,43,10],[44,7,45,8],[44,9,45,9],[46,3,46,4],[46,7,46,8],[47,3,47,4],[47,7,47,8],[48,3,48,4],[48,7,48,8],[49,3,49,4],[49,7,49,8],[50,3,50,4],[50,7,50,8],[51,3,51,4],[51,7,51,8],[52,3,52,4],[52,7,52,8],[53,3,53,4],[53,7,53,8],[54,3,54,4],[54,7,54,8],[55,3,55,4],[55,7,55,8],[56,3,56,4],[56,7,56,8],[57,3,57,4],[57,7,57,8],[58,3,58,4],[58,7,58,8],[59,3,59,4],[59,7,59,8],[60,3,60,4],[60,7,60,8],[61,3,61,4],[61,7,61,8],[62,3,62,4],[62,7,62,8],[63,3,63,4],[63,7,63,8],[64,0,64,8],[65,0,65,10],[66,0,66,3],[66,4,66,7],[66,8,66,10],[67,0,67,10],[68,0,68,3],[68,4,68,7],[68,8,68,10],[69,0,71,0],[69,1,71,1],[69,2,71,2],[69,3,71,4],[69,5,71,5],[69,6,71,6],[69,7,69,10],[70,7,71,8],[70,9,71,9],[72,3,72,4],[72,7,72,8],[73,3,73,4],[73,7,73,8],[74,3,74,4],[74,7,74,8],[75,3,75,4],[75,7,75,8],[76,3,76,4],[76,7,76,8],[77,3,77,4],[77,7,77,8],[78,3,78,4],[78,7,78,8],[79,3,79,4],[79,7,79,8],[80,3,80,4],[80,7,80,8],[81,3,81,4],[81,7,81,8],[82,3,82,4],[82,7,82,8],[83,3,83,4],[83,7,83,8],[84,3,84,4],[84,7,84,8],[85,3,85,4],[85,7,85,8],[86,3,86,4],[86,7,86,8],[87,3,87,4],[87,7,87,8],[88,3,88,4],[88,7,88,8],[89,3,89,4],[89,7,89,8],[90,3,90,4],[90,7,90,8],[91,3,91,4],[91,7,91,8],[92,3,92,4],[92,7,92,8],[93,3,93,4],[93,7,93,8],[94,3,94,4],[94,7,94,8],[95,3,95,4],[95,7,95,8],[96,3,96,4],[96,7,96,8],[97,3,97,4],[97,7,97,8],[98,3,98,4],[98,7,98,8],[99,3,99,4],[99,7,99,8],[100,0,100,8],[101,0,101,8],[102,0,102,10],[103,0,103,3],[103,4,103,7],[103,8,103,10]]}
["分部分项工程和单价措施项目清单与计价表"]
["工程名称：建筑工程",{"$nulls":3},"标段：",{"$nulls":3},"第 1 页  共 4 页"]
["序号","项目编码","项目名称","项目特征描述",null,"计量单位","工程量","金额（元）"]
[{"$nulls":7},"综合单价",null,"综合合价","其中"]
[{"$nulls":10},"暂估价"]
[null,"A.1","土石方工程",{"$nulls":6},855.39]
[1,"010101001001","平整场地","1.土壤类别:三类土\n2.弃土运距:500m 以内\n3.取土运距:20m 以内",null,"m2",371.91,2.3,null,855.39]
[null,"A.4","砌筑工程",{"$nulls":6},90827.54]
[2,"010402001001","砌块墙","1.砌块品种、规格、强度等级:加气混凝土砌块、200mm MU5\n2.墙体类型:外墙\n3.砂浆强度等级:水泥砂浆M7.5",null,"m3",71.1378,499.85,null,35558.23]
[3,"010402001002","砌块墙","1.砌块品种、规格、强度等级:加气混凝土砌块、200mm MU5\n2.墙体类型:内墙\n3.砂浆强度等级:水泥砂浆M7.5",null,"m3",82.9282,499.85,null,41451.66]
[4,"010402001003","砌块墙","1.砌块品种、规格、强度等级:加气混凝土砌块、120mm MU5\n2.墙体类型:外墙\n3.砂浆强度等级:水泥砂浆M7.5",null,"m3",5.7256,499.85,null,2861.94]
[5,"010404001001","垫层","1.垫层材料种类、配合比、厚度:现浇砼C15",null,"m3",14.682,746.2,null,10955.71]
[null,"A.5","混凝土及钢筋混凝土工程",{"$nulls":6},377899.17]
[6,"010501001001","垫层","1.混凝土种类:现浇\n2.混凝土强度等级:C15",null,"m3",14.682,28.77,null,422.4]
[7,"010501003001","独立基础","1.混凝土种类:预拌\n2.混凝土强度等级:C25",null,"m3",61.2453,753.45,null,46145.27]
[8,"010502001001","矩形柱","1.混凝土种类:预拌\n2.混凝土强度等级:C25",null,"m3",29.44,870.8,null,25636.35]
[9,"010503001001","基础梁","1.混凝土种类:现浇\n2.混凝土强度等级:C25",null,"m3",20.147,749.8,null,15106.22]
[10,"010503002001","矩形梁","1.混凝土种类:现浇\n2.混凝土强度等级:C25",null,"m3",72.3153,766.11,null,55401.47]
[11,"010505001001","有梁板","1.混凝土种类:预拌\n2.混凝土强度等级:C25",null,"m3",162.0464,767.87,null,124430.57]
["本页小计",{"$nulls":8},358825.21]
["注：为计取规费等的使用，可在表中增设其中：“定额人工费”。"]
[{"$nulls":8},"表—08"]
["分部分项工程和单价措施项目清单与计价表"]
["工程名称：建筑工程",{"$nulls":3},"标段：",{"$nulls":3},"第 2 页  共 4 页"]
["序号","项目编码","项目名称","项目特征描述",null,"计量单位","工程量","金额（元）"]
[{"$nulls":7},"综合单价",null,"综合合价","其中"]
[{"$nulls":10},"暂估价"]
[12,"010505007001","天沟(檐沟)、挑檐板","1.混凝土种类:现浇\n2.混凝土强度等级:C25",null,"m3",1.4461,961.26,null,1390.08]
[13,"010506001001","直形楼梯",null,null,"m3",59.488,827.16,null,49206.09]
[14,"010507001001","散水、坡道","1.垫层材料种类、厚度:120\n2.混凝土种类:预拌\n3.混凝土强度等级:C25",null,"m2",8.3544,798.11,null,6667.73]
[15,"010507001002","散水、坡道","1.垫层材料种类、厚度:混凝土、100\n2.面层厚度:20mm\n3.混凝土种类:现浇\n4.混凝土强度等级:C25",null,"m2",62.2547,798.11,null,49686.1]
[16,"010507004001","台阶","1.踏步高、宽:450mm\n2.混凝土种类:现浇\n3.混凝土强度等级:C25",null,"m3",4.5891,829.55,null,3806.89]
[null,"A.8","门窗工程",{"$nulls":6},25711.62]
[17,"010801001001","木质门","1.门代号及洞口尺寸:M1027、1000*2700\n2.镶嵌玻璃品种、厚度:60",null,"m2",56.7,45.88,null,2601.4]
[18,"010805005001","全玻自由门","1.门代号及洞口尺寸:M1527、1500*2700\n2.门框或扇外围尺寸:60\n3.玻璃品种、厚度:钢化玻璃、12mm",null,"m2",4.05,56.63,null,229.35]
[19,"010805005002","全玻自由门","1.门代号及洞口尺寸:M2927、2900*2700\n2.门框或扇外围尺寸:60\n3.玻璃品种、厚度:钢化玻璃、12mm",null,"m2",7.83,56.63,null,443.41]
[20,"010807001001","金属(塑钢、断桥)窗","1.窗代号及洞口尺寸:C1218、1200*1800\n2.玻璃品种、厚度:中空玻璃、5+9+5",null,"m2",38.88,85.32,null,3317.24]
[21,"010807001002","金属(塑钢、断桥)窗","1.窗代号及洞口尺寸:C1518、1500*1800\n2.玻璃品种、厚度:中空玻璃、5+9+5",null,"m2",37.8,85.32,null,3225.1]
["本页小计",{"$nulls":8},120573.39]
["注：为计取规费等的使用，可在表中增设其中：“定额人工费”。"]
[{"$nulls":8},"表—08"]
["分部分项工程和单价措施项目清单与计价表"]
["工程名称：建筑工程",{"$nulls":3},"标段：",{"$nulls":3},"第 3 页  共 4 页"]
["序号","项目编码","项目名称","项目特征描述",null,"计量单位","工程量","金额（元）"]
[{"$nulls":7},"综合单价",null,"综合合价","其中"]
[{"$nulls":10},"暂估价"]
[22,"010807001003","金属(塑钢、断桥)窗","1.窗代号及洞口尺寸:C2118、2100*1800\n2.玻璃品种、厚度:中空玻璃、5+9+5",null,"m2",86.94,85.32,null,7417.72]
[23,"010807001004","金属(塑钢、断桥)窗","1.窗代号及洞口尺寸:C2418、2400*1800\n2.玻璃品种、厚度:中空玻璃、5+9+5",null,"m2",99.36,85.32,null,8477.4]
[null,"A.12","墙、柱面装饰与隔断、幕墙工程",{"$nulls":6},42828.26]
[24,"011201001001","墙面一般抹灰",null,null,"m2",618.0125,37.78,null,23348.51]
[25,"011201004001","立面砂浆找平层",null,null,"m2",618.0125,31.52,null,19479.75]
[null,"A.15","其他装饰工程",{"$nulls":6},838.08]
[26,"011503001001","金属扶手、栏杆、栏板",null,null,"m",5.9996,139.69,null,838.08]
[null,null,"措施项目",{"$nulls":6},135956.12]
[27,null,"综合脚手架",null,null,"项",860.07]
[28,"011702001001","基础","1.基础类型:独立基础",null,"m2",62,48.87,null,3029.94]
[29,"011702002001","矩形柱","1.柱高:0.9m\n2.周长:1.2m",null,"m2",21.42,67.66,null,1449.28]
[30,"011702002002","矩形柱","1.柱高:0.9m\n2.周长:1.7m",null,"m2",11.9,54.82,null,652.36]
[31,"011702002003","矩形柱","1.柱高:0.9m\n2.周长:1.6m",null,"m2",15.96,54.82,null,874.93]
[32,"011702002004","矩形柱","1.柱高:3.3m\n2.周长:1.7m",null,"m2",184.8,54.82,null,10130.74]
[33,"011702002005","矩形柱","1.柱高:3.3m\n2.周长:1.6m",null,"m2",47.52,54.82,null,2605.05]
[34,"011702005001","基础梁","1.梁截面形状:矩形",null,"m2",163.0833,57.52,null,9380.55]
[35,"011702006001","矩形梁","1.支撑高度:3.3m",null,"m2",758.2048,65.02,null,49298.48]
[36,"011702014001","有梁板","1.支撑高度:3.3m",null,"m2",932.164,60.79,null,56666.25]
["本页小计",{"$nulls":8},193649.04]
["注：为计取规费等的使用，可在表中增设其中：“定额人工费”。"]
[{"$nulls":8},"表—08"]
["分部分项工程和单价措施项目清单与计价表"]
["工程名称：建筑工程",{"$nulls":3},"标段：",{"$nulls":3},"第 4 页  共 4 页"]
["序号","项目编码","项目名称","项目特征描述",null,"计量单位","工程量","金额（元）"]
[{"$nulls":7},"综合单价",null,"综合合价","其中"]
[{"$nulls":10},"暂估价"]
[37,"011702022001","天沟、檐沟","1.构件类型:挑檐",null,"m2",28.2076,60.09,null,1694.99]
[38,"011702027001","台阶","1.台阶踏步宽:150mm",null,"m2",4.404,38.81,null,170.92]
[39,"011702028001","扶手","1.扶手断面尺寸:100mm",null,"m2",6.5779,0.4,null,2.63]
{"$rows_empty":25}
["本页小计",{"$nulls":8},1868.54]
["合   计",{"$nulls":8},674916.18]
["注：为计取规费等的使用，可在表中增设其中：“定额人工费”。"]
[{"$nulls":8},"表—08"]

{"sheet":"表-08 分部分项工程和单价措施项目清单与计价表(含措施标题)","index":5,"n_rows":103,"n_cols":11,"rows_kept":103,"merged":[[0,0,0,10],[1,0,1,3],[1,4,1,7],[1,8,1,10],[2,0,4,0],[2,1,4,1],[2,2,4,2],[2,3,4,4],[2,5,4,5],[2,6,4,6],[2,7,2,10],[3,7,4,8],[3,9,4,9],[5,3,5,4],[5,7,5,8],[6,3,6,4],[6,7,6,8],[7,3,7,4],[7,7,7,8],[8,3,8,4],[8,7,8,8],[9,3,9,4],[9,7,9,8],[10,3,10,4],[10,7,10,8],[11,3,11,4],[11,7,11,8],[12,3,12,4],[12,7,12,8],[13,3,13,4],[13,7,13,8],[14,3,14,4],[14,7,14,8],[15,3,15,4],[15,7,15,8],[16,3,16,4],[16,7,16,8],[17,3,17,4],[17,7,17,8],[18,3,18,4],[18,7,18,8],[19,0,19,8],[20,0,20,10],[21,0,21,3],[21,4,21,7],[21,8,21,10],[22,0,22,10],[23,0,23,3],[23,4,23,7],[23,8,23,10],[24,0,26,0],[24,1,26,1],[24,2,26,2],[24,3,26,4],[24,5,26,5],[24,6,26,6],[24,7,24,10],[25,7,26,8],[25,9,26,9],[27,3,27,4],[27,7,27,8],[28,3,28,4],[28,7,28,8],[29,3,29,4],[29,7,29,8],[30,3,30,4],[30,7,30,8],[31,3,31,4],[31,7,31,8],[32,3,32,4],[32,7,32,8],[33,3,33,4],[33,7,33,8],[34,3,34,4],[34,7,34,8],[35,3,35,4],[35,7,35,8],[36,3,36,4],[36,7,36,8],[37,3,37,4],[37,7,37,8],[38,0,38,8],[39,0,39,10],[40,0,40,3],[40,4,40,7],[40,8,40,10],[41,0,41,10],[42,0,42,3],[42,4,42,7],[42,8,42,10],[43,0,45,0],[43,1,45,1],[43,2,45,2],[43,3,45,4],[43,5,45,5],[43,6,45,6],[43,7,43,10],[44,7,45,8],[44,9,45,9],[46,3,46,4],[46,7,46,8],[47,3,47,4],[47,7,47,8],[48,3,48,4],[48,7,48,8],[49,3,49,4],[49,7,49,8],[50,3,50,4],[50,7,50,8],[51,3,51,4],[51,7,51,8],[52,3,52,4],[52,7,52,8],[53,3,53,4],[53,7,53,8],[54,3,54,4],[54,7,54,8],[55,3,55,4],[55,7,55,8],[56,3,56,4],[56,7,56,8],[57,3,57,4],[57,7,57,8],[58,3,58,4],[58,7,58,8],[59,3,59,4],[59,7,59,8],[60,3,60,4],[60,7,60,8],[61,3,61,4],[61,7,61,8],[62,3,62,4],[62,7,62,8],[63,0,63,8],[64,0,64,10],[65,0,65,3],[65,4,65,7],[65,8,65,10],[66,0,66,10],[67,0,67,3],[67,4,67,7],[67,8,67,10],[68,0,70,0],[68,1,70,1],[68,2,70,2],[68,3,70,4],[68,5,70,5],[68,6,70,6],[68,7,68,10],[69,7,70,8],[69,9,70,9],[71,3,71,4],[71,7,71,8],[72,3,72,4],[72,7,72,8],[73,3,73,4],[73,7,73,8],[74,3,74,4],[74,7,74,8],[75,3,75,4],[75,7,75,8],[76,3,76,4],[76,7,76,8],[77,3,77,4],[77,7,77,8],[78,3,78,4],[78,7,78,8],[79,3,79,4],[79,7,79,8],[80,3,80,4],[80,7,80,8],[81,3,81,4],[81,7,81,8],[82,3,82,4],[82,7,82,8],[83,3,83,4],[83,7,83,8],[84,3,84,4],[84,7,84,8],[85,3,85,4],[85,7,85,8],[86,3,86,4],[86,7,86,8],[87,3,87,4],[87,7,87,8],[88,3,88,4],[88,7,88,8],[89,3,89,4],[89,7,89,8],[90,3,90,4],[90,7,90,8],[91,3,91,4],[91,7,91,8],[92,3,92,4],[92,7,92,8],[93,3,93,4],[93,7,93,8],[94,3,94,4],[94,7,94,8],[95,3,95,4],[95,7,95,8],[96,3,96,4],[96,7,96,8],[97,3,97,4],[97,7,97,8],[98,3,98,4],[98,7,98,8],[99,0,99,8],[100,0,100,8],[101,0,101,10],[102,0,102,3],[102,4,102,7],[102,8,102,10]]}
["分部分项工程和单价措施项目清单与计价表"]
["工程名称：建筑工程",{"$nulls":3},"标段：",{"$nulls":3},"第 1 页  共 4 页"]
["序号","项目编码","项目名称","项目特征描述",null,"计量单位","工程量","金额（元）"]
[{"$nulls":7},"综合单价",null,"综合合价","其中"]
[{"$nulls":10},"暂估价"]
[null,"A.1","土石方工程",{"$nulls":6},855.39]
[1,"010101001001","平整场地","1.土壤类别:三类土\n2.弃土运距:500m 以内\n3.取土运距:20m 以内",null,"m2",371.91,2.3,null,855.39]
[null,"A.4","砌筑工程",{"$nulls":6},90827.54]
[2,"010402001001","砌块墙","1.砌块品种、规格、强度等级:加气混凝土砌块、200mm MU5\n2.墙体类型:外墙\n3.砂浆强度等级:水泥砂浆M7.5",null,"m3",71.1378,499.85,null,35558.23]
[3,"010402001002","砌块墙","1.砌块品种、规格、强度等级:加气混凝土砌块、200mm MU5\n2.墙体类型:内墙\n3.砂浆强度等级:水泥砂浆M7.5",null,"m3",82.9282,499.85,null,41451.66]
[4,"010402001003","砌块墙","1.砌块品种、规格、强度等级:加气混凝土砌块、120mm MU5\n2.墙体类型:外墙\n3.砂浆强度等级:水泥砂浆M7.5",null,"m3",5.7256,499.85,null,2861.94]
[5,"010404001001","垫层","1.垫层材料种类、配合比、厚度:现浇砼C15",null,"m3",14.682,746.2,null,10955.71]
[null,"A.5","混凝土及钢筋混凝土工程",{"$nulls":6},377899.17]
[6,"010501001001","垫层","1.混凝土种类:现浇\n2.混凝土强度等级:C15",null,"m3",14.682,28.77,null,422.4]
[7,"010501003001","独立基础","1.混凝土种类:预拌\n2.混凝土强度等级:C25",null,"m3",61.2453,753.45,null,46145.27]
[8,"010502001001","矩形柱","1.混凝土种类:预拌\n2.混凝土强度等级:C25",null,"m3",29.44,870.8,null,25636.35]
[9,"010503001001","基础梁","1.混凝土种类:现浇\n2.混凝土强度等级:C25",null,"m3",20.147,749.8,null,15106.22]
[10,"010503002001","矩形梁","1.混凝土种类:现浇\n2.混凝土强度等级:C25",null,"m3",72.3153,766.11,null,55401.47]
[11,"010505001001","有梁板","1.混凝土种类:预拌\n2.混凝土强度等级:C25",null,"m3",162.0464,767.87,null,124430.57]
["本页小计",{"$nulls":8},358825.21]
["注：为计取规费等的使用，可在表中增设其中：“定额人工费”。"]
[{"$nulls":8},"表—08"]
["分部分项工程和单价措施项目清单与计价表"]
["工程名称：建筑工程",{"$nulls":3},"标段：",{"$nulls":3},"第 2 页  共 4 页"]
["序号","项目编码","项目名称","项目特征描述",null,"计量单位","工程量","金额（元）"]
[{"$nulls":7},"综合单价",null,"综合合价","其中"]
[{"$nulls":10},"暂估价"]
[12,"010505007001","天沟(檐沟)、挑檐板","1.混凝土种类:现浇\n2.混凝土强度等级:C25",null,"m3",1.4461,961.26,null,1390.08]
[13,"010506001001","直形楼梯",null,null,"m3",59.488,827.16,null,49206.09]
[14,"010507001001","散水、坡道","1.垫层材料种类、厚度:120\n2.混凝土种类:预拌\n3.混凝土强度等级:C25",null,"m2",8.3544,798.11,null,6667.73]
[15,"010507001002","散水、坡道","1.垫层材料种类、厚度:混凝土、100\n2.面层厚度:20mm\n3.混凝土种类:现浇\n4.混凝土强度等级:C25",null,"m2",62.2547,798.11,null,49686.1]
[16,"010507004001","台阶","1.踏步高、宽:450mm\n2.混凝土种类:现浇\n3.混凝土强度等级:C25",null,"m3",4.5891,829.55,null,3806.89]
[null,"A.8","门窗工程",{"$nulls":6},25711.62]
[17,"010801001001","木质门","1.门代号及洞口尺寸:M1027、1000*2700\n2.镶嵌玻璃品种、厚度:60",null,"m2",56.7,45.88,null,2601.4]
[18,"010805005001","全玻自由门","1.门代号及洞口尺寸:M1527、1500*2700\n2.门框或扇外围尺寸:60\n3.玻璃品种、厚度:钢化玻璃、12mm",null,"m2",4.05,56.63,null,229.35]
[19,"010805005002","全玻自由门","1.门代号及洞口尺寸:M2927、2900*2700\n2.门框或扇外围尺寸:60\n3.玻璃品种、厚度:钢化玻璃、12mm",null,"m2",7.83,56.63,null,443.41]
[20,"010807001001","金属(塑钢、断桥)窗","1.窗代号及洞口尺寸:C1218、1200*1800\n2.玻璃品种、厚度:中空玻璃、5+9+5",null,"m2",38.88,85.32,null,3317.24]
[21,"010807001002","金属(塑钢、断桥)窗","1.窗代号及洞口尺寸:C1518、1500*1800\n2.玻璃品种、厚度:中空玻璃、5+9+5",null,"m2",37.8,85.32,null,3225.1]
["本页小计",{"$nulls":8},120573.39]
["注：为计取规费等的使用，可在表中增设其中：“定额人工费”。"]
[{"$nulls":8},"表—08"]
["分部分项工程和单价措施项目清单与计价表"]
["工程名称：建筑工程",{"$nulls":3},"标段：",{"$nulls":3},"第 3 页  共 4 页"]
["序号","项目编码","项目名称","项目特征描述",null,"计量单位","工程量","金额（元）"]
[{"$nulls":7},"综合单价",null,"综合合价","其中"]
[{"$nulls":10},"暂估价"]
[22,"010807001003","金属(塑钢、断桥)窗","1.窗代号及洞口尺寸:C2118、2100*1800\n2.玻璃品种、厚度:中空玻璃、5+9+5",null,"m2",86.94,85.32,null,7417.72]
[23,"010807001004","金属(塑钢、断桥)窗","1.窗代号及洞口尺寸:C2418、2400*1800\n2.玻璃品种、厚度:中空玻璃、5+9+5",null,"m2",99.36,85.32,null,8477.4]
[null,"A.12","墙、柱面装饰与隔断、幕墙工程",{"$nulls":6},42828.26]
[24,"011201001001","墙面一般抹灰",null,null,"m2",618.0125,37.78,null,23348.51]
[25,"011201004001","立面砂浆找平层",null,null,"m2",618.0125,31.52,null,19479.75]
[null,"A.15","其他装饰工程",{"$nulls":6},838.08]
[26,"011503001001","金属扶手、栏杆、栏板",null,null,"m",5.9996,139.69,null,838.08]
[null,null,"措施项目",{"$nulls":6},135956.12]
[null,"2","措施其他项目",{"$nulls":6},135956.12]
[28,"011702001001","基础","1.基础类型:独立基础",null,"m2",62,48.87,null,3029.94]
[29,"011702002001","矩形柱","1.柱高:0.9m\n2.周长:1.2m",null,"m2",21.42,67.66,null,1449.28]
[30,"011702002002","矩形柱","1.柱高:0.9m\n2.周长:1.7m",null,"m2",11.9,54.82,null,652.36]
[31,"011702002003","矩形柱","1.柱高:0.9m\n2.周长:1.6m",null,"m2",15.96,54.82,null,874.93]
[32,"011702002004","矩形柱","1.柱高:3.3m\n2.周长:1.7m",null,"m2",184.8,54.82,null,10130.74]
[33,"011702002005","矩形柱","1.柱高:3.3m\n2.周长:1.6m",null,"m2",47.52,54.82,null,2605.05]
[34,"011702005001","基础梁","1.梁截面形状:矩形",null,"m2",163.0833,57.52,null,9380.55]
[35,"011702006001","矩形梁","1.支撑高度:3.3m",null,"m2",758.2048,65.02,null,49298.48]
["本页小计",{"$nulls":8},136982.79]
["注：为计取规费等的使用，可在表中增设其中：“定额人工费”。"]
[{"$nulls":8},"表—08"]
["分部分项工程和单价措施项目清单与计价表"]
["工程名称：建筑工程",{"$nulls":3},"标段：",{"$nulls":3},"第 4 页  共 4 页"]
["序号","项目编码","项目名称","项目特征描述",null,"计量单位","工程量","金额（元）"]
[{"$nulls":7},"综合单价",null,"综合合价","其中"]
[{"$nulls":10},"暂估价"]
[36,"011702014001","有梁板","1.支撑高度:3.3m",null,"m2",932.164,60.79,null,56666.25]
[37,"011702022001","天沟、檐沟","1.构件类型:挑檐",null,"m2",28.2076,60.09,null,1694.99]
[38,"011702027001","台阶","1.台阶踏步宽:150mm",null,"m2",4.404,38.81,null,170.92]
[39,"011702028001","扶手","1.扶手断面尺寸:100mm",null,"m2",6.5779,0.4,null,2.63]
{"$rows_empty":24}
["本页小计",{"$nulls":8},58534.79]
["合   计",{"$nulls":8},674916.18]
["注：为计取规费等的使用，可在表中增设其中：“定额人工费”。"]
[{"$nulls":8},"表—08"]

{"sheet":"表-08 分部分项工程和单价措施项目清单与计价表(含分部小计)","index":6,"n_rows":101,"n_cols":11,"rows_kept":101,"merged":[[0,0,0,10],[1,0,1,3],[1,4,1,7],[1,8,1,10],[2,0,4,0],[2,1,4,1],[2,2,4,2],[2,3,4,4],[2,5,4,5],[2,6,4,6],[2,7,2,10],[3,7,4,8],[3,9,4,9],[5,3,5,4],[5,7,5,8],[6,3,6,4],[6,7,6,8],[7,3,7,4],[7,7,7,8],[8,3,8,4],[8,7,8,8],[9,3,9,4],[9,7,9,8],[10,3,10,4],[10,7,10,8],[11,3,11,4],[11,7,11,8],[12,3,12,4],[12,7,12,8],[13,3,13,4],[13,7,13,8],[14,3,14,4],[14,7,14,8],[15,3,15,4],[15,7,15,8],[16,3,16,4],[16,7,16,8],[17,3,17,4],[17,7,17,8],[18,3,18,4],[18,7,18,8],[19,0,19,8],[20,0,20,10],[21,0,21,3],[21,4,21,7],[21,8,21,10],[22,0,22,10],[23,0,23,3],[23,4,23,7],[23,8,23,10],[24,0,26,0],[24,1,26,1],[24,2,26,2],[24,3,26,4],[24,5,26,5],[24,6,26,6],[24,7,24,10],[25,7,26,8],[25,9,26,9],[27,3,27,4],[27,7,27,8],[28,3,28,4],[28,7,28,8],[29,3,29,4],[29,7,29,8],[30,3,30,4],[30,7,30,8],[31,3,31,4],[31,7,31,8],[32,3,32,4],[32,7,32,8],[33,3,33,4],[33,7,33,8],[34,3,34,4],[34,7,34,8],[35,3,35,4],[35,7,35,8],[36,3,36,4],[36,7,36,8],[37,3,37,4],[37,7,37,8],[38,3,38,4],[38,7,38,8],[39,3,39,4],[39,7,39,8],[40,0,40,8],[41,0,41,10],[42,0,42,3],[42,4,42,7],[42,8,42,10],[43,0,43,10],[44,0,44,3],[44,4,44,7],[44,8,44,10],[45,0,47,0],[45,1,47,1],[45,2,47,2],[45,3,47,4],[45,5,47,5],[45,6,47,6],[45,7,45,10],[46,7,47,8],[46,9,47,9],[48,3,48,4],[48,7,48,8],[49,3,49,4],[49,7,49,8],[50,3,50,4],[50,7,50,8],[51,3,51,4],[51,7,51,8],[52,3,52,4],[52,7,52,8],[53,3,53,4],[53,7,53,8],[54,3,54,4],[54,7,54,8],[55,3,55,4],[55,7,55,8],[56,3,56,4],[56,7,56,8],[57,3,57,4],[57,7,57,8],[58,3,58,4],[58,7,58,8],[59,3,59,4],[59,7,59,8],[60,3,60,4],[60,7,60,8],[61,3,61,4],[61,7,61,8],[62,3,62,4],[62,7,62,8],[63,3,63,4],[63,7,63,8],[64,3,64,4],[64,7,64,8],[65,0,65,8],[66,0,66,10],[67,0,67,3],[67,4,67,7],[67,8,67,10],[68,0,68,10],[69,0,69,3],[69,4,69,7],[69,8,69,10],[70,0,72,0],[70,1,72,1],[70,2,72,2],[70,3,72,4],[70,5,72,5],[70,6,72,6],[70,7,70,10],[71,7,72,8],[71,9,72,9],[73,3,73,4],[73,7,73,8],[74,3,74,4],[74,7,74,8],[75,3,75,4],[75,7,75,8],[76,3,76,4],[76,7,76,8],[77,3,77,4],[77,7,77,8],[78,3,78,4],[78,7,78,8],[79,3,79,4],[79,7,79,8],[80,3,80,4],[80,7,80,8],[81,3,81,4],[81,7,81,8],[82,3,82,4],[82,7,82,8],[83,3,83,4],[83,7,83,8],[84,3,84,4],[84,7,84,8],[85,3,85,4],[85,7,85,8],[86,3,86,4],[86,7,86,8],[87,3,87,4],[87,7,87,8],[88,3,88,4],[88,7,88,8],[89,3,89,4],[89,7,89,8],[90,3,90,4],[90,7,90,8],[91,3,91,4],[91,7,91,8],[92,3,92,4],[92,7,92,8],[93,3,93,4],[93,7,93,8],[94,3,94,4],[94,7,94,8],[95,3,95,4],[95,7,95,8],[96,3,96,4],[96,7,96,8],[97,0,97,8],[98,0,98,8],[99,0,99,10],[100,0,100,3],[100,4,100,7],[100,8,100,10]]}
["分部分项工程和单价措施项目清单与计价表"]
["工程名称：建筑工程",{"$nulls":3},"标段：",{"$nulls":3},"第 1 页  共 4 页"]
["序号","项目编码","项目名称","项目特征描述",null,"计量单位","工程量","金额（元）"]
[{"$nulls":7},"综合单价",null,"综合合价","其中"]
[{"$nulls":10},"暂估价"]
[null,"A.1","土石方工程"]
[1,"010101001001","平整场地","1.土壤类别:三类土\n2.弃土运距:500m 以内\n3.取土运距:20m 以内",null,"m2",371.91,2.3,null,855.39]
[null,null,"土石方工程合计",{"$nulls":6},855.39]
[null,"A.4","砌筑工程"]
[2,"010402001001","砌块墙","1.砌块品种、规格、强度等级:加气混凝土砌块、200mm MU5\n2.墙体类型:外墙\n3.砂浆强度等级:水泥砂浆M7.5",null,"m3",71.1378,499.85,null,35558.23]
[3,"010402001002","砌块墙","1.砌块品种、规格、强度等级:加气混凝土砌块、200mm MU5\n2.墙体类型:内墙\n3.砂浆强度等级:水泥砂浆M7.5",null,"m3",82.9282,499.85,null,41451.66]
[4,"010402001003","砌块墙","1.砌块品种、规格、强度等级:加气混凝土砌块、120mm MU5\n2.墙体类型:外墙\n3.砂浆强度等级:水泥砂浆M7.5",null,"m3",5.7256,499.85,null,2861.94]
[5,"010404001001","垫层","1.垫层材料种类、配合比、厚度:现浇砼C15",null,"m3",14.682,746.2,null,10955.71]
[null,null,"砌筑工程合计",{"$nulls":6},90827.54]
[null,"A.5","混凝土及钢筋混凝土工程"]
[6,"010501001001","垫层","1.混凝土种类:现浇\n2.混凝土强度等级:C15",null,"m3",14.682,28.77,null,422.4]
[7,"010501003001","独立基础","1.混凝土种类:预拌\n2.混凝土强度等级:C25",null,"m3",61.2453,753.45,null,46145.27]
[8,"010502001001","矩形柱","1.混凝土种类:预拌\n2.混凝土强度等级:C25",null,"m3",29.44,870.8,null,25636.35]
[9,"010503001001","基础梁","1.混凝土种类:现浇\n2.混凝土强度等级:C25",null,"m3",20.147,749.8,null,15106.22]
["本页小计",{"$nulls":8},178993.17]
["注：为计取规费等的使用，可在表中增设其中：“定额人工费”。"]
[{"$nulls":8},"表—08"]
["分部分项工程和单价措施项目清单与计价表"]
["工程名称：建筑工程",{"$nulls":3},"标段：",{"$nulls":3},"第 2 页  共 4 页"]
["序号","项目编码","项目名称","项目特征描述",null,"计量单位","工程量","金额（元）"]
[{"$nulls":7},"综合单价",null,"综合合价","其中"]
[{"$nulls":10},"暂估价"]
[10,"010503002001","矩形梁","1.混凝土种类:现浇\n2.混凝土强度等级:C25",null,"m3",72.3153,766.11,null,55401.47]
[11,"010505001001","有梁板","1.混凝土种类:预拌\n2.混凝土强度等级:C25",null,"m3",162.0464,767.87,null,124430.57]
[12,"010505007001","天沟(檐沟)、挑檐板","1.混凝土种类:现浇\n2.混凝土强度等级:C25",null,"m3",1.4461,961.26,null,1390.08]
[13,"010506001001","直形楼梯",null,null,"m3",59.488,827.16,null,49206.09]
[14,"010507001001","散水、坡道","1.垫层材料种类、厚度:120\n2.混凝土种类:预拌\n3.混凝土强度等级:C25",null,"m2",8.3544,798.11,null,6667.73]
[15,"010507001002","散水、坡道","1.垫层材料种类、厚度:混凝土、100\n2.面层厚度:20mm\n3.混凝土种类:现浇\n4.混凝土强度等级:C25",null,"m2",62.2547,798.11,null,49686.1]
[16,"010507004001","台阶","1.踏步高、宽:450mm\n2.混凝土种类:现浇\n3.混凝土强度等级:C25",null,"m3",4.5891,829.55,null,3806.89]
[null,null,"混凝土及钢筋混凝土工程合计",{"$nulls":6},377899.17]
[null,"A.8","门窗工程"]
[17,"010801001001","木质门","1.门代号及洞口尺寸:M1027、1000*2700\n2.镶嵌玻璃品种、厚度:60",null,"m2",56.7,45.88,null,2601.4]
[18,"010805005001","全玻自由门","1.门代号及洞口尺寸:M1527、1500*2700\n2.门框或扇外围尺寸:60\n3.玻璃品种、厚度:钢化玻璃、12mm",null,"m2",4.05,56.63,null,229.35]
[19,"010805005002","全玻自由门","1.门代号及洞口尺寸:M2927、2900*2700\n2.门框或扇外围尺寸:60\n3.玻璃品种、厚度:钢化玻璃、12mm",null,"m2",7.83,56.63,null,443.41]
[20,"010807001001","金属(塑钢、断桥)窗","1.窗代号及洞口尺寸:C1218、1200*1800\n2.玻璃品种、厚度:中空玻璃、5+9+5",null,"m2",38.88,85.32,null,3317.24]
["本页小计",{"$nulls":8},297180.33]
["注：为计取规费等的使用，可在表中增设其中：“定额人工费”。"]
[{"$nulls":8},"表—08"]
["分部分项工程和单价措施项目清单与计价表"]
["工程名称：建筑工程",{"$nulls":3},"标段：",{"$nulls":3},"第 3 页  共 4 页"]
["序号","项目编码","项目名称","项目特征描述",null,"计量单位","工程量","金额（元）"]
[{"$nulls":7},"综合单价",null,"综合合价","其中"]
[{"$nulls":10},"暂估价"]
[21,"010807001002","金属(塑钢、断桥)窗","1.窗代号及洞口尺寸:C1518、1500*1800\n2.玻璃品种、厚度:中空玻璃、5+9+5",null,"m2",37.8,85.32,null,3225.1]
[22,"010807001003","金属(塑钢、断桥)窗","1.窗代号及洞口尺寸:C2118、2100*1800\n2.玻璃品种、厚度:中空玻璃、5+9+5",null,"m2",86.94,85.32,null,7417.72]
[23,"010807001004","金属(塑钢、断桥)窗","1.窗代号及洞口尺寸:C2418、2400*1800\n2.玻璃品种、厚度:中空玻璃、5+9+5",null,"m2",99.36,85.32,null,8477.4]
[null,null,"门窗工程合计",{"$nulls":6},25711.62]
[null,"A.12","墙、柱面装饰与隔断、幕墙工程"]
[24,"011201001001","墙面一般抹灰",null,null,"m2",618.0125,37.78,null,23348.51]
[25,"011201004001","立面砂浆找平层",null,null,"m2",618.0125,31.52,null,19479.75]
[null,null,"墙、柱面装饰与隔断、幕墙工程合计",{"$nulls":6},42828.26]
[null,"A.15","其他装饰工程"]
[26,"011503001001","金属扶手、栏杆、栏板",null,null,"m",5.9996,139.69,null,838.08]
[null,null,"其他装饰工程合计",{"$nulls":6},838.08]
[null,null,"分部分项合计",{"$nulls":6},538960.06]
[null,null,"措施项目"]
[27,null,"综合脚手架",null,null,"项",860.07]
[28,"011702001001","基础","1.基础类型:独立基础",null,"m2",62,48.87,null,3029.94]
[29,"011702002001","矩形柱","1.柱高:0.9m\n2.周长:1.2m",null,"m2",21.42,67.66,null,1449.28]
[30,"011702002002","矩形柱","1.柱高:0.9m\n2.周长:1.7m",null,"m2",11.9,54.82,null,652.36]
["本页小计",{"$nulls":8},67918.14]
["注：为计取规费等的使用，可在表中增设其中：“定额人工费”。"]
[{"$nulls":8},"表—08"]
["分部分项工程和单价措施项目清单与计价表"]
["工程名称：建筑工程",{"$nulls":3},"标段：",{"$nulls":3},"第 4 页  共 4 页"]
["序号","项目编码","项目名称","项目特征描述",null,"计量单位","工程量","金额（元）"]
[{"$nulls":7},"综合单价",null,"综合合价","其中"]
[{"$nulls":10},"暂估价"]
[31,"011702002003","矩形柱","1.柱高:0.9m\n2.周长:1.6m",null,"m2",15.96,54.82,null,874.93]
[32,"011702002004","矩形柱","1.柱高:3.3m\n2.周长:1.7m",null,"m2",184.8,54.82,null,10130.74]
[33,"011702002005","矩形柱","1.柱高:3.3m\n2.周长:1.6m",null,"m2",47.52,54.82,null,2605.05]
[34,"011702005001","基础梁","1.梁截面形状:矩形",null,"m2",163.0833,57.52,null,9380.55]
[35,"011702006001","矩形梁","1.支撑高度:3.3m",null,"m2",758.2048,65.02,null,49298.48]
[36,"011702014001","有梁板","1.支撑高度:3.3m",null,"m2",932.164,60.79,null,56666.25]
[37,"011702022001","天沟、檐沟","1.构件类型:挑檐",null,"m2",28.2076,60.09,null,1694.99]
[38,"011702027001","台阶","1.台阶踏步宽:150mm",null,"m2",4.404,38.81,null,170.92]
[39,"011702028001","扶手","1.扶手断面尺寸:100mm",null,"m2",6.5779,0.4,null,2.63]
[null,null,"单价措施合计",{"$nulls":6},135956.12]
{"$rows_empty":14}
["本页小计",{"$nulls":8},130824.54]
["合   计",{"$nulls":8},674916.18]
["注：为计取规费等的使用，可在表中增设其中：“定额人工费”。"]
[{"$nulls":8},"表—08"]

{"sheet":"表-09 综合单价分析表","index":7,"n_rows":878,"n_cols":14,"rows_kept":878,"merged":[[0,0,0,13],[1,0,1,7],[1,8,1,9],[1,10,1,13],[2,0,2,1],[2,2,2,3],[2,5,2,8],[2,9,2,10],[3,0,3,13],[4,4,4,8],[4,9,4,13],[5,7,5,8],[5,9,5,10],[6,7,6,8],[6,9,6,10],[7,0,7,1],[7,2,7,8],[7,9,7,10],[8,0,8,1],[8,2,8,8],[8,9,8,13],[9,0,9,8],[9,9,9,13],[10,1,10,5],[10,7,10,8],[10,9,10,10],[11,1,11,5],[11,7,11,8],[11,9,11,10],[12,1,12,5],[12,7,12,8],[12,9,12,10],[13,1,13,5],[13,7,13,8],[13,9,13,10],[14,1,14,5],[14,7,14,8],[14,9,14,10],[15,1,15,5],[15,7,15,8],[15,9,15,10],[16,1,16,5],[16,7,16,8],[16,9,16,10],[17,1,17,5],[17,7,17,8],[17,9,17,10],[18,1,18,5],[18,7,18,8],[18,9,18,10],[19,0,19,13],[20,0,20,7],[20,8,20,9],[20,10,20,13],[21,0,21,13],[22,0,22,7],[22,8,22,9],[22,10,22,13],[23,0,23,1],[23,2,23,3],[23,5,23,8],[23,9,23,10],[24,0,24,13],[25,4,25,8],[25,9,25,13],[26,7,26,8],[26,9,26,10],[27,7,27,8],[27,9,27,10],[28,7,28,8],[28,9,28,10],[29,0,29,1],[29,2,29,8],[29,9,29,10],[30,0,30,1],[30,2,30,8],[30,9,30,13],[31,0,31,8],[31,9,31,13],[32,1,32,5],[32,7,32,8],[32,9,32,10],[33,1,33,8],[33,9,33,10],[34,1,34,8],[34,9,34,10],[35,1,35,5],[35,7,35,8],[35,9,35,10],[36,1,36,5],[36,7,36,8],[36,9,36,10],[37,1,37,5],[37,7,37,8],[37,9,37,10],[38,1,38,5],[38,7,38,8],[38,9,38,10],[39,1,39,5],[39,7,39,8],[39,9,39,10],[40,1,40,5],[40,7,40,8],[40,9,40,10],[41,0,41,13],[42,0,42,7],[42,8,42,9],[42,10,42,13],[43,0,43,13],[44,0,44,7],[44,8,44,9],[44,10,44,13],[45,0,45,1],[45,2,45,3],[45,5,45,8],[45,9,45,10],[46,0,46,13],[47,4,47,8],[47,9,47,13],[48,7,48,8],[48,9,48,10],[49,7,49,8],[49,9,49,10],[50,7,50,8],[50,9,50,10],[51,0,51,1],[51,2,51,8],[51,9,51,10],[52,0,52,1],[52,2,52,8],[52,9,52,13],[53,0,53,8],[53,9,53,13],[54,1,54,5],[54,7,54,8],[54,9,54,10],[55,1,55,8],[55,9,55,10],[56,1,56,8],[56,9,56,10],[57,1,57,5],[57,7,57,8],[57,9,57,10],[58,1,58,5],[58,7,58,8],[58,9,58,10],[59,1,59,5],[59,7,59,8],[59,9,59,10],[60,1,60,5],[60,7,60,8],[60,9,60,10],[61,1,61,5],[61,7,61,8],[61,9,61,10],[62,1,62,5],[62,7,62,8],[62,9,62,10],[63,0,63,13],[64,0,64,7],[64,8,64,9],[64,10,64,13],[65,0,65,13],[66,0,66,7],[66,8,66,9],[66,10,66,13],[67,0,67,1],[67,2,67,3],[67,5,67,8],[67,9,67,10],[68,0,68,13],[69,4,69,8],[69,9,69,13],[70,7,70,8],[70,9,70,10],[71,7,71,8],[71,9,71,10],[72,7,72,8],[72,9,72,10],[73,0,73,1],[73,2,73,8],[73,9,73,10],[74,0,74,1],[74,2,74,8],[74,9,74,13],[75,0,75,8],[75,9,75,13],[76,1,76,5],[76,7,76,8],[76,9,76,10],[77,1,77,8],[77,9,77,10],[78,1,78,8],[78,9,78,10],[79,1,79,5],[79,7,79,8],[79,9,79,10],[80,1,80,5],[80,7,80,8],[80,9,80,10],[81,1,81,5],[81,7,81,8],[81,9,81,10],[82,1,82,5],[82,7,82,8],[82,9,82,10],[83,1,83,5],[83,7,83,8],[83,9,83,10],[84,1,84,5],[84,7,84,8],[84,9,84,10],[85,0,85,13],[86,0,86,7],[86,8,86,9],[86,10,86,13],[87,0,87,13],[88,0,88,7],[88,8,88,9],[88,10,88,13],[89,0,89,1],[89,2,89,3],[89,5,89,8],[89,9,89,10],[90,0,90,13],[91,4,91,8],[91,9,91,13],[92,7,92,8],[92,9,92,10],[93,7,93,8],[93,9,93,10],[94,7,94,8],[94,9,94,10],[95,0,95,1],[95,2,95,8],[95,9,95,10],[96,0,96,1],[96,2,96,8],[96,9,96,13],[97,0,97,8],[97,9,97,13],[98,1,98,5],[98,7,98,8],[98,9,98,10],[99,1,99,8],[99,9,99,10],[100,1,100,8],[100,9,100,10],[101,1,101,5],[101,7,101,8],[101,9,101,10],[102,1,102,5],[102,7,102,8],[102,9,102,10],[103,1,103,5],[103,7,103,8],[103,9,103,10],[104,1,104,5],[104,7,104,8],[104,9,104,10],[105,1,105,5],[105,7,105,8],[105,9,105,10],[106,1,106,5],[106,7,106,8],[106,9,106,10],[107,1,107,5],[107,7,107,8],[107,9,107,10],[108,0,108,13],[109,0,109,7],[109,8,109,9],[109,10,109,13],[110,0,110,13],[111,0,111,7],[111,8,111,9],[111,10,111,13],[112,0,112,1],[112,2,112,3],[112,5,112,8],[112,9,112,10],[113,0,113,13],[114,4,114,8],[114,9,114,13],[115,7,115,8],[115,9,115,10],[116,7,116,8],[116,9,116,10],[117,0,117,1],[117,2,117,8],[117,9,117,10],[118,0,118,1],[118,2,118,8],[118,9,118,13],[119,0,119,8],[119,9,119,13],[120,1,120,5],[120,7,120,8],[120,9,120,10],[121,1,121,8],[121,9,121,10],[122,1,122,8],[122,9,122,10],[123,1,123,5],[123,7,123,8],[123,9,123,10],[124,1,124,5],[124,7,124,8],[124,9,124,10],[125,1,125,5],[125,7,125,8],[125,9,125,10],[126,1,126,5],[126,7,126,8],[126,9,126,10],[127,1,127,5],[127,7,127,8],[127,9,127,10],[128,1,128,5],[128,7,128,8],[128,9,128,10],[129,1,129,5],[129,7,129,8],[129,9,129,10],[130,1,130,5],[130,7,130,8],[130,9,130,10],[131,0,131,13],[132,0,132,7],[132,8,132,9],[132,10,132,13],[133,0,133,13],[134,0,134,7],[134,8,134,9],[134,10,134,13],[135,0,135,1],[135,2,135,3],[135,5,135,8],[135,9,135,10],[136,0,136,13],[137,4,137,8],[137,9,137,13],[138,7,138,8],[138,9,138,10],[139,7,139,8],[139,9,139,10],[140,7,140,8],[140,9,140,10],[141,0,141,1],[141,2,141,8],[141,9,141,10],[142,0,142,1],[142,2,142,8],[142,9,142,13],[143,0,143,8],[143,9,143,13],[144,1,144,5],[144,7,144,8],[144,9,144,10],[145,1,145,8],[145,9,145,10],[146,1,146,8],[146,9,146,10],[147,1,147,5],[147,7,147,8],[147,9,147,10],[148,1,148,5],[148,7,148,8],[148,9,148,10],[149,1,149,5],[149,7,149,8],[149,9,149,10],[150,1,150,5],[150,7,150,8],[150,9,150,10],[151,1,151,5],[151,7,151,8],[151,9,151,10],[152,1,152,5],[152,7,152,8],[152,9,152,10],[153,0,153,13],[154,0,154,7],[154,8,154,9],[154,10,154,13],[155,0,155,13],[156,0,156,7],[156,8,156,9],[156,10,156,13],[157,0,157,1],[157,2,157,3],[157,5,157,8],[157,9,157,10],[158,0,158,13],[159,4,159,8],[159,9,159,13],[160,7,160,8],[160,9,160,10],[161,7,161,8],[161,9,161,10],[162,7,162,8],[162,9,162,10],[163,0,163,1],[163,2,163,8],[163,9,163,10],[164,0,164,1],[164,2,164,8],[164,9,164,13],[165,0,165,8],[165,9,165,13],[166,1,166,5],[166,7,166,8],[166,9,166,10],[167,1,167,8],[167,9,167,10],[168,1,168,8],[168,9,168,10],[169,1,169,5],[169,7,169,8],[169,9,169,10],[170,1,170,5],[170,7,170,8],[170,9,170,10],[171,1,171,5],[171,7,171,8],[171,9,171,10],[172,1,172,5],[172,7,172,8],[172,9,172,10],[173,1,173,5],[173,7,173,8],[173,9,173,10],[174,0,174,13],[175,0,175,7],[175,8,175,9],[175,10,175,13],[176,0,176,13],[177,0,177,7],[177,8,177,9],[177,10,177,13],[178,0,178,1],[178,2,178,3],[178,5,178,8],[178,9,178,10],[179,0,179,13],[180,4,180,8],[180,9,180,13],[181,7,181,8],[181,9,181,10],[182,7,182,8],[182,9,182,10],[183,7,183,8],[183,9,183,10],[184,0,184,1],[184,2,184,8],[184,9,184,10],[185,0,185,1],[185,2,185,8],[185,9,185,13],[186,0,186,8],[186,9,186,13],[187,1,187,5],[187,7,187,8],[187,9,187,10],[188,1,188,8],[188,9,188,10],[189,1,189,8],[189,9,189,10],[190,1,190,5],[190,7,190,8],[190,9,190,10],[191,1,191,5],[191,7,191,8],[191,9,191,10],[192,1,192,5],[192,7,192,8],[192,9,192,10],[193,1,193,5],[193,7,193,8],[193,9,193,10],[194,1,194,5],[194,7,194,8],[194,9,194,10],[195,1,195,5],[195,7,195,8],[195,9,195,10],[196,0,196,13],[197,0,197,7],[197,8,197,9],[197,10,197,13],[198,0,198,13],[199,0,199,7],[199,8,199,9],[199,10,199,13],[200,0,200,1],[200,2,200,3],[200,5,200,8],[200,9,200,10],[201,0,201,13],[202,4,202,8],[202,9,202,13],[203,7,203,8],[203,9,203,10],[204,7,204,8],[204,9,204,10],[205,7,205,8],[205,9,205,10],[206,0,206,1],[206,2,206,8],[206,9,206,10],[207,0,207,1],[207,2,207,8],[207,9,207,13],[208,0,208,8],[208,9,208,13],[209,1,209,5],[209,7,209,8],[209,9,209,10],[210,1,210,8],[210,9,210,10],[211,1,211,8],[211,9,211,10],[212,1,212,5],[212,7,212,8],[212,9,212,10],[213,1,213,5],[213,7,213,8],[213,9,213,10],[214,1,214,5],[214,7,214,8],[214,9,214,10],[215,1,215,5],[215,7,215,8],[215,9,215,10],[216,1,216,5],[216,7,216,8],[216,9,216,10],[217,1,217,5],[217,7,217,8],[217,9,217,10],[218,0,218,13],[219,0,219,7],[219,8,219,9],[219,10,219,13],[220,0,220,13],[221,0,221,7],[221,8,221,9],[221,10,221,13],[222,0,222,1],[222,2,222,3],[222,5,222,8],[222,9,222,10],[223,0,223,13],[224,4,224,8],[224,9,224,13],[225,7,225,8],[225,9,225,10],[226,7,226,8],[226,9,226,10],[227,7,227,8],[227,9,227,10],[228,0,228,1],[228,2,228,8],[228,9,228,10],[229,0,229,1],[229,2,229,8],[229,9,229,13],[230,0,230,8],[230,9,230,13],[231,1,231,5],[231,7,231,8],[231,9,231,10],[232,1,232,8],[232,9,232,10],[233,1,233,8],[233,9,233,10],[234,1,234,5],[234,7,234,8],[234,9,234,10],[235,1,235,5],[235,7,235,8],[235,9,235,10],[236,1,236,5],[236,7,236,8],[236,9,236,10],[237,1,237,5],[237,7,237,8],[237,9,237,10],[238,1,238,5],[238,7,238,8],[238,9,238,10],[239,1,239,5],[239,7,239,8],[239,9,239,10],[240,0,240,13],[241,0,241,7],[241,8,241,9],[241,10,241,13],[242,0,242,13],[243,0,243,7],[243,8,243,9],[243,10,243,13],[244,0,244,1],[244,2,244,3],[244,5,244,8],[244,9,244,10],[245,0,245,13],[246,4,246,8],[246,9,246,13],[247,7,247,8],[247,9,247,10],[248,7,248,8],[248,9,248,10],[249,7,249,8],[249,9,249,10],[250,0,250,1],[250,2,250,8],[250,9,250,10],[251,0,251,1],[251,2,251,8],[251,9,251,13],[252,0,252,8],[252,9,252,13],[253,1,253,5],[253,7,253,8],[253,9,253,10],[254,1,254,8],[254,9,254,10],[255,1,255,8],[255,9,255,10],[256,1,256,5],[256,7,256,8],[256,9,256,10],[257,1,257,5],[257,7,257,8],[257,9,257,10],[258,1,258,5],[258,7,258,8],[258,9,258,10],[259,1,259,5],[259,7,259,8],[259,9,259,10],[260,1,260,5],[260,7,260,8],[260,9,260,10],[261,1,261,5],[261,7,261,8],[261,9,261,10],[262,0,262,13],[263,0,263,7],[263,8,263,9],[263,10,263,13],[264,0,264,13],[265,0,265,7],[265,8,265,9],[265,10,265,13],[266,0,266,1],[266,2,266,3],[266,5,266,8],[266,9,266,10],[267,0,267,13],[268,4,268,8],[268,9,268,13],[269,7,269,8],[269,9,269,10],[270,7,270,8],[270,9,270,10],[271,7,271,8],[271,9,271,10],[272,0,272,1],[272,2,272,8],[272,9,272,10],[273,0,273,1],[273,2,273,8],[273,9,273,13],[274,0,274,8],[274,9,274,13],[275,1,275,5],[275,7,275,8],[275,9,275,10],[276,1,276,8],[276,9,276,10],[277,1,277,8],[277,9,277,10],[278,1,278,5],[278,7,278,8],[278,9,278,10],[279,1,279,5],[279,7,279,8],[279,9,279,10],[280,1,280,5],[280,7,280,8],[280,9,280,10],[281,1,281,5],[281,7,281,8],[281,9,281,10],[282,1,282,5],[282,7,282,8],[282,9,282,10],[283,1,283,5],[283,7,283,8],[283,9,283,10],[284,0,284,13],[285,0,285,7],[285,8,285,9],[285,10,285,13],[286,0,286,13],[287,0,287,7],[287,8,287,9],[287,10,287,13],[288,0,288,1],[288,2,288,3],[288,5,288,8],[288,9,288,10],[289,0,289,13],[290,4,290,8],[290,9,290,13],[291,7,291,8],[291,9,291,10],[292,7,292,8],[292,9,292,10],[293,7,293,8],[293,9,293,10],[294,0,294,1],[294,2,294,8],[294,9,294,10],[295,0,295,1],[295,2,295,8],[295,9,295,13],[296,0,296,8],[296,9,296,13],[297,1,297,5],[297,7,297,8],[297,9,297,10],[298,1,298,8],[298,9,298,10],[299,1,299,8],[299,9,299,10],[300,1,300,5],[300,7,300,8],[300,9,300,10],[301,1,301,5],[301,7,301,8],[301,9,301,10],[302,1,302,5],[302,7,302,8],[302,9,302,10],[303,1,303,5],[303,7,303,8],[303,9,303,10],[304,1,304,5],[304,7,304,8],[304,9,304,10],[305,1,305,5],[305,7,305,8],[305,9,305,10],[306,0,306,13],[307,0,307,7],[307,8,307,9],[307,10,307,13],[308,0,308,13],[309,0,309,7],[309,8,309,9],[309,10,309,13],[310,0,310,1],[310,2,310,3],[310,5,310,8],[310,9,310,10],[311,0,311,13],[312,4,312,8],[312,9,312,13],[313,7,313,8],[313,9,313,10],[314,7,314,8],[314,9,314,10],[315,7,315,8],[315,9,315,10],[316,0,316,1],[316,2,316,8],[316,9,316,10],[317,0,317,1],[317,2,317,8],[317,9,317,13],[318,0,318,8],[318,9,318,13],[319,1,319,5],[319,7,319,8],[319,9,319,10],[320,1,320,8],[320,9,320,10],[321,1,321,8],[321,9,321,10],[322,1,322,5],[322,7,322,8],[322,9,322,10],[323,1,323,5],[323,7,323,8],[323,9,323,10],[324,1,324,5],[324,7,324,8],[324,9,324,10],[325,1,325,5],[325,7,325,8],[325,9,325,10],[326,1,326,5],[326,7,326,8],[326,9,326,10],[327,1,327,5],[327,7,327,8],[327,9,327,10],[328,0,328,13],[329,0,329,7],[329,8,329,9],[329,10,329,13],[330,0,330,13],[331,0,331,7],[331,8,331,9],[331,10,331,13],[332,0,332,1],[332,2,332,3],[332,5,332,8],[332,9,332,10],[333,0,333,13],[334,4,334,8],[334,9,334,13],[335,7,335,8],[335,9,335,10],[336,7,336,8],[336,9,336,10],[337,7,337,8],[337,9,337,10],[338,0,338,1],[338,2,338,8],[338,9,338,10],[339,0,339,1],[339,2,339,8],[339,9,339,13],[340,0,340,8],[340,9,340,13],[341,1,341,5],[341,7,341,8],[341,9,341,10],[342,1,342,8],[342,9,342,10],[343,1,343,8],[343,9,343,10],[344,1,344,5],[344,7,344,8],[344,9,344,10],[345,1,345,5],[345,7,345,8],[345,9,345,10],[346,1,346,5],[346,7,346,8],[346,9,346,10],[347,1,347,5],[347,7,347,8],[347,9,347,10],[348,1,348,5],[348,7,348,8],[348,9,348,10],[349,1,349,5],[349,7,349,8],[349,9,349,10],[350,0,350,13],[351,0,351,7],[351,8,351,9],[351,10,351,13],[352,0,352,13],[353,0,353,7],[353,8,353,9],[353,10,353,13],[354,0,354,1],[354,2,354,3],[354,5,354,8],[354,9,354,10],[355,0,355,13],[356,4,356,8],[356,9,356,13],[357,7,357,8],[357,9,357,10],[358,7,358,8],[358,9,358,10],[359,0,359,1],[359,2,359,8],[359,9,359,10],[360,0,360,1],[360,2,360,8],[360,9,360,13],[361,0,361,8],[361,9,361,13],[362,1,362,5],[362,7,362,8],[362,9,362,10],[363,1,363,8],[363,9,363,10],[364,1,364,8],[364,9,364,10],[365,1,365,5],[365,7,365,8],[365,9,365,10],[366,1,366,5],[366,7,366,8],[366,9,366,10],[367,1,367,5],[367,7,367,8],[367,9,367,10],[368,1,368,5],[368,7,368,8],[368,9,368,10],[369,1,369,5],[369,7,369,8],[369,9,369,10],[370,1,370,5],[370,7,370,8],[370,9,370,10],[371,1,371,5],[371,7,371,8],[371,9,371,10],[372,1,372,5],[372,7,372,8],[372,9,372,10],[373,0,373,13],[374,0,374,7],[374,8,374,9],[374,10,374,13],[375,0,375,13],[376,0,376,7],[376,8,376,9],[376,10,376,13],[377,0,377,1],[377,2,377,3],[377,5,377,8],[377,9,377,10],[378,0,378,13],[379,4,379,8],[379,9,379,13],[380,7,380,8],[380,9,380,10],[381,7,381,8],[381,9,381,10],[382,0,382,1],[382,2,382,8],[382,9,382,10],[383,0,383,1],[383,2,383,8],[383,9,383,13],[384,0,384,8],[384,9,384,13],[385,1,385,5],[385,7,385,8],[385,9,385,10],[386,1,386,8],[386,9,386,10],[387,1,387,8],[387,9,387,10],[388,1,388,5],[388,7,388,8],[388,9,388,10],[389,1,389,5],[389,7,389,8],[389,9,389,10],[390,1,390,5],[390,7,390,8],[390,9,390,10],[391,1,391,5],[391,7,391,8],[391,9,391,10],[392,1,392,5],[392,7,392,8],[392,9,392,10],[393,1,393,5],[393,7,393,8],[393,9,393,10],[394,1,394,5],[394,7,394,8],[394,9,394,10],[395,1,395,5],[395,7,395,8],[395,9,395,10],[396,0,396,13],[397,0,397,7],[397,8,397,9],[397,10,397,13],[398,0,398,13],[399,0,399,7],[399,8,399,9],[399,10,399,13],[400,0,400,1],[400,2,400,3],[400,5,400,8],[400,9,400,10],[401,0,401,13],[402,4,402,8],[402,9,402,13],[403,7,403,8],[403,9,403,10],[404,7,404,8],[404,9,404,10],[405,0,405,1]],"merged_total":2385,"flags":["merged_cut"]}
["综合单价分析表"]
["工程名称：建筑工程",{"$nulls":7},"标段：",null,"第 1 页  共 39 页"]
["项目编码",null,"010101001001",null,"项目名称","平整场地",{"$nulls":3},"计量单位",null,"m2","工程量",371.91]
["清单综合单价组成明细"]
["定额编号","定额项目名称","定额\n单位","数量","单价",{"$nulls":4},"合价"]
[{"$nulls":4},"人工费","材料费","机具费","管理费\n和利润",null,"人工费",null,"材料费","机具费","管理费\n和利润"]
["A1-1-1","平整场地","100m2",0.01,13.8,null,155.97,60.26,null,0.14,null,null,1.56,0.6]
["人工单价",null,"小计",{"$nulls":6},0.14,null,null,1.56,0.6]
[null,null,"未计价材料费"]
["清单项目综合单价",{"$nulls":8},2.3]
["材\n料\n费\n明\n细","主要材料名称、规格、型号",{"$nulls":4},"单位","数量",null,"单价（元）",null,"合价（元）","暂估单价\n（元）","暂估合价\n（元）"]
{"$rows_empty":8}
["注：1.如不使用省级或行业建设主管部门发布的计价依据，可不填定额编码、名称等；\n    2.招标文件提供了暂估单价的材料，按暂估的单价填入表内“暂估单价”栏及“暂估合价”栏。"]
[{"$nulls":10},"表-09"]
["综合单价分析表"]
["工程名称：建筑工程",{"$nulls":7},"标段：",null,"第 2 页  共 39 页"]
["项目编码",null,"010402001001",null,"项目名称","砌块墙",{"$nulls":3},"计量单位",null,"m3","工程量",71.1378]
["清单综合单价组成明细"]
["定额编号","定额项目名称","定额\n单位","数量","单价",{"$nulls":4},"合价"]
[{"$nulls":4},"人工费","材料费","机具费","管理费\n和利润",null,"人工费",null,"材料费","机具费","管理费\n和利润"]
["A1-4-48","蒸压加气混凝土砌块外墙 墙体厚度 20cm","10m3",0.1,1617.73,2571.11,null,568.47,null,161.77,null,257.11,null,56.85]
["80010080","砌筑用水泥砂浆(配合比) 中砂 M7.5","m3",0.0781,null,308.83,{"$nulls":5},24.12]
["人工单价",null,"小计",{"$nulls":6},161.77,null,281.23,null,56.85]
[null,null,"未计价材料费"]
["清单项目综合单价",{"$nulls":8},499.85]
["材\n料\n费\n明\n细","主要材料名称、规格、型号",{"$nulls":4},"单位","数量",null,"单价（元）",null,"合价（元）","暂估单价\n（元）","暂估合价\n（元）"]
[null,"其他材料费",{"$nulls":7},"-",null,249.44,"-"]
[null,"材料费小计",{"$nulls":7},"-",null,249.44,"-"]
[]
[]
[]
[]
[]
[]
["注：1.如不使用省级或行业建设主管部门发布的计价依据，可不填定额编码、名称等；\n    2.招标文件提供了暂估单价的材料，按暂估的单价填入表内“暂估单价”栏及“暂估合价”栏。"]
[{"$nulls":10},"表-09"]
["综合单价分析表"]
["工程名称：建筑工程",{"$nulls":7},"标段：",null,"第 3 页  共 39 页"]
["项目编码",null,"010402001002",null,"项目名称","砌块墙",{"$nulls":3},"计量单位",null,"m3","工程量",82.9282]
["清单综合单价组成明细"]
["定额编号","定额项目名称","定额\n单位","数量","单价",{"$nulls":4},"合价"]
[{"$nulls":4},"人工费","材料费","机具费","管理费\n和利润",null,"人工费",null,"材料费","机具费","管理费\n和利润"]
["A1-4-48","蒸压加气混凝土砌块外墙 墙体厚度 20cm","10m3",0.1,1617.73,2571.11,null,568.47,null,161.77,null,257.11,null,56.85]
["80010080","砌筑用水泥砂浆(配合比) 中砂 M7.5","m3",0.0781,null,308.83,{"$nulls":5},24.12]
["人工单价",null,"小计",{"$nulls":6},161.77,null,281.23,null,56.85]
[null,null,"未计价材料费"]
["清单项目综合单价",{"$nulls":8},499.85]
["材\n料\n费\n明\n细","主要材料名称、规格、型号",{"$nulls":4},"单位","数量",null,"单价（元）",null,"合价（元）","暂估单价\n（元）","暂估合价\n（元）"]
[null,"其他材料费",{"$nulls":7},"-",null,249.44,"-"]
[null,"材料费小计",{"$nulls":7},"-",null,249.44,"-"]
[]
[]
[]
[]
[]
[]
["注：1.如不使用省级或行业建设主管部门发布的计价依据，可不填定额编码、名称等；\n    2.招标文件提供了暂估单价的材料，按暂估的单价填入表内“暂估单价”栏及“暂估合价”栏。"]
[{"$nulls":10},"表-09"]
["综合单价分析表"]
["工程名称：建筑工程",{"$nulls":7},"标段：",null,"第 4 页  共 39 页"]
["项目编码",null,"010402001003",null,"项目名称","砌块墙",{"$nulls":3},"计量单位",null,"m3","工程量",5.7256]
["清单综合单价组成明细"]
["定额编号","定额项目名称","定额\n单位","数量","单价",{"$nulls":4},"合价"]
[{"$nulls":4},"人工费","材料费","机具费","管理费\n和利润",null,"人工费",null,"材料费","机具费","管理费\n和利润"]
["A1-4-48","蒸压加气混凝土砌块外墙 墙体厚度 20cm","10m3",0.1,1617.73,2571.11,null,568.47,null,161.77,null,257.11,null,56.85]
["80010080","砌筑用水泥砂浆(配合比) 中砂 M7.5","m3",0.0781,null,308.83,{"$nulls":5},24.12]
["人工单价",null,"小计",{"$nulls":6},161.77,null,281.23,null,56.85]
[null,null,"未计价材料费"]
["清单项目综合单价",{"$nulls":8},499.85]
["材\n料\n费\n明\n细","主要材料名称、规格、型号",{"$nulls":4},"单位","数量",null,"单价（元）",null,"合价（元）","暂估单价\n（元）","暂估合价\n（元）"]
[null,"其他材料费",{"$nulls":7},"-",null,249.44,"-"]
[null,"材料费小计",{"$nulls":7},"-",null,249.44,"-"]
[]
[]
[]
[]
[]
[]
["注：1.如不使用省级或行业建设主管部门发布的计价依据，可不填定额编码、名称等；\n    2.招标文件提供了暂估单价的材料，按暂估的单价填入表内“暂估单价”栏及“暂估合价”栏。"]
[{"$nulls":10},"表-09"]
["综合单价分析表"]
["工程名称：建筑工程",{"$nulls":7},"标段：",null,"第 5 页  共 39 页"]
["项目编码",null,"010404001001",null,"项目名称","垫层",{"$nulls":3},"计量单位",null,"m3","工程量",14.682]
["清单综合单价组成明细"]
["定额编号","定额项目名称","定额\n单位","数量","单价",{"$nulls":4},"合价"]
[{"$nulls":4},"人工费","材料费","机具费","管理费\n和利润",null,"人工费",null,"材料费","机具费","管理费\n和利润"]
["A1-5-78","混凝土垫层","10m3",0.1,578.36,3455.23,null,281.95,null,57.84,null,345.52,null,28.2]
["8021902","普通预拌混凝土 碎石粒径综合考虑 C15","m3",1.015,null,310,{"$nulls":5},314.65]
["人工单价",null,"小计",{"$nulls":6},57.84,null,660.17,null,28.2]
[null,null,"未计价材料费"]
["清单项目综合单价",{"$nulls":8},746.2]
["材\n料\n费\n明\n细","主要材料名称、规格、型号",{"$nulls":4},"单位","数量",null,"单价（元）",null,"合价（元）","暂估单价\n（元）","暂估合价\n（元）"]
[null,"其他材料费",{"$nulls":7},"-",null,315.27,"-"]
[null,"材料费小计",{"$nulls":7},"-",null,315.27,"-"]
{"$rows_empty":7}
["注：1.如不使用省级或行业建设主管部门发布的计价依据，可不填定额编码、名称等；\n    2.招标文件提供了暂估单价的材料，按暂估的单价填入表内“暂估单价”栏及“暂估合价”栏。"]
[{"$nulls":10},"表-09"]
["综合单价分析表"]
["工程名称：建筑工程",{"$nulls":7},"标段：",null,"第 6 页  共 39 页"]
["项目编码",null,"010501001001",null,"项目名称","垫层",{"$nulls":3},"计量单位",null,"m3","工程量",14.682]
["清单综合单价组成明细"]
["定额编号","定额项目名称","定额\n单位","数量","单价",{"$nulls":4},"合价"]
[{"$nulls":4},"人工费","材料费","机具费","管理费\n和利润",null,"人工费",null,"材料费","机具费","管理费\n和利润"]
["A1-20-12","基础垫层模板","100m2",0.01,1039.92,1252.45,69.82,514.37,null,10.4,null,12.52,0.7,5.14]
["人工单价",null,"小计",{"$nulls":6},10.4,null,12.52,0.7,5.14]
[null,null,"未计价材料费"]
["清单项目综合单价",{"$nulls":8},28.77]
["材\n料\n费\n明\n细","主要材料名称、规格、型号",{"$nulls":4},"单位","数量",null,"单价（元）",null,"合价（元）","暂估单价\n（元）","暂估合价\n（元）"]
[null,"其他材料费",{"$nulls":7},"-",null,12.49,"-"]
[null,"材料费小计",{"$nulls":7},"-",null,12.49,"-"]
{"$rows_empty":8}
["注：1.如不使用省级或行业建设主管部门发布的计价依据，可不填定额编码、名称等；\n    2.招标文件提供了暂估单价的材料，按暂估的单价填入表内“暂估单价”栏及“暂估合价”栏。"]
[{"$nulls":10},"表-09"]
["综合单价分析表"]
["工程名称：建筑工程",{"$nulls":7},"标段：",null,"第 7 页  共 39 页"]
["项目编码",null,"010501003001",null,"项目名称","独立基础",{"$nulls":3},"计量单位",null,"m3","工程量",61.2453]
["清单综合单价组成明细"]
["定额编号","定额项目名称","定额\n单位","数量","单价",{"$nulls":4},"合价"]
[{"$nulls":4},"人工费","材料费","机具费","管理费\n和利润",null,"人工费",null,"材料费","机具费","管理费\n和利润"]
["A1-5-2","现浇建筑物混凝土 其他混凝土基础","10m3",0.1,456.92,3499.71,8.08,226.69,null,45.69,null,349.97,0.81,22.67]
["8021904","普通预拌混凝土 碎石粒径综合考虑 C25","m3",1.01,null,331,{"$nulls":5},334.31]
["人工单价",null,"小计",{"$nulls":6},45.69,null,684.28,0.81,22.67]
[null,null,"未计价材料费"]
["清单项目综合单价",{"$nulls":8},753.45]
["材\n料\n费\n明\n细","主要材料名称、规格、型号",{"$nulls":4},"单位","数量",null,"单价（元）",null,"合价（元）","暂估单价\n（元）","暂估合价\n（元）"]
[null,"其他材料费",{"$nulls":7},"-",null,341.07,"-"]
[null,"材料费小计",{"$nulls":7},"-",null,341.07,"-"]
[]
[]
[]
[]
[]
[]
["注：1.如不使用省级或行业建设主管部门发布的计价依据，可不填定额编码、名称等；\n    2.招标文件提供了暂估单价的材料，按暂估的单价填入表内“暂估单价”栏及“暂估合价”栏。"]
[{"$nulls":10},"表-09"]
["综合单价分析表"]
["工程名称：建筑工程",{"$nulls":7},"标段：",null,"第 8 页  共 39 页"]
["项目编码",null,"010502001001",null,"项目名称","矩形柱",{"$nulls":3},"计量单位",null,"m3","工程量",29.44]
["清单综合单价组成明细"]
["定额编号","定额项目名称","定额\n单位","数量","单价",{"$nulls":4},"合价"]
[{"$nulls":4},"人工费","材料费","机具费","管理费\n和利润",null,"人工费",null,"材料费","机具费","管理费\n和利润"]
["A1-5-5","现浇建筑物混凝土 矩形、多边形、异形、圆形柱、钢管柱","10m3",0.1,1181,3588.78,13.01,582.08,null,118.1,null,358.88,1.3,58.21]
["8021904","普通预拌混凝土 碎石粒径综合考虑 C25","m3",1.01,null,331,{"$nulls":5},334.31]
["人工单价",null,"小计",{"$nulls":6},118.1,null,693.19,1.3,58.21]
[null,null,"未计价材料费"]
["清单项目综合单价",{"$nulls":8},870.8]
["材\n料\n费\n明\n细","主要材料名称、规格、型号",{"$nulls":4},"单位","数量",null,"单价（元）",null,"合价（元）","暂估单价\n（元）","暂估合价\n（元）"]
[null,"其他材料费",{"$nulls":7},"-",null,349.99,"-"]
[null,"材料费小计",{"$nulls":7},"-",null,349.99,"-"]
[]
[]
[]
[]
[]
["注：1.如不使用省级或行业建设主管部门发布的计价依据，可不填定额编码、名称等；\n    2.招标文件提供了暂估单价的材料，按暂估的单价填入表内“暂估单价”栏及“暂估合价”栏。"]
[{"$nulls":10},"表-09"]
["综合单价分析表"]
["工程名称：建筑工程",{"$nulls":7},"标段：",null,"第 9 页  共 39 页"]
["项目编码",null,"010503001001",null,"项目名称","基础梁",{"$nulls":3},"计量单位",null,"m3","工程量",20.147]
["清单综合单价组成明细"]
["定额编号","定额项目名称","定额\n单位","数量","单价",{"$nulls":4},"合价"]
[{"$nulls":4},"人工费","材料费","机具费","管理费\n和利润",null,"人工费",null,"材料费","机具费","管理费\n和利润"]
["A1-5-8","现浇建筑物混凝土 基础梁","10m3",0.1,364.32,3593.42,13.11,184,null,36.43,null,359.34,1.31,18.4]
["8021904","普通预拌混凝土 碎石粒径综合考虑 C25","m3",1.01,null,331,{"$nulls":5},334.31]
["人工单价",null,"小计",{"$nulls":6},36.43,null,693.65,1.31,18.4]
[null,null,"未计价材料费"]
["清单项目综合单价",{"$nulls":8},749.8]
["材\n料\n费\n明\n细","主要材料名称、规格、型号",{"$nulls":4},"单位","数量",null,"单价（元）",null,"合价（元）","暂估单价\n（元）","暂估合价\n（元）"]
[null,"其他材料费",{"$nulls":7},"-",null,350.44,"-"]
[null,"材料费小计",{"$nulls":7},"-",null,350.44,"-"]
[]
[]
[]
[]
[]
[]
["注：1.如不使用省级或行业建设主管部门发布的计价依据，可不填定额编码、名称等；\n    2.招标文件提供了暂估单价的材料，按暂估的单价填入表内“暂估单价”栏及“暂估合价”栏。"]
[{"$nulls":10},"表-09"]
["综合单价分析表"]
["工程名称：建筑工程",{"$nulls":7},"标段：",null,"第 10 页  共 39 页"]
["项目编码",null,"010503002001",null,"项目名称","矩形梁",{"$nulls":3},"计量单位",null,"m3","工程量",72.3153]
["清单综合单价组成明细"]
["定额编号","定额项目名称","定额\n单位","数量","单价",{"$nulls":4},"合价"]
[{"$nulls":4},"人工费","材料费","机具费","管理费\n和利润",null,"人工费",null,"材料费","机具费","管理费\n和利润"]
["A1-5-9","现浇建筑物混凝土 单梁、连续梁、异形梁","10m3",0.1,487.28,3573.63,13.11,243.94,null,48.73,null,357.36,1.31,24.39]
["8021904","普通预拌混凝土 碎石粒径综合考虑 C25","m3",1.01,null,331,{"$nulls":5},334.31]
["人工单价",null,"小计",{"$nulls":6},48.73,null,691.67,1.31,24.39]
[null,null,"未计价材料费"]
["清单项目综合单价",{"$nulls":8},766.11]
["材\n料\n费\n明\n细","主要材料名称、规格、型号",{"$nulls":4},"单位","数量",null,"单价（元）",null,"合价（元）","暂估单价\n（元）","暂估合价\n（元）"]
[null,"其他材料费",{"$nulls":7},"-",null,348.47,"-"]
[null,"材料费小计",{"$nulls":7},"-",null,348.47,"-"]
[]
[]
[]
[]
[]
[]
["注：1.如不使用省级或行业建设主管部门发布的计价依据，可不填定额编码、名称等；\n    2.招标文件提供了暂估单价的材料，按暂估的单价填入表内“暂估单价”栏及“暂估合价”栏。"]
[{"$nulls":10},"表-09"]
["综合单价分析表"]
["工程名称：建筑工程",{"$nulls":7},"标段：",null,"第 11 页  共 39 页"]
["项目编码",null,"010505001001",null,"项目名称","有梁板",{"$nulls":3},"计量单位",null,"m3","工程量",162.0464]
["清单综合单价组成明细"]
["定额编号","定额项目名称","定额\n单位","数量","单价",{"$nulls":4},"合价"]
[{"$nulls":4},"人工费","材料费","机具费","管理费\n和利润",null,"人工费",null,"材料费","机具费","管理费\n和利润"]
["A1-5-14","现浇建筑物混凝土 平板、有梁板、无梁板","10m3",0.1,466.03,3620.56,14.65,234.34,null,46.6,null,362.06,1.47,23.43]
["8021904","普通预拌混凝土 碎石粒径综合考虑 C25","m3",1.01,null,331,{"$nulls":5},334.31]
["人工单价",null,"小计",{"$nulls":6},46.6,null,696.37,1.47,23.43]
[null,null,"未计价材料费"]
["清单项目综合单价",{"$nulls":8},767.87]
["材\n料\n费\n明\n细","主要材料名称、规格、型号",{"$nulls":4},"单位","数量",null,"单价（元）",null,"合价（元）","暂估单价\n（元）","暂估合价\n（元）"]
[null,"其他材料费",{"$nulls":7},"-",null,353.15,"-"]
[null,"材料费小计",{"$nulls":7},"-",null,353.15,"-"]
[]
[]
[]
[]
[]
[]
["注：1.如不使用省级或行业建设主管部门发布的计价依据，可不填定额编码、名称等；\n    2.招标文件提供了暂估单价的材料，按暂估的单价填入表内“暂估单价”栏及“暂估合价”栏。"]
[{"$nulls":10},"表-09"]
["综合单价分析表"]
["工程名称：建筑工程",{"$nulls":7},"标段：",null,"第 12 页  共 39 页"]
["项目编码",null,"010505007001",null,"项目名称","天沟(檐沟)、挑檐板",{"$nulls":3},"计量单位",null,"m3","工程量",1.4461]
["清单综合单价组成明细"]
["定额编号","定额项目名称","定额\n单位","数量","单价",{"$nulls":4},"合价"]
[{"$nulls":4},"人工费","材料费","机具费","管理费\n和利润",null,"人工费",null,"材料费","机具费","管理费\n和利润"]
["A1-5-32","现浇混凝土其他构件 天沟、挑檐","10m3",0.1,1847.41,3490.22,20.98,910.84,null,184.74,null,349.02,2.1,91.08]
["8021904","普通预拌混凝土 碎石粒径综合考虑 C25","m3",1.01,null,331,{"$nulls":5},334.32]
["人工单价",null,"小计",{"$nulls":6},184.74,null,683.34,2.1,91.08]
[null,null,"未计价材料费"]
["清单项目综合单价",{"$nulls":8},961.26]
["材\n料\n费\n明\n细","主要材料名称、规格、型号",{"$nulls":4},"单位","数量",null,"单价（元）",null,"合价（元）","暂估单价\n（元）","暂估合价\n（元）"]
[null,"其他材料费",{"$nulls":7},"-",null,340.12,"-"]
[null,"材料费小计",{"$nulls":7},"-",null,340.12,"-"]
[]
[]
[]
[]
[]
[]
["注：1.如不使用省级或行业建设主管部门发布的计价依据，可不填定额编码、名称等；\n    2.招标文件提供了暂估单价的材料，按暂估的单价填入表内“暂估单价”栏及“暂估合价”栏。"]
[{"$nulls":10},"表-09"]
["综合单价分析表"]
["工程名称：建筑工程",{"$nulls":7},"标段：",null,"第 13 页  共 39 页"]
["项目编码",null,"010506001001",null,"项目名称","直形楼梯",{"$nulls":3},"计量单位",null,"m3","工程量",59.488]
["清单综合单价组成明细"]
["定额编号","定额项目名称","定额\n单位","数量","单价",{"$nulls":4},"合价"]
[{"$nulls":4},"人工费","材料费","机具费","管理费\n和利润",null,"人工费",null,"材料费","机具费","管理费\n和利润"]
["A1-5-21","现浇建筑物混凝土 直形楼梯","10m3",0.1,837.94,3650.81,20.98,418.72,null,83.79,null,365.08,2.1,41.87]
["8021904","普通预拌混凝土 碎石粒径综合考虑 C25","m3",1.01,null,331,{"$nulls":5},334.31]
["人工单价",null,"小计",{"$nulls":6},83.79,null,699.39,2.1,41.87]
[null,null,"未计价材料费"]
["清单项目综合单价",{"$nulls":8},827.16]
["材\n料\n费\n明\n细","主要材料名称、规格、型号",{"$nulls":4},"单位","数量",null,"单价（元）",null,"合价（元）","暂估单价\n（元）","暂估合价\n（元）"]
[null,"其他材料费",{"$nulls":7},"-",null,356.18,"-"]
[null,"材料费小计",{"$nulls":7},"-",null,356.18,"-"]
[]
[]
[]
[]
[]
[]
["注：1.如不使用省级或行业建设主管部门发布的计价依据，可不填定额编码、名称等；\n    2.招标文件提供了暂估单价的材料，按暂估的单价填入表内“暂估单价”栏及“暂估合价”栏。"]
[{"$nulls":10},"表-09"]
["综合单价分析表"]
["工程名称：建筑工程",{"$nulls":7},"标段：",null,"第 14 页  共 39 页"]
["项目编码",null,"010507001001",null,"项目名称","散水、坡道",{"$nulls":3},"计量单位",null,"m2","工程量",8.3544]
["清单综合单价组成明细"]
["定额编号","定额项目名称","定额\n单位","数量","单价",{"$nulls":4},"合价"]
[{"$nulls":4},"人工费","材料费","机具费","管理费\n和利润",null,"人工费",null,"材料费","机具费","管理费\n和利润"]
["A1-5-33","现浇混凝土其他构件 地沟、明沟电缆沟散水坡","10m3",0.1,777.22,3450.67,20.98,389.12,null,77.72,null,345.07,2.1,38.91]
["8021904","普通预拌混凝土 碎石粒径综合考虑 C25","m3",1.01,null,331,{"$nulls":5},334.31]
["人工单价",null,"小计",{"$nulls":6},77.72,null,679.38,2.1,38.91]
[null,null,"未计价材料费"]
["清单项目综合单价",{"$nulls":8},798.11]
["材\n料\n费\n明\n细","主要材料名称、规格、型号",{"$nulls":4},"单位","数量",null,"单价（元）",null,"合价（元）","暂估单价\n（元）","暂估合价\n（元）"]
[null,"其他材料费",{"$nulls":7},"-",null,336.17,"-"]
[null,"材料费小计",{"$nulls":7},"-",null,336.17,"-"]
[]
[]
[]
[]
[]
[]
["注：1.如不使用省级或行业建设主管部门发布的计价依据，可不填定额编码、名称等；\n    2.招标文件提供了暂估单价的材料，按暂估的单价填入表内“暂估单价”栏及“暂估合价”栏。"]
[{"$nulls":10},"表-09"]
["综合单价分析表"]
["工程名称：建筑工程",{"$nulls":7},"标段：",null,"第 15 页  共 39 页"]
["项目编码",null,"010507001002",null,"项目名称","散水、坡道",{"$nulls":3},"计量单位",null,"m2","工程量",62.2547]
["清单综合单价组成明细"]
["定额编号","定额项目名称","定额\n单位","数量","单价",{"$nulls":4},"合价"]
[{"$nulls":4},"人工费","材料费","机具费","管理费\n和利润",null,"人工费",null,"材料费","机具费","管理费\n和利润"]
["A1-5-33","现浇混凝土其他构件 地沟、明沟电缆沟散水坡","10m3",0.1,777.22,3450.67,20.98,389.12,null,77.72,null,345.07,2.1,38.91]
["8021904","普通预拌混凝土 碎石粒径综合考虑 C25","m3",1.01,null,331,{"$nulls":5},334.31]
["人工单价",null,"小计",{"$nulls":6},77.72,null,679.38,2.1,38.91]
[null,null,"未计价材料费"]
["清单项目综合单价",{"$nulls":8},798.11]
["材\n料\n费\n明\n细","主要材料名称、规格、型号",{"$nulls":4},"单位","数量",null,"单价（元）",null,"合价（元）","暂估单价\n（元）","暂估合价\n（元）"]
[null,"其他材料费",{"$nulls":7},"-",null,336.17,"-"]
[null,"材料费小计",{"$nulls":7},"-",null,336.17,"-"]
[]
[]
[]
[]
[]
[]
["注：1.如不使用省级或行业建设主管部门发布的计价依据，可不填定额编码、名称等；\n    2.招标文件提供了暂估单价的材料，按暂估的单价填入表内“暂估单价”栏及“暂估合价”栏。"]
[{"$nulls":10},"表-09"]
["综合单价分析表"]
["工程名称：建筑工程",{"$nulls":7},"标段：",null,"第 16 页  共 39 页"]
["项目编码",null,"010507004001",null,"项目名称","台阶",{"$nulls":3},"计量单位",null,"m3","工程量",4.5891]
["清单综合单价组成明细"]
["定额编号","定额项目名称","定额\n单位","数量","单价",{"$nulls":4},"合价"]
[{"$nulls":4},"人工费","材料费","机具费","管理费\n和利润",null,"人工费",null,"材料费","机具费","管理费\n和利润"]
["A1-5-34","现浇混凝土其他构件 台阶","10m3",0.1,968.48,3480.59,20.98,482.36,null,96.85,null,348.06,2.1,48.24]
["8021904","普通预拌混凝土 碎石粒径综合考虑 C25","m3",1.01,null,331,{"$nulls":5},334.31]
["人工单价",null,"小计",{"$nulls":6},96.85,null,682.37,2.1,48.24]
[null,null,"未计价材料费"]
["清单项目综合单价",{"$nulls":8},829.55]
["材\n料\n费\n明\n细","主要材料名称、规格、型号",{"$nulls":4},"单位","数量",null,"单价（元）",null,"合价（元）","暂估单价\n（元）","暂估合价\n（元）"]
[null,"其他材料费",{"$nulls":7},"-",null,339.16,"-"]
[null,"材料费小计",{"$nulls":7},"-",null,339.16,"-"]
[]
[]
[]
[]
[]
[]
["注：1.如不使用省级或行业建设主管部门发布的计价依据，可不填定额编码、名称等；\n    2.招标文件提供了暂估单价的材料，按暂估的单价填入表内“暂估单价”栏及“暂估合价”栏。"]
[{"$nulls":10},"表-09"]
["综合单价分析表"]
["工程名称：建筑工程",{"$nulls":7},"标段：",null,"第 17 页  共 39 页"]
["项目编码",null,"010801001001",null,"项目名称","木质门",{"$nulls":3},"计量单位",null,"m2","工程量",56.7]
["清单综合单价组成明细"]
["定额编号","定额项目名称","定额\n单位","数量","单价",{"$nulls":4},"合价"]
[{"$nulls":4},"人工费","材料费","机具费","管理费\n和利润",null,"人工费",null,"材料费","机具费","管理费\n和利润"]
["A1-9-6","无纱镶板门、胶合板门安装 带亮 双扇","100m2",0.01,1996.17,1898.32,1.13,692.26,null,19.96,null,18.98,0.01,6.92]
["人工单价",null,"小计",{"$nulls":6},19.96,null,18.98,0.01,6.92]
[null,null,"未计价材料费"]
["清单项目综合单价",{"$nulls":8},45.88]
["材\n料\n费\n明\n细","主要材料名称、规格、型号",{"$nulls":4},"单位","数量",null,"单价（元）",null,"合价（元）","暂估单价\n（元）","暂估合价\n（元）"]
[null,"其他材料费",{"$nulls":7},"-",null,19.01,"-"]
[null,"材料费小计",{"$nulls":7},"-",null,19,"-"]
{"$rows_empty":8}
["注：1.如不使用省级或行业建设主管部门发布的计价依据，可不填定额编码、名称等；\n    2.招标文件提供了暂估单价的材料，按暂估的单价填入表内“暂估单价”栏及“暂估合价”栏。"]
[{"$nulls":10},"表-09"]
["综合单价分析表"]
["工程名称：建筑工程",{"$nulls":7},"标段：",null,"第 18 页  共 39 页"]
["项目编码",null,"010805005001",null,"项目名称","全玻自由门",{"$nulls":3},"计量单位",null,"m2","工程量",4.05]
["清单综合单价组成明细"]
["定额编号","定额项目名称","定额\n单位","数量","单价",{"$nulls":4},"合价"]
[{"$nulls":4},"人工费","材料费","机具费","管理费\n和利润",null,"人工费",null,"材料费","机具费","管理费\n和利润"]
["A1-9-50","杉木全玻璃门扇安装 带亮 双扇","100m2",0.01,1920.63,3077.02,null,665.69,null,19.21,null,30.77,null,6.66]
["人工单价",null,"小计",{"$nulls":6},19.21,null,30.77,null,6.66]
[null,null,"未计价材料费"]
["清单项目综合单价",{"$nulls":8},56.63]
["材\n料\n费\n明\n细","主要材料名称、规格、型号",{"$nulls":4},"单位","数量",null,"单价（元）",null,"合价（元）","暂估单价\n（元）","暂估合价\n（元）"]
[null,"其他材料费",{"$nulls":7},"-",null,30.78,"-"]
[null,"材料费小计",{"$nulls":7},"-",null,30.77,"-"]
{"$rows_empty":8}
["注：1.如不使用省级或行业建设主管部门发布的计价依据，可不填定额编码、名称等；\n    2.招标文件提供了暂估单价的材料，按暂估的单价填入表内“暂估单价”栏及“暂估合价”栏。"]
[{"$nulls":10},"表-09"]
["综合单价分析表"]
["工程名称：建筑工程",{"$nulls":7},"标段：",null,"第 19 页  共 39 页"]
["项目编码",null,"010805005002",null,"项目名称","全玻自由门",{"$nulls":3},"计量单位",null,"m2","工程量",7.83]
["清单综合单价组成明细"]
["定额编号","定额项目名称","定额\n单位","数量","单价",{"$nulls":4},"合价"]
[{"$nulls":4},"人工费","材料费","机具费","管理费\n和利润",null,"人工费",null,"材料费","机具费","管理费\n和利润"]
["A1-9-50","杉木全玻璃门扇安装 带亮 双扇","100m2",0.01,1920.63,3077.02,null,665.69,null,19.21,null,30.77,null,6.66]
["人工单价",null,"小计",{"$nulls":6},19.21,null,30.77,null,6.66]
[null,null,"未计价材料费"]
["清单项目综合单价",{"$nulls":8},56.63]
["材\n料\n费\n明\n细","主要材料名称、规格、型号",{"$nulls":4},"单位","数量",null,"单价（元）",null,"合价（元）","暂估单价\n（元）","暂估合价\n（元）"]
[null,"其他材料费",{"$nulls":7},"-",null,30.78,"-"]
[null,"材料费小计",{"$nulls":7},"-",null,30.77,"-"]
{"$rows_empty":8}
["注：1.如不使用省级或行业建设主管部门发布的计价依据，可不填定额编码、名称等；\n    2.招标文件提供了暂估单价的材料，按暂估的单价填入表内“暂估单价”栏及“暂估合价”栏。"]
[{"$nulls":10},"表-09"]
["综合单价分析表"]
["工程名称：建筑工程",{"$nulls":7},"标段：",null,"第 20 页  共 39 页"]
["项目编码",null,"010807001001",null,"项目名称","金属(塑钢、断桥)窗",{"$nulls":3},"计量单位",null,"m2","工程量",38.88]
["清单综合单价组成明细"]
["定额编号","定额项目名称","定额\n单位","数量","单价",{"$nulls":4},"合价"]
[{"$nulls":4},"人工费","材料费","机具费","管理费\n和利润",null,"人工费",null,"材料费","机具费","管理费\n和利润"]
["A1-9-57","单层普通木窗安装 带亮","100m2",0.01,3276.59,4117,1.69,1136.26,null,32.77,null,41.17,0.02,11.36]
["人工单价",null,"小计",{"$nulls":6},32.77,null,41.17,0.02,11.36]
[null,null,"未计价材料费"]
["清单项目综合单价",{"$nulls":8},85.32]
["材\n料\n费\n明\n细","主要材料名称、规格、型号",{"$nulls":4},"单位","数量",null,"单价（元）",null,"合价（元）","暂估单价\n（元）","暂估合价\n（元）"]
[null,"其他材料费",{"$nulls":7},"-",null,41.12,"-"]
[null,"材料费小计",{"$nulls":7},"-",null,41.13,"-"]
{"$rows_empty":8}
["注：1.如不使用省级或行业建设主管部门发布的计价依据，可不填定额编码、名称等；\n    2.招标文件提供了暂估单价的材料，按暂估的单价填入表内“暂估单价”栏及“暂估合价”栏。"]
[{"$nulls":10},"表-09"]
["综合单价分析表"]
["工程名称：建筑工程",{"$nulls":7},"标段：",null,"第 21 页  共 39 页"]
["项目编码",null,"010807001002",null,"项目名称","金属(塑钢、断桥)窗",{"$nulls":3},"计量单位",null,"m2","工程量",37.8]
["清单综合单价组成明细"]
["定额编号","定额项目名称","定额\n单位","数量","单价",{"$nulls":4},"合价"]
[{"$nulls":4},"人工费","材料费","机具费","管理费\n和利润",null,"人工费",null,"材料费","机具费","管理费\n和利润"]
["A1-9-57","单层普通木窗安装 带亮","100m2",0.01,3276.59,4117,1.69,1136.26,null,32.77,null,41.17,0.02,11.36]
["人工单价",null,"小计",{"$nulls":6},32.77,null,41.17,0.02,11.36]
[null,null,"未计价材料费"]
["清单项目综合单价",{"$nulls":8},85.32]
["材\n料\n费\n明\n细","主要材料名称、规格、型号",{"$nulls":4},"单位","数量",null,"单价（元）",null,"合价（元）","暂估单价\n（元）","暂估合价\n（元）"]
[null,"其他材料费",{"$nulls":7},"-",null,41.12,"-"]
[null,"材料费小计",{"$nulls":7},"-",null,41.13,"-"]
{"$rows_empty":8}
["注：1.如不使用省级或行业建设主管部门发布的计价依据，可不填定额编码、名称等；\n    2.招标文件提供了暂估单价的材料，按暂估的单价填入表内“暂估单价”栏及“暂估合价”栏。"]
[{"$nulls":10},"表-09"]
["综合单价分析表"]
["工程名称：建筑工程",{"$nulls":7},"标段：",null,"第 22 页  共 39 页"]
["项目编码",null,"010807001003",null,"项目名称","金属(塑钢、断桥)窗",{"$nulls":3},"计量单位",null,"m2","工程量",86.94]
["清单综合单价组成明细"]
["定额编号","定额项目名称","定额\n单位","数量","单价",{"$nulls":4},"合价"]
[{"$nulls":4},"人工费","材料费","机具费","管理费\n和利润",null,"人工费",null,"材料费","机具费","管理费\n和利润"]
["A1-9-57","单层普通木窗安装 带亮","100m2",0.01,3276.59,4117,1.69,1136.26,null,32.77,null,41.17,0.02,11.36]
["人工单价",null,"小计",{"$nulls":6},32.77,null,41.17,0.02,11.36]
[null,null,"未计价材料费"]
["清单项目综合单价",{"$nulls":8},85.32]
["材\n料\n费\n明\n细","主要材料名称、规格、型号",{"$nulls":4},"单位","数量",null,"单价（元）",null,"合价（元）","暂估单价\n（元）","暂估合价\n（元）"]
[null,"其他材料费",{"$nulls":7},"-",null,41.12,"-"]
[null,"材料费小计",{"$nulls":7},"-",null,41.13,"-"]
{"$rows_empty":8}
["注：1.如不使用省级或行业建设主管部门发布的计价依据，可不填定额编码、名称等；\n    2.招标文件提供了暂估单价的材料，按暂估的单价填入表内“暂估单价”栏及“暂估合价”栏。"]
[{"$nulls":10},"表-09"]
["综合单价分析表"]
["工程名称：建筑工程",{"$nulls":7},"标段：",null,"第 23 页  共 39 页"]
["项目编码",null,"010807001004",null,"项目名称","金属(塑钢、断桥)窗",{"$nulls":3},"计量单位",null,"m2","工程量",99.36]
["清单综合单价组成明细"]
["定额编号","定额项目名称","定额\n单位","数量","单价",{"$nulls":4},"合价"]
[{"$nulls":4},"人工费","材料费","机具费","管理费\n和利润",null,"人工费",null,"材料费","机具费","管理费\n和利润"]
["A1-9-57","单层普通木窗安装 带亮","100m2",0.01,3276.59,4117,1.69,1136.26,null,32.77,null,41.17,0.02,11.36]
["人工单价",null,"小计",{"$nulls":6},32.77,null,41.17,0.02,11.36]
[null,null,"未计价材料费"]
["清单项目综合单价",{"$nulls":8},85.32]
["材\n料\n费\n明\n细","主要材料名称、规格、型号",{"$nulls":4},"单位","数量",null,"单价（元）",null,"合价（元）","暂估单价\n（元）","暂估合价\n（元）"]
[null,"其他材料费",{"$nulls":7},"-",null,41.12,"-"]
[null,"材料费小计",{"$nulls":7},"-",null,41.13,"-"]
{"$rows_empty":8}
["注：1.如不使用省级或行业建设主管部门发布的计价依据，可不填定额编码、名称等；\n    2.招标文件提供了暂估单价的材料，按暂估的单价填入表内“暂估单价”栏及“暂估合价”栏。"]
[{"$nulls":10},"表-09"]
["综合单价分析表"]
["工程名称：建筑工程",{"$nulls":7},"标段：",null,"第 24 页  共 39 页"]
["项目编码",null,"011201001001",null,"项目名称","墙面一般抹灰",{"$nulls":3},"计量单位",null,"m2","工程量",618.0125]
["清单综合单价组成明细"]
["定额编号","定额项目名称","定额\n单位","数量","单价",{"$nulls":4},"合价"]
[{"$nulls":4},"人工费","材料费","机具费","管理费\n和利润",null,"人工费",null,"材料费","机具费","管理费\n和利润"]
["A1-13-2","底层抹灰15mm 各种墙面 外墙","100m2",0.01,1737.86,738.07,null,616.94,null,17.38,null,7.38,null,6.17]
["80010190","抹灰水泥砂浆(配合比) 中砂 1:1","m3",0.0167,null,410.2,{"$nulls":5},6.85]
["人工单价",null,"小计",{"$nulls":6},17.38,null,14.23,null,6.17]
[null,null,"未计价材料费"]
["清单项目综合单价",{"$nulls":8},37.78]
["材\n料\n费\n明\n细","主要材料名称、规格、型号",{"$nulls":4},"单位","数量",null,"单价（元）",null,"合价（元）","暂估单价\n（元）","暂估合价\n（元）"]
[null,"其他材料费",{"$nulls":7},"-",null,7.2,"-"]
[null,"材料费小计",{"$nulls":7},"-",null,7.2,"-"]
[]
[]
[]
[]
[]
[]
["注：1.如不使用省级或行业建设主管部门发布的计价依据，可不填定额编码、名称等；\n    2.招标文件提供了暂估单价的材料，按暂估的单价填入表内“暂估单价”栏及“暂估合价”栏。"]
[{"$nulls":10},"表-09"]
["综合单价分析表"]
["工程名称：建筑工程",{"$nulls":7},"标段：",null,"第 25 页  共 39 页"]
["项目编码",null,"011201004001",null,"项目名称","立面砂浆找平层",{"$nulls":3},"计量单位",null,"m2","工程量",618.0125]
["清单综合单价组成明细"]
["定额编号","定额项目名称","定额\n单位","数量","单价",{"$nulls":4},"合价"]
[{"$nulls":4},"人工费","材料费","机具费","管理费\n和利润",null,"人工费",null,"材料费","机具费","管理费\n和利润"]
["A1-10-111","普通防水砂浆 立面 20mm厚","100m2",0.01,953.1,887.33,null,328.44,null,9.53,null,8.87,null,3.28]
["80090420","干混抹灰砂浆(配合比) DP M5","m3",0.0204,36,406.22,20.31,19.4,null,0.73,null,8.29,0.41,0.4]
["人工单价",null,"小计",{"$nulls":6},10.26,null,17.16,0.41,3.68]
[null,null,"未计价材料费"]
["清单项目综合单价",{"$nulls":8},31.52]
["材\n料\n费\n明\n细","主要材料名称、规格、型号",{"$nulls":4},"单位","数量",null,"单价（元）",null,"合价（元）","暂估单价\n（元）","暂估合价\n（元）"]
[null,"其他材料费",{"$nulls":7},"-",null,8.58,"-"]
[null,"材料费小计",{"$nulls":7},"-",null,8.58,"-"]
[]
[]
[]
[]
[]
[]
["注：1.如不使用省级或行业建设主管部门发布的计价依据，可不填定额编码、名称等；\n    2.招标文件提供了暂估单价的材料，按暂估的单价填入表内“暂估单价”栏及“暂估合价”栏。"]
[{"$nulls":10},"表-09"]
["综合单价分析表"]
["工程名称：建筑工程",{"$nulls":7},"标段：",null,"第 26 页  共 39 页"]
["项目编码",null,"011503001001",null,"项目名称","金属扶手、栏杆、栏板",{"$nulls":3},"计量单位",null,"m","工程量",5.9996]
["清单综合单价组成明细"]
["定额编号","定额项目名称","定额\n单位","数量","单价",{"$nulls":4},"合价"]
[{"$nulls":4},"人工费","材料费","机具费","管理费\n和利润",null,"人工费",null,"材料费","机具费","管理费\n和利润"]
["A1-16-108","不锈钢栏杆制安 直型","100m",0.01,3349.98,9264.21,159.02,1195.52,null,33.5,null,92.64,1.59,11.96]
["人工单价",null,"小计",{"$nulls":6},33.5,null,92.64,1.59,11.96]
[null,null,"未计价材料费"]
["清单项目综合单价",{"$nulls":8},139.69]
["材\n料\n费\n明\n细","主要材料名称、规格、型号",{"$nulls":4},"单位","数量",null,"单价（元）",null,"合价（元）","暂估单价\n（元）","暂估合价\n（元）"]
[null,"其他材料费",{"$nulls":7},"-",null,92.64,"-"]
[null,"材料费小计",{"$nulls":7},"-",null,92.64,"-"]
{"$rows_empty":8}
["注：1.如不使用省级或行业建设主管部门发布的计价依据，可不填定额编码、名称等；\n    2.招标文件提供了暂估单价的材料，按暂估的单价填入表内“暂估单价”栏及“暂估合价”栏。"]
[{"$nulls":10},"表-09"]
["综合单价分析表"]
["工程名称：建筑工程",{"$nulls":7},"标段：",null,"第 27 页  共 39 页"]
["项目编码",{"$nulls":3},"项目名称","综合脚手架",{"$nulls":3},"计量单位",null,"项","工程量",860.07]
["清单综合单价组成明细"]
["定额编号","定额项目名称","定额\n单位","数量","单价",{"$nulls":4},"合价"]
[{"$nulls":4},"人工费","材料费","机具费","管理费\n和利润",null,"人工费",null,"材料费","机具费","管理费\n和利润"]
["A1-21-3","综合钢脚手架搭拆 高度(m以内) 20.5","100m2",null,1588.73,574.98,182.41,627.34]
["人工单价",null,"小计"]
[null,null,"未计价材料费"]
["清单项目综合单价"]
["材\n料\n费\n明\n细","主要材料名称、规格、型号",{"$nulls":4},"单位","数量",null,"单价（元）",null,"合价（元）","暂估单价\n（元）","暂估合价\n（元）"]
[null,"其他材料费",{"$nulls":7},"-",null,null,"-"]
[null,"材料费小计",{"$nulls":7},"-",null,null,"-"]
{"$rows_empty":8}
["注：1.如不使用省级或行业建设主管部门发布的计价依据，可不填定额编码、名称等；\n    2.招标文件提供了暂估单价的材料，按暂估的单价填入表内“暂估单价”栏及“暂估合价”栏。"]
[{"$nulls":10},"表-09"]
["综合单价分析表"]
["工程名称：建筑工程",{"$nulls":7},"标段：",null,"第 28 页  共 39 页"]
["项目编码",null,"011702001001",null,"项目名称","基础",{"$nulls":3},"计量单位",null,"m2","工程量",62]
["清单综合单价组成明细"]
["定额编号","定额项目名称","定额\n单位","数量","单价",{"$nulls":4},"合价"]
[{"$nulls":4},"人工费","材料费","机具费","管理费\n和利润",null,"人工费",null,"材料费","机具费","管理费\n和利润"]
["A1-20-3","独立基础模板","100m2",0.01,1857.15,1931.16,162.66,936.18,null,18.57,null,19.31,1.63,9.36]
["人工单价",null,"小计",{"$nulls":6},18.57,null,19.31,1.63,9.36]
[null,null,"未计价材料费"]
["清单项目综合单价",{"$nulls":8},48.87]
["材\n料\n费\n明\n细","主要材料名称、规格、型号",{"$nulls":4},"单位","数量",null,"单价（元）",null,"合价（元）","暂估单价\n（元）","暂估合价\n（元）"]
[null,"其他材料费",{"$nulls":7},"-",null,19.36,"-"]
[null,"材料费小计",{"$nulls":7},"-",null,19.36,"-"]
{"$rows_empty":8}
["注：1.如不使用省级或行业建设主管部门发布的计价依据，可不填定额编码、名称等；\n    2.招标文件提供了暂估单价的材料，按暂估的单价填入表内“暂估单价”栏及“暂估合价”栏。"]
[{"$nulls":10},"表-09"]
["综合单价分析表"]
["工程名称：建筑工程",{"$nulls":7},"标段：",null,"第 29 页  共 39 页"]
["项目编码",null,"011702002001",null,"项目名称","矩形柱",{"$nulls":3},"计量单位",null,"m2","工程量",21.42]
["清单综合单价组成明细"]
["定额编号","定额项目名称","定额\n单位","数量","单价",{"$nulls":4},"合价"]
[{"$nulls":4},"人工费","材料费","机具费","管理费\n和利润",null,"人工费",null,"材料费","机具费","管理费\n和利润"]
["A1-20-14","矩形柱模板(周长m) 支模高度3.6m内 1.2内","100m2",0.01,3569.39,1254.14,197.03,1745.73,null,35.69,null,12.54,1.97,17.46]
["人工单价",null,"小计",{"$nulls":6},35.69,null,12.54,1.97,17.46]
[null,null,"未计价材料费"]
["清单项目综合单价",{"$nulls":8},67.66]
["材\n料\n费\n明\n细","主要材料名称、规格、型号",{"$nulls":4},"单位","数量",null,"单价（元）",null,"合价（元）","暂估单价\n（元）","暂估合价\n（元）"]
[null,"其他材料费",{"$nulls":7},"-",null,12.54,"-"]
[null,"材料费小计",{"$nulls":7},"-",null,12.54,"-"]
{"$rows_empty":8}
["注：1.如不使用省级或行业建设主管部门发布的计价依据，可不填定额编码、名称等；\n    2.招标文件提供了暂估单价的材料，按暂估的单价填入表内“暂估单价”栏及“暂估合价”栏。"]
[{"$nulls":10},"表-09"]
["综合单价分析表"]
["工程名称：建筑工程",{"$nulls":7},"标段：",null,"第 30 页  共 39 页"]
["项目编码",null,"011702002002",null,"项目名称","矩形柱",{"$nulls":3},"计量单位",null,"m2","工程量",11.9]
["清单综合单价组成明细"]
["定额编号","定额项目名称","定额\n单位","数量","单价",{"$nulls":4},"合价"]
[{"$nulls":4},"人工费","材料费","机具费","管理费\n和利润",null,"人工费",null,"材料费","机具费","管理费\n和利润"]
["A1-20-15","矩形柱模板(周长m) 支模高度3.6m内 1.8内","100m2",0.01,2819.89,1094.46,178.11,1389.57,null,28.2,null,10.94,1.78,13.9]
["人工单价",null,"小计",{"$nulls":6},28.2,null,10.94,1.78,13.9]
[null,null,"未计价材料费"]
["清单项目综合单价",{"$nulls":8},54.82]
["材\n料\n费\n明\n细","主要材料名称、规格、型号",{"$nulls":4},"单位","数量",null,"单价（元）",null,"合价（元）","暂估单价\n（元）","暂估合价\n（元）"]
[null,"其他材料费",{"$nulls":7},"-",null,10.97,"-"]
[null,"材料费小计",{"$nulls":7},"-",null,10.97,"-"]
{"$rows_empty":8}
["注：1.如不使用省级或行业建设主管部门发布的计价依据，可不填定额编码、名称等；\n    2.招标文件提供了暂估单价的材料，按暂估的单价填入表内“暂估单价”栏及“暂估合价”栏。"]
[{"$nulls":10},"表-09"]
["综合单价分析表"]
["工程名称：建筑工程",{"$nulls":7},"标段：",null,"第 31 页  共 39 页"]
["项目编码",null,"011702002003",null,"项目名称","矩形柱",{"$nulls":3},"计量单位",null,"m2","工程量",15.96]
["清单综合单价组成明细"]
["定额编号","定额项目名称","定额\n单位","数量","单价",{"$nulls":4},"合价"]
[{"$nulls":4},"人工费","材料费","机具费","管理费\n和利润",null,"人工费",null,"材料费","机具费","管理费\n和利润"]
["A1-20-15","矩形柱模板(周长m) 支模高度3.6m内 1.8内","100m2",0.01,2819.89,1094.46,178.11,1389.57,null,28.2,null,10.94,1.78,13.9]
["人工单价",null,"小计",{"$nulls":6},28.2,null,10.94,1.78,13.9]
[null,null,"未计价材料费"]
["清单项目综合单价",{"$nulls":8},54.82]
["材\n料\n费\n明\n细","主要材料名称、规格、型号",{"$nulls":4},"单位","数量",null,"单价（元）",null,"合价（元）","暂估单价\n（元）","暂估合价\n（元）"]
[null,"其他材料费",{"$nulls":7},"-",null,10.97,"-"]
[null,"材料费小计",{"$nulls":7},"-",null,10.97,"-"]
{"$rows_empty":8}
["注：1.如不使用省级或行业建设主管部门发布的计价依据，可不填定额编码、名称等；\n    2.招标文件提供了暂估单价的材料，按暂估的单价填入表内“暂估单价”栏及“暂估合价”栏。"]
[{"$nulls":10},"表-09"]
["综合单价分析表"]
["工程名称：建筑工程",{"$nulls":7},"标段：",null,"第 32 页  共 39 页"]
["项目编码",null,"011702002004",null,"项目名称","矩形柱",{"$nulls":3},"计量单位",null,"m2","工程量",184.8]
["清单综合单价组成明细"]
["定额编号","定额项目名称","定额\n单位","数量","单价",{"$nulls":4},"合价"]
[{"$nulls":4},"人工费","材料费","机具费","管理费\n和利润",null,"人工费",null,"材料费","机具费","管理费\n和利润"]
["A1-20-15","矩形柱模板(周长m) 支模高度3.6m内 1.8内","100m2",0.01,2819.89,1094.46,178.11,1389.57,null,28.2,null,10.94,1.78,13.9]
["人工单价",null,"小计",{"$nulls":6},28.2,null,10.94,1.78,13.9]
[null,null,"未计价材料费"]
["清单项目综合单价",{"$nulls":8},54.82]
["材\n料\n费\n明\n细","主要材料名称、规格、型号",{"$nulls":4},"单位","数量",null,"单价（元）",null,"合价（元）","暂估单价\n（元）","暂估合价\n（元）"]
[null,"其他材料费",{"$nulls":7},"-",null,10.97,"-"]
[null,"材料费小计",{"$nulls":7},"-",null,10.97,"-"]
{"$rows_empty":8}
["注：1.如不使用省级或行业建设主管部门发布的计价依据，可不填定额编码、名称等；\n    2.招标文件提供了暂估单价的材料，按暂估的单价填入表内“暂估单价”栏及“暂估合价”栏。"]
[{"$nulls":10},"表-09"]
["综合单价分析表"]
["工程名称：建筑工程",{"$nulls":7},"标段：",null,"第 33 页  共 39 页"]
["项目编码",null,"011702002005",null,"项目名称","矩形柱",{"$nulls":3},"计量单位",null,"m2","工程量",47.52]
["清单综合单价组成明细"]
["定额编号","定额项目名称","定额\n单位","数量","单价",{"$nulls":4},"合价"]
[{"$nulls":4},"人工费","材料费","机具费","管理费\n和利润",null,"人工费",null,"材料费","机具费","管理费\n和利润"]
["A1-20-15","矩形柱模板(周长m) 支模高度3.6m内 1.8内","100m2",0.01,2819.89,1094.46,178.11,1389.57,null,28.2,null,10.94,1.78,13.9]
["人工单价",null,"小计",{"$nulls":6},28.2,null,10.94,1.78,13.9]
[null,null,"未计价材料费"]
["清单项目综合单价",{"$nulls":8},54.82]
["材\n料\n费\n明\n细","主要材料名称、规格、型号",{"$nulls":4},"单位","数量",null,"单价（元）",null,"合价（元）","暂估单价\n（元）","暂估合价\n（元）"]
[null,"其他材料费",{"$nulls":7},"-",null,10.97,"-"]
[null,"材料费小计",{"$nulls":7},"-",null,10.97,"-"]
{"$rows_empty":8}
["注：1.如不使用省级或行业建设主管部门发布的计价依据，可不填定额编码、名称等；\n    2.招标文件提供了暂估单价的材料，按暂估的单价填入表内“暂估单价”栏及“暂估合价”栏。"]
[{"$nulls":10},"表-09"]
["综合单价分析表"]
["工程名称：建筑工程",{"$nulls":7},"标段：",null,"第 34 页  共 39 页"]
["项目编码",null,"011702005001",null,"项目名称","基础梁",{"$nulls":3},"计量单位",null,"m2","工程量",163.0833]
["清单综合单价组成明细"]
["定额编号","定额项目名称","定额\n单位","数量","单价",{"$nulls":4},"合价"]
[{"$nulls":4},"人工费","材料费","机具费","管理费\n和利润",null,"人工费",null,"材料费","机具费","管理费\n和利润"]
["A1-20-32","基础梁模板","100m2",0.01,2413.7,2002.21,148.22,1187.45,null,24.14,null,20.02,1.48,11.87]
["人工单价",null,"小计",{"$nulls":6},24.14,null,20.02,1.48,11.87]
[null,null,"未计价材料费"]
["清单项目综合单价",{"$nulls":8},57.52]
["材\n料\n费\n明\n细","主要材料名称、规格、型号",{"$nulls":4},"单位","数量",null,"单价（元）",null,"合价（元）","暂估单价\n（元）","暂估合价\n（元）"]
[null,"其他材料费",{"$nulls":7},"-",null,20,"-"]
[null,"材料费小计",{"$nulls":7},"-",null,20,"-"]
{"$rows_empty":8}
["注：1.如不使用省级或行业建设主管部门发布的计价依据，可不填定额编码、名称等；\n    2.招标文件提供了暂估单价的材料，按暂估的单价填入表内“暂估单价”栏及“暂估合价”栏。"]
[{"$nulls":10},"表-09"]
["综合单价分析表"]
["工程名称：建筑工程",{"$nulls":7},"标段：",null,"第 35 页  共 39 页"]
["项目编码",null,"011702006001",null,"项目名称","矩形梁",{"$nulls":3},"计量单位",null,"m2","工程量",758.2048]
["清单综合单价组成明细"]
["定额编号","定额项目名称","定额\n单位","数量","单价",{"$nulls":4},"合价"]
[{"$nulls":4},"人工费","材料费","机具费","管理费\n和利润",null,"人工费",null,"材料费","机具费","管理费\n和利润"]
["A1-20-33","单梁、连续梁模板(梁宽cm) 25以内 支模高度3.6m","100m2",0.01,3495.18,1113.18,186.91,1706.65,null,34.95,null,11.13,1.87,17.07]
["人工单价",null,"小计",{"$nulls":6},34.95,null,11.13,1.87,17.07]
[null,null,"未计价材料费"]
["清单项目综合单价",{"$nulls":8},65.02]
["材\n料\n费\n明\n细","主要材料名称、规格、型号",{"$nulls":4},"单位","数量",null,"单价（元）",null,"合价（元）","暂估单价\n（元）","暂估合价\n（元）"]
[null,"其他材料费",{"$nulls":7},"-",null,11.17,"-"]
[null,"材料费小计",{"$nulls":7},"-",null,11.17,"-"]
{"$rows_empty":7}
["注：1.如不使用省级或行业建设主管部门发布的计价依据，可不填定额编码、名称等；\n    2.招标文件提供了暂估单价的材料，按暂估的单价填入表内“暂估单价”栏及“暂估合价”栏。"]
[{"$nulls":10},"表-09"]
["综合单价分析表"]
["工程名称：建筑工程",{"$nulls":7},"标段：",null,"第 36 页  共 39 页"]
["项目编码",null,"011702014001",null,"项目名称","有梁板",{"$nulls":3},"计量单位",null,"m2","工程量",932.164]
["清单综合单价组成明细"]
["定额编号","定额项目名称","定额\n单位","数量","单价",{"$nulls":4},"合价"]
[{"$nulls":4},"人工费","材料费","机具费","管理费\n和利润",null,"人工费",null,"材料费","机具费","管理费\n和利润"]
["A1-20-75","有梁板模板 支模高度3.6m","100m2",0.01,2976.2,1328.08,269.83,1504.54,null,29.76,null,13.28,2.7,15.05]
["人工单价",null,"小计",{"$nulls":6},29.76,null,13.28,2.7,15.05]
[null,null,"未计价材料费"]
["清单项目综合单价",{"$nulls":8},60.79]
["材\n料\n费\n明\n细","主要材料名称、规格、型号",{"$nulls":4},"单位","数量",null,"单价（元）",null,"合价（元）","暂估单价\n（元）","暂估合价\n（元）"]
[null,"其他材料费",{"$nulls":7},"-",null,13.27,"-"]
[null,"材料费小计",{"$nulls":7},"-",null,13.27,"-"]
{"$rows_empty":8}
["注：1.如不使用省级或行业建设主管部门发布的计价依据，可不填定额编码、名称等；\n    2.招标文件提供了暂估单价的材料，按暂估的单价填入表内“暂估单价”栏及“暂估合价”栏。"]
[{"$nulls":10},"表-09"]
["综合单价分析表"]
["工程名称：建筑工程",{"$nulls":7},"标段：",null,"第 37 页  共 39 页"]
["项目编码",null,"011702022001",null,"项目名称","天沟、檐沟",{"$nulls":3},"计量单位",null,"m2","工程量",28.2076]
["清单综合单价组成明细"]
["定额编号","定额项目名称","定额\n单位","数量","单价",{"$nulls":4},"合价"]
[{"$nulls":4},"人工费","材料费","机具费","管理费\n和利润",null,"人工费",null,"材料费","机具费","管理费\n和利润"]
["A1-20-97","栏板、反檐模板","100m2",0.01,2459.11,2228.95,123.79,1197.17,null,24.59,null,22.29,1.24,11.97]
["人工单价",null,"小计",{"$nulls":6},24.59,null,22.29,1.24,11.97]
[null,null,"未计价材料费"]
["清单项目综合单价",{"$nulls":8},60.09]
["材\n料\n费\n明\n细","主要材料名称、规格、型号",{"$nulls":4},"单位","数量",null,"单价（元）",null,"合价（元）","暂估单价\n（元）","暂估合价\n（元）"]
[null,"其他材料费",{"$nulls":7},"-",null,22.23,"-"]
[null,"材料费小计",{"$nulls":7},"-",null,22.23,"-"]
{"$rows_empty":8}
["注：1.如不使用省级或行业建设主管部门发布的计价依据，可不填定额编码、名称等；\n    2.招标文件提供了暂估单价的材料，按暂估的单价填入表内“暂估单价”栏及“暂估合价”栏。"]
[{"$nulls":10},"表-09"]
["综合单价分析表"]
["工程名称：建筑工程",{"$nulls":7},"标段：",null,"第 38 页  共 39 页"]
["项目编码",null,"011702027001",null,"项目名称","台阶",{"$nulls":3},"计量单位",null,"m2","工程量",4.404]
["清单综合单价组成明细"]
["定额编号","定额项目名称","定额\n单位","数量","单价",{"$nulls":4},"合价"]
[{"$nulls":4},"人工费","材料费","机具费","管理费\n和利润",null,"人工费",null,"材料费","机具费","管理费\n和利润"]
["A1-20-96","台阶模板","100m2",0.01,2090.43,732.47,60.91,997.15,null,20.9,null,7.32,0.61,9.97]
["人工单价",null,"小计",{"$nulls":6},20.9,null,7.32,0.61,9.97]
[null,null,"未计价材料费"]
["清单项目综合单价",{"$nulls":8},38.81]
["材\n料\n费\n明\n细","主要材料名称、规格、型号",{"$nulls":4},"单位","数量",null,"单价（元）",null,"合价（元）","暂估单价\n（元）","暂估合价\n（元）"]
[null,"其他材料费",{"$nulls":7},"-",null,7.38,"-"]
[null,"材料费小计",{"$nulls":7},"-",null,7.38,"-"]
{"$rows_empty":8}
["注：1.如不使用省级或行业建设主管部门发布的计价依据，可不填定额编码、名称等；\n    2.招标文件提供了暂估单价的材料，按暂估的单价填入表内“暂估单价”栏及“暂估合价”栏。"]
[{"$nulls":10},"表-09"]
["综合单价分析表"]
["工程名称：建筑工程",{"$nulls":7},"标段：",null,"第 39 页  共 39 页"]
["项目编码",null,"011702028001",null,"项目名称","扶手",{"$nulls":3},"计量单位",null,"m2","工程量",6.5779]
["清单综合单价组成明细"]
["定额编号","定额项目名称","定额\n单位","数量","单价",{"$nulls":4},"合价"]
[{"$nulls":4},"人工费","材料费","机具费","管理费\n和利润",null,"人工费",null,"材料费","机具费","管理费\n和利润"]
["A1-20-98","压顶、扶手模板","100m",0.0001,1934.32,998.76,86.72,936.75,null,0.19,null,0.1,0.01,0.09]
["人工单价",null,"小计",{"$nulls":6},0.19,null,0.1,0.01,0.09]
[null,null,"未计价材料费"]
["清单项目综合单价",{"$nulls":8},0.4]
["材\n料\n费\n明\n细","主要材料名称、规格、型号",{"$nulls":4},"单位","数量",null,"单价（元）",null,"合价（元）","暂估单价\n（元）","暂估合价\n（元）"]
[null,"其他材料费",{"$nulls":7},"-",null,0.13,"-"]
[null,"材料费小计",{"$nulls":7},"-",null,0.13,"-"]
{"$rows_empty":8}
["注：1.如不使用省级或行业建设主管部门发布的计价依据，可不填定额编码、名称等；\n    2.招标文件提供了暂估单价的材料，按暂估的单价填入表内“暂估单价”栏及“暂估合价”栏。"]
[{"$nulls":10},"表-09"]

{"sheet":"表-09 综合单价分析表（全费用）","index":8,"n_rows":867,"n_cols":20,"rows_kept":867,"merged":[[0,0,0,19],[1,0,1,10],[1,11,1,14],[1,15,1,19],[2,0,2,1],[2,2,2,3],[2,4,2,5],[2,6,2,9],[2,10,2,12],[2,13,2,15],[2,16,2,17],[2,18,2,19],[3,0,3,19],[4,4,4,11],[4,12,4,19],[5,10,5,11],[5,14,5,15],[6,10,6,11],[6,14,6,15],[7,0,7,1],[7,2,7,11],[7,14,7,15],[8,0,8,1],[8,2,8,11],[8,12,8,19],[9,0,9,11],[9,12,9,19],[10,1,10,8],[10,10,10,11],[10,12,10,13],[10,14,10,16],[10,18,10,19],[11,1,11,8],[11,10,11,11],[11,12,11,13],[11,14,11,16],[11,18,11,19],[12,1,12,8],[12,10,12,11],[12,12,12,13],[12,14,12,16],[12,18,12,19],[13,1,13,8],[13,10,13,11],[13,12,13,13],[13,14,13,16],[13,18,13,19],[14,1,14,8],[14,10,14,11],[14,12,14,13],[14,14,14,16],[14,18,14,19],[15,1,15,8],[15,10,15,11],[15,12,15,13],[15,14,15,16],[15,18,15,19],[16,1,16,8],[16,10,16,11],[16,12,16,13],[16,14,16,16],[16,18,16,19],[17,1,17,8],[17,10,17,11],[17,12,17,13],[17,14,17,16],[17,18,17,19],[18,1,18,8],[18,10,18,11],[18,12,18,13],[18,14,18,16],[18,18,18,19],[19,0,19,19],[20,0,20,10],[20,11,20,14],[20,15,20,19],[21,0,21,19],[22,0,22,10],[22,11,22,14],[22,15,22,19],[23,0,23,1],[23,2,23,3],[23,4,23,5],[23,6,23,9],[23,10,23,12],[23,13,23,15],[23,16,23,17],[23,18,23,19],[24,0,24,19],[25,4,25,11],[25,12,25,19],[26,10,26,11],[26,14,26,15],[27,10,27,11],[27,14,27,15],[28,10,28,11],[28,14,28,15],[29,0,29,1],[29,2,29,11],[29,14,29,15],[30,0,30,1],[30,2,30,11],[30,12,30,19],[31,0,31,11],[31,12,31,19],[32,1,32,8],[32,10,32,11],[32,12,32,13],[32,14,32,16],[32,18,32,19],[33,1,33,11],[33,12,33,13],[33,14,33,16],[33,18,33,19],[34,1,34,11],[34,12,34,13],[34,14,34,16],[34,18,34,19],[35,1,35,8],[35,10,35,11],[35,12,35,13],[35,14,35,16],[35,18,35,19],[36,1,36,8],[36,10,36,11],[36,12,36,13],[36,14,36,16],[36,18,36,19],[37,1,37,8],[37,10,37,11],[37,12,37,13],[37,14,37,16],[37,18,37,19],[38,1,38,8],[38,10,38,11],[38,12,38,13],[38,14,38,16],[38,18,38,19],[39,1,39,8],[39,10,39,11],[39,12,39,13],[39,14,39,16],[39,18,39,19],[40,0,40,19],[41,0,41,10],[41,11,41,14],[41,15,41,19],[42,0,42,19],[43,0,43,10],[43,11,43,14],[43,15,43,19],[44,0,44,1],[44,2,44,3],[44,4,44,5],[44,6,44,9],[44,10,44,12],[44,13,44,15],[44,16,44,17],[44,18,44,19],[45,0,45,19],[46,4,46,11],[46,12,46,19],[47,10,47,11],[47,14,47,15],[48,10,48,11],[48,14,48,15],[49,10,49,11],[49,14,49,15],[50,0,50,1],[50,2,50,11],[50,14,50,15],[51,0,51,1],[51,2,51,11],[51,12,51,19],[52,0,52,11],[52,12,52,19],[53,1,53,8],[53,10,53,11],[53,12,53,13],[53,14,53,16],[53,18,53,19],[54,1,54,11],[54,12,54,13],[54,14,54,16],[54,18,54,19],[55,1,55,11],[55,12,55,13],[55,14,55,16],[55,18,55,19],[56,1,56,8],[56,10,56,11],[56,12,56,13],[56,14,56,16],[56,18,56,19],[57,1,57,8],[57,10,57,11],[57,12,57,13],[57,14,57,16],[57,18,57,19],[58,1,58,8],[58,10,58,11],[58,12,58,13],[58,14,58,16],[58,18,58,19],[59,1,59,8],[59,10,59,11],[59,12,59,13],[59,14,59,16],[59,18,59,19],[60,1,60,8],[60,10,60,11],[60,12,60,13],[60,14,60,16],[60,18,60,19],[61,0,61,19],[62,0,62,10],[62,11,62,14],[62,15,62,19],[63,0,63,19],[64,0,64,10],[64,11,64,14],[64,15,64,19],[65,0,65,1],[65,2,65,3],[65,4,65,5],[65,6,65,9],[65,10,65,12],[65,13,65,15],[65,16,65,17],[65,18,65,19],[66,0,66,19],[67,4,67,11],[67,12,67,19],[68,10,68,11],[68,14,68,15],[69,10,69,11],[69,14,69,15],[70,10,70,11],[70,14,70,15],[71,0,71,1],[71,2,71,11],[71,14,71,15],[72,0,72,1],[72,2,72,11],[72,12,72,19],[73,0,73,11],[73,12,73,19],[74,1,74,8],[74,10,74,11],[74,12,74,13],[74,14,74,16],[74,18,74,19],[75,1,75,11],[75,12,75,13],[75,14,75,16],[75,18,75,19],[76,1,76,11],[76,12,76,13],[76,14,76,16],[76,18,76,19],[77,1,77,8],[77,10,77,11],[77,12,77,13],[77,14,77,16],[77,18,77,19],[78,1,78,8],[78,10,78,11],[78,12,78,13],[78,14,78,16],[78,18,78,19],[79,1,79,8],[79,10,79,11],[79,12,79,13],[79,14,79,16],[79,18,79,19],[80,1,80,8],[80,10,80,11],[80,12,80,13],[80,14,80,16],[80,18,80,19],[81,1,81,8],[81,10,81,11],[81,12,81,13],[81,14,81,16],[81,18,81,19],[82,0,82,19],[83,0,83,10],[83,11,83,14],[83,15,83,19],[84,0,84,19],[85,0,85,10],[85,11,85,14],[85,15,85,19],[86,0,86,1],[86,2,86,3],[86,4,86,5],[86,6,86,9],[86,10,86,12],[86,13,86,15],[86,16,86,17],[86,18,86,19],[87,0,87,19],[88,4,88,11],[88,12,88,19],[89,10,89,11],[89,14,89,15],[90,10,90,11],[90,14,90,15],[91,10,91,11],[91,14,91,15],[92,0,92,1],[92,2,92,11],[92,14,92,15],[93,0,93,1],[93,2,93,11],[93,12,93,19],[94,0,94,11],[94,12,94,19],[95,1,95,8],[95,10,95,11],[95,12,95,13],[95,14,95,16],[95,18,95,19],[96,1,96,11],[96,12,96,13],[96,14,96,16],[96,18,96,19],[97,1,97,11],[97,12,97,13],[97,14,97,16],[97,18,97,19],[98,1,98,8],[98,10,98,11],[98,12,98,13],[98,14,98,16],[98,18,98,19],[99,1,99,8],[99,10,99,11],[99,12,99,13],[99,14,99,16],[99,18,99,19],[100,1,100,8],[100,10,100,11],[100,12,100,13],[100,14,100,16],[100,18,100,19],[101,1,101,8],[101,10,101,11],[101,12,101,13],[101,14,101,16],[101,18,101,19],[102,1,102,8],[102,10,102,11],[102,12,102,13],[102,14,102,16],[102,18,102,19],[103,1,103,8],[103,10,103,11],[103,12,103,13],[103,14,103,16],[103,18,103,19],[104,0,104,19],[105,0,105,10],[105,11,105,14],[105,15,105,19],[106,0,106,19],[107,0,107,10],[107,11,107,14],[107,15,107,19],[108,0,108,1],[108,2,108,3],[108,4,108,5],[108,6,108,9],[108,10,108,12],[108,13,108,15],[108,16,108,17],[108,18,108,19],[109,0,109,19],[110,4,110,11],[110,12,110,19],[111,10,111,11],[111,14,111,15],[112,10,112,11],[112,14,112,15],[113,0,113,1],[113,2,113,11],[113,14,113,15],[114,0,114,1],[114,2,114,11],[114,12,114,19],[115,0,115,11],[115,12,115,19],[116,1,116,8],[116,10,116,11],[116,12,116,13],[116,14,116,16],[116,18,116,19],[117,1,117,11],[117,12,117,13],[117,14,117,16],[117,18,117,19],[118,1,118,11],[118,12,118,13],[118,14,118,16],[118,18,118,19],[119,1,119,8],[119,10,119,11],[119,12,119,13],[119,14,119,16],[119,18,119,19],[120,1,120,8],[120,10,120,11],[120,12,120,13],[120,14,120,16],[120,18,120,19],[121,1,121,8],[121,10,121,11],[121,12,121,13],[121,14,121,16],[121,18,121,19],[122,1,122,8],[122,10,122,11],[122,12,122,13],[122,14,122,16],[122,18,122,19],[123,1,123,8],[123,10,123,11],[123,12,123,13],[123,14,123,16],[123,18,123,19],[124,1,124,8],[124,10,124,11],[124,12,124,13],[124,14,124,16],[124,18,124,19],[125,1,125,8],[125,10,125,11],[125,12,125,13],[125,14,125,16],[125,18,125,19],[126,1,126,8],[126,10,126,11],[126,12,126,13],[126,14,126,16],[126,18,126,19],[127,0,127,19],[128,0,128,10],[128,11,128,14],[128,15,128,19],[129,0,129,19],[130,0,130,10],[130,11,130,14],[130,15,130,19],[131,0,131,1],[131,2,131,3],[131,4,131,5],[131,6,131,9],[131,10,131,12],[131,13,131,15],[131,16,131,17],[131,18,131,19],[132,0,132,19],[133,4,133,11],[133,12,133,19],[134,10,134,11],[134,14,134,15],[135,10,135,11],[135,14,135,15],[136,10,136,11],[136,14,136,15],[137,0,137,1],[137,2,137,11],[137,14,137,15],[138,0,138,1],[138,2,138,11],[138,12,138,19],[139,0,139,11],[139,12,139,19],[140,1,140,8],[140,10,140,11],[140,12,140,13],[140,14,140,16],[140,18,140,19],[141,1,141,11],[141,12,141,13],[141,14,141,16],[141,18,141,19],[142,1,142,11],[142,12,142,13],[142,14,142,16],[142,18,142,19],[143,1,143,8],[143,10,143,11],[143,12,143,13],[143,14,143,16],[143,18,143,19],[144,1,144,8],[144,10,144,11],[144,12,144,13],[144,14,144,16],[144,18,144,19],[145,1,145,8],[145,10,145,11],[145,12,145,13],[145,14,145,16],[145,18,145,19],[146,1,146,8],[146,10,146,11],[146,12,146,13],[146,14,146,16],[146,18,146,19],[147,1,147,8],[147,10,147,11],[147,12,147,13],[147,14,147,16],[147,18,147,19],[148,0,148,19],[149,0,149,10],[149,11,149,14],[149,15,149,19],[150,0,150,19],[151,0,151,10],[151,11,151,14],[151,15,151,19],[152,0,152,1],[152,2,152,3],[152,4,152,5],[152,6,152,9],[152,10,152,12],[152,13,152,15],[152,16,152,17],[152,18,152,19],[153,0,153,19],[154,4,154,11],[154,12,154,19],[155,10,155,11],[155,14,155,15],[156,10,156,11],[156,14,156,15],[157,10,157,11],[157,14,157,15],[158,0,158,1],[158,2,158,11],[158,14,158,15],[159,0,159,1],[159,2,159,11],[159,12,159,19],[160,0,160,11],[160,12,160,19],[161,1,161,8],[161,10,161,11],[161,12,161,13],[161,14,161,16],[161,18,161,19],[162,1,162,11],[162,12,162,13],[162,14,162,16],[162,18,162,19],[163,1,163,11],[163,12,163,13],[163,14,163,16],[163,18,163,19],[164,1,164,8],[164,10,164,11],[164,12,164,13],[164,14,164,16],[164,18,164,19],[165,1,165,8],[165,10,165,11],[165,12,165,13],[165,14,165,16],[165,18,165,19],[166,1,166,8],[166,10,166,11],[166,12,166,13],[166,14,166,16],[166,18,166,19],[167,1,167,8],[167,10,167,11],[167,12,167,13],[167,14,167,16],[167,18,167,19],[168,0,168,19],[169,0,169,10],[169,11,169,14],[169,15,169,19],[170,0,170,19],[171,0,171,10],[171,11,171,14],[171,15,171,19],[172,0,172,1],[172,2,172,3],[172,4,172,5],[172,6,172,9],[172,10,172,12],[172,13,172,15],[172,16,172,17],[172,18,172,19],[173,0,173,19],[174,4,174,11],[174,12,174,19],[175,10,175,11],[175,14,175,15],[176,10,176,11],[176,14,176,15],[177,10,177,11],[177,14,177,15],[178,0,178,1],[178,2,178,11],[178,14,178,15],[179,0,179,1],[179,2,179,11],[179,12,179,19],[180,0,180,11],[180,12,180,19],[181,1,181,8],[181,10,181,11],[181,12,181,13],[181,14,181,16],[181,18,181,19],[182,1,182,11],[182,12,182,13],[182,14,182,16],[182,18,182,19],[183,1,183,11],[183,12,183,13],[183,14,183,16],[183,18,183,19],[184,1,184,8],[184,10,184,11],[184,12,184,13],[184,14,184,16],[184,18,184,19],[185,1,185,8],[185,10,185,11],[185,12,185,13],[185,14,185,16],[185,18,185,19],[186,1,186,8],[186,10,186,11],[186,12,186,13],[186,14,186,16],[186,18,186,19],[187,1,187,8],[187,10,187,11],[187,12,187,13],[187,14,187,16],[187,18,187,19],[188,1,188,8],[188,10,188,11],[188,12,188,13],[188,14,188,16],[188,18,188,19],[189,1,189,8],[189,10,189,11],[189,12,189,13],[189,14,189,16],[189,18,189,19],[190,0,190,19],[191,0,191,10],[191,11,191,14],[191,15,191,19],[192,0,192,19],[193,0,193,10],[193,11,193,14],[193,15,193,19],[194,0,194,1],[194,2,194,3],[194,4,194,5],[194,6,194,9],[194,10,194,12],[194,13,194,15],[194,16,194,17],[194,18,194,19],[195,0,195,19],[196,4,196,11],[196,12,196,19],[197,10,197,11],[197,14,197,15],[198,10,198,11],[198,14,198,15],[199,10,199,11],[199,14,199,15],[200,0,200,1],[200,2,200,11],[200,14,200,15],[201,0,201,1],[201,2,201,11],[201,12,201,19],[202,0,202,11],[202,12,202,19],[203,1,203,8],[203,10,203,11],[203,12,203,13],[203,14,203,16],[203,18,203,19],[204,1,204,11],[204,12,204,13],[204,14,204,16],[204,18,204,19],[205,1,205,11],[205,12,205,13],[205,14,205,16],[205,18,205,19],[206,1,206,8],[206,10,206,11],[206,12,206,13],[206,14,206,16],[206,18,206,19],[207,1,207,8],[207,10,207,11],[207,12,207,13],[207,14,207,16],[207,18,207,19],[208,1,208,8],[208,10,208,11],[208,12,208,13],[208,14,208,16],[208,18,208,19],[209,1,209,8],[209,10,209,11],[209,12,209,13],[209,14,209,16],[209,18,209,19],[210,1,210,8],[210,10,210,11],[210,12,210,13],[210,14,210,16],[210,18,210,19],[211,0,211,19],[212,0,212,10],[212,11,212,14],[212,15,212,19],[213,0,213,19],[214,0,214,10],[214,11,214,14],[214,15,214,19],[215,0,215,1],[215,2,215,3],[215,4,215,5],[215,6,215,9],[215,10,215,12],[215,13,215,15],[215,16,215,17],[215,18,215,19],[216,0,216,19],[217,4,217,11],[217,12,217,19],[218,10,218,11],[218,14,218,15],[219,10,219,11],[219,14,219,15],[220,10,220,11],[220,14,220,15],[221,0,221,1],[221,2,221,11],[221,14,221,15],[222,0,222,1],[222,2,222,11],[222,12,222,19],[223,0,223,11],[223,12,223,19],[224,1,224,8],[224,10,224,11],[224,12,224,13],[224,14,224,16],[224,18,224,19],[225,1,225,11],[225,12,225,13],[225,14,225,16],[225,18,225,19],[226,1,226,11],[226,12,226,13],[226,14,226,16],[226,18,226,19],[227,1,227,8],[227,10,227,11],[227,12,227,13],[227,14,227,16],[227,18,227,19],[228,1,228,8],[228,10,228,11],[228,12,228,13],[228,14,228,16],[228,18,228,19],[229,1,229,8],[229,10,229,11],[229,12,229,13],[229,14,229,16],[229,18,229,19],[230,1,230,8],[230,10,230,11],[230,12,230,13],[230,14,230,16],[230,18,230,19],[231,1,231,8],[231,10,231,11],[231,12,231,13],[231,14,231,16],[231,18,231,19],[232,0,232,19],[233,0,233,10],[233,11,233,14],[233,15,233,19],[234,0,234,19],[235,0,235,10],[235,11,235,14],[235,15,235,19],[236,0,236,1],[236,2,236,3],[236,4,236,5],[236,6,236,9],[236,10,236,12],[236,13,236,15],[236,16,236,17],[236,18,236,19],[237,0,237,19],[238,4,238,11],[238,12,238,19],[239,10,239,11],[239,14,239,15],[240,10,240,11],[240,14,240,15],[241,10,241,11],[241,14,241,15],[242,0,242,1],[242,2,242,11],[242,14,242,15],[243,0,243,1],[243,2,243,11],[243,12,243,19],[244,0,244,11],[244,12,244,19],[245,1,245,8],[245,10,245,11],[245,12,245,13],[245,14,245,16],[245,18,245,19],[246,1,246,11],[246,12,246,13],[246,14,246,16],[246,18,246,19],[247,1,247,11],[247,12,247,13],[247,14,247,16],[247,18,247,19],[248,1,248,8],[248,10,248,11],[248,12,248,13],[248,14,248,16],[248,18,248,19],[249,1,249,8],[249,10,249,11],[249,12,249,13],[249,14,249,16],[249,18,249,19],[250,1,250,8],[250,10,250,11],[250,12,250,13],[250,14,250,16],[250,18,250,19],[251,1,251,8],[251,10,251,11],[251,12,251,13],[251,14,251,16],[251,18,251,19],[252,1,252,8],[252,10,252,11],[252,12,252,13],[252,14,252,16],[252,18,252,19],[253,0,253,19],[254,0,254,10],[254,11,254,14],[254,15,254,19],[255,0,255,19],[256,0,256,10],[256,11,256,14],[256,15,256,19],[257,0,257,1],[257,2,257,3],[257,4,257,5],[257,6,257,9],[257,10,257,12],[257,13,257,15],[257,16,257,17],[257,18,257,19],[258,0,258,19],[259,4,259,11],[259,12,259,19],[260,10,260,11],[260,14,260,15],[261,10,261,11],[261,14,261,15],[262,10,262,11],[262,14,262,15],[263,0,263,1],[263,2,263,11],[263,14,263,15],[264,0,264,1],[264,2,264,11],[264,12,264,19],[265,0,265,11],[265,12,265,19],[266,1,266,8],[266,10,266,11],[266,12,266,13],[266,14,266,16],[266,18,266,19],[267,1,267,11],[267,12,267,13],[267,14,267,16],[267,18,267,19],[268,1,268,11],[268,12,268,13],[268,14,268,16],[268,18,268,19],[269,1,269,8],[269,10,269,11],[269,12,269,13],[269,14,269,16],[269,18,269,19],[270,1,270,8],[270,10,270,11],[270,12,270,13],[270,14,270,16],[270,18,270,19],[271,1,271,8],[271,10,271,11],[271,12,271,13],[271,14,271,16],[271,18,271,19],[272,1,272,8],[272,10,272,11],[272,12,272,13],[272,14,272,16],[272,18,272,19],[273,1,273,8],[273,10,273,11],[273,12,273,13],[273,14,273,16],[273,18,273,19],[274,1,274,8],[274,10,274,11],[274,12,274,13],[274,14,274,16],[274,18,274,19],[275,0,275,19],[276,0,276,10],[276,11,276,14],[276,15,276,19],[277,0,277,19],[278,0,278,10],[278,11,278,14],[278,15,278,19],[279,0,279,1],[279,2,279,3],[279,4,279,5],[279,6,279,9],[279,10,279,12],[279,13,279,15],[279,16,279,17],[279,18,279,19],[280,0,280,19],[281,4,281,11],[281,12,281,19],[282,10,282,11],[282,14,282,15],[283,10,283,11],[283,14,283,15],[284,10,284,11],[284,14,284,15],[285,0,285,1],[285,2,285,11],[285,14,285,15],[286,0,286,1],[286,2,286,11],[286,12,286,19],[287,0,287,11],[287,12,287,19],[288,1,288,8],[288,10,288,11],[288,12,288,13],[288,14,288,16],[288,18,288,19],[289,1,289,11],[289,12,289,13],[289,14,289,16],[289,18,289,19],[290,1,290,11],[290,12,290,13],[290,14,290,16],[290,18,290,19],[291,1,291,8],[291,10,291,11],[291,12,291,13],[291,14,291,16],[291,18,291,19],[292,1,292,8],[292,10,292,11]],"merged_total":3274,"flags":["merged_cut"]}
["综合单价分析表"]
["工程名称：建筑工程",{"$nulls":10},"标段：",{"$nulls":3},"第 1 页  共 39 页"]
["项目编码",null,"010101001001",null,"项目名称",null,"平整场地",{"$nulls":3},"计量单位",null,null,"m2",null,null,"工程量",null,371.91]
["清单综合单价组成明细"]
["定额编号","定额项目名称","定额\n单位","数量","单价",{"$nulls":7},"合价"]
[{"$nulls":4},"人工费","材料费","机具费","管理费","利润","规费","税金",null,"人工费","材料费","机具费",null,"管理费","利润","规费","税金"]
["A1-1-1","平整场地","100m2",0.01,13.8,null,155.97,26.31,33.95,{"$nulls":3},0.14,null,1.56,null,0.26,0.34]
["人工单价",null,"小计",{"$nulls":9},0.14,null,1.56,null,0.26,0.34]
[null,null,"未计价材料费"]
["清单项目综合单价",{"$nulls":11},2.3]
["材\n料\n费\n明\n细","主要材料名称、规格、型号",{"$nulls":7},"单位","数量",null,"单价（元）",null,"合价（元）",null,null,"暂估单价\n（元）","暂估合价\n（元）"]
{"$rows_empty":8}
["注：1.如不使用省级或行业建设主管部门发布的计价依据，可不填定额编码、名称等；\n    2.招标文件提供了暂估单价的材料，按暂估的单价填入表内“暂估单价”栏及“暂估合价”栏。"]
[{"$nulls":15},"表-09"]
["综合单价分析表"]
["工程名称：建筑工程",{"$nulls":10},"标段：",{"$nulls":3},"第 2 页  共 39 页"]
["项目编码",null,"010402001001",null,"项目名称",null,"砌块墙",{"$nulls":3},"计量单位",null,null,"m3",null,null,"工程量",null,71.1378]
["清单综合单价组成明细"]
["定额编号","定额项目名称","定额\n单位","数量","单价",{"$nulls":7},"合价"]
[{"$nulls":4},"人工费","材料费","机具费","管理费","利润","规费","税金",null,"人工费","材料费","机具费",null,"管理费","利润","规费","税金"]
["A1-4-48","蒸压加气混凝土砌块外墙 墙体厚度 20cm","10m3",0.1,1617.73,2571.11,null,244.92,323.55,{"$nulls":3},161.77,257.11,null,null,24.49,32.36]
["80010080","砌筑用水泥砂浆(配合比) 中砂 M7.5","m3",0.0781,null,308.83,{"$nulls":7},24.12]
["人工单价",null,"小计",{"$nulls":9},161.77,281.23,null,null,24.49,32.36]
[null,null,"未计价材料费"]
["清单项目综合单价",{"$nulls":11},499.85]
["材\n料\n费\n明\n细","主要材料名称、规格、型号",{"$nulls":7},"单位","数量",null,"单价（元）",null,"合价（元）",null,null,"暂估单价\n（元）","暂估合价\n（元）"]
[null,"其他材料费",{"$nulls":10},"-",null,249.44,null,null,"-"]
[null,"材料费小计",{"$nulls":10},"-",null,249.44,null,null,"-"]
[]
[]
[]
[]
[]
["注：1.如不使用省级或行业建设主管部门发布的计价依据，可不填定额编码、名称等；\n    2.招标文件提供了暂估单价的材料，按暂估的单价填入表内“暂估单价”栏及“暂估合价”栏。"]
[{"$nulls":15},"表-09"]
["综合单价分析表"]
["工程名称：建筑工程",{"$nulls":10},"标段：",{"$nulls":3},"第 3 页  共 39 页"]
["项目编码",null,"010402001002",null,"项目名称",null,"砌块墙",{"$nulls":3},"计量单位",null,null,"m3",null,null,"工程量",null,82.9282]
["清单综合单价组成明细"]
["定额编号","定额项目名称","定额\n单位","数量","单价",{"$nulls":7},"合价"]
[{"$nulls":4},"人工费","材料费","机具费","管理费","利润","规费","税金",null,"人工费","材料费","机具费",null,"管理费","利润","规费","税金"]
["A1-4-48","蒸压加气混凝土砌块外墙 墙体厚度 20cm","10m3",0.1,1617.73,2571.11,null,244.92,323.55,{"$nulls":3},161.77,257.11,null,null,24.49,32.36]
["80010080","砌筑用水泥砂浆(配合比) 中砂 M7.5","m3",0.0781,null,308.83,{"$nulls":7},24.12]
["人工单价",null,"小计",{"$nulls":9},161.77,281.23,null,null,24.49,32.36]
[null,null,"未计价材料费"]
["清单项目综合单价",{"$nulls":11},499.85]
["材\n料\n费\n明\n细","主要材料名称、规格、型号",{"$nulls":7},"单位","数量",null,"单价（元）",null,"合价（元）",null,null,"暂估单价\n（元）","暂估合价\n（元）"]
[null,"其他材料费",{"$nulls":10},"-",null,249.44,null,null,"-"]
[null,"材料费小计",{"$nulls":10},"-",null,249.44,null,null,"-"]
[]
[]
[]
[]
[]
["注：1.如不使用省级或行业建设主管部门发布的计价依据，可不填定额编码、名称等；\n    2.招标文件提供了暂估单价的材料，按暂估的单价填入表内“暂估单价”栏及“暂估合价”栏。"]
[{"$nulls":15},"表-09"]
["综合单价分析表"]
["工程名称：建筑工程",{"$nulls":10},"标段：",{"$nulls":3},"第 4 页  共 39 页"]
["项目编码",null,"010402001003",null,"项目名称",null,"砌块墙",{"$nulls":3},"计量单位",null,null,"m3",null,null,"工程量",null,5.7256]
["清单综合单价组成明细"]
["定额编号","定额项目名称","定额\n单位","数量","单价",{"$nulls":7},"合价"]
[{"$nulls":4},"人工费","材料费","机具费","管理费","利润","规费","税金",null,"人工费","材料费","机具费",null,"管理费","利润","规费","税金"]
["A1-4-48","蒸压加气混凝土砌块外墙 墙体厚度 20cm","10m3",0.1,1617.73,2571.11,null,244.92,323.55,{"$nulls":3},161.77,257.11,null,null,24.49,32.36]
["80010080","砌筑用水泥砂浆(配合比) 中砂 M7.5","m3",0.0781,null,308.83,{"$nulls":7},24.12]
["人工单价",null,"小计",{"$nulls":9},161.77,281.23,null,null,24.49,32.36]
[null,null,"未计价材料费"]
["清单项目综合单价",{"$nulls":11},499.85]
["材\n料\n费\n明\n细","主要材料名称、规格、型号",{"$nulls":7},"单位","数量",null,"单价（元）",null,"合价（元）",null,null,"暂估单价\n（元）","暂估合价\n（元）"]
[null,"其他材料费",{"$nulls":10},"-",null,249.44,null,null,"-"]
[null,"材料费小计",{"$nulls":10},"-",null,249.44,null,null,"-"]
[]
[]
[]
[]
[]
["注：1.如不使用省级或行业建设主管部门发布的计价依据，可不填定额编码、名称等；\n    2.招标文件提供了暂估单价的材料，按暂估的单价填入表内“暂估单价”栏及“暂估合价”栏。"]
[{"$nulls":15},"表-09"]
["综合单价分析表"]
["工程名称：建筑工程",{"$nulls":10},"标段：",{"$nulls":3},"第 5 页  共 39 页"]
["项目编码",null,"010404001001",null,"项目名称",null,"垫层",{"$nulls":3},"计量单位",null,null,"m3",null,null,"工程量",null,14.682]
["清单综合单价组成明细"]
["定额编号","定额项目名称","定额\n单位","数量","单价",{"$nulls":7},"合价"]
[{"$nulls":4},"人工费","材料费","机具费","管理费","利润","规费","税金",null,"人工费","材料费","机具费",null,"管理费","利润","规费","税金"]
["A1-5-78","混凝土垫层","10m3",0.1,578.36,3455.23,null,166.28,115.67,{"$nulls":3},57.84,345.52,null,null,16.63,11.57]
["8021902","普通预拌混凝土 碎石粒径综合考虑 C15","m3",1.015,null,310,{"$nulls":7},314.65]
["人工单价",null,"小计",{"$nulls":9},57.84,660.17,null,null,16.63,11.57]
[null,null,"未计价材料费"]
["清单项目综合单价",{"$nulls":11},746.2]
["材\n料\n费\n明\n细","主要材料名称、规格、型号",{"$nulls":7},"单位","数量",null,"单价（元）",null,"合价（元）",null,null,"暂估单价\n（元）","暂估合价\n（元）"]
[null,"其他材料费",{"$nulls":10},"-",null,315.27,null,null,"-"]
[null,"材料费小计",{"$nulls":10},"-",null,315.27,null,null,"-"]
[]
[]
[]
[]
[]
[]
["注：1.如不使用省级或行业建设主管部门发布的计价依据，可不填定额编码、名称等；\n    2.招标文件提供了暂估单价的材料，按暂估的单价填入表内“暂估单价”栏及“暂估合价”栏。"]
[{"$nulls":15},"表-09"]
["综合单价分析表"]
["工程名称：建筑工程",{"$nulls":10},"标段：",{"$nulls":3},"第 6 页  共 39 页"]
["项目编码",null,"010501001001",null,"项目名称",null,"垫层",{"$nulls":3},"计量单位",null,null,"m3",null,null,"工程量",null,14.682]
["清单综合单价组成明细"]
["定额编号","定额项目名称","定额\n单位","数量","单价",{"$nulls":7},"合价"]
[{"$nulls":4},"人工费","材料费","机具费","管理费","利润","规费","税金",null,"人工费","材料费","机具费",null,"管理费","利润","规费","税金"]
["A1-20-12","基础垫层模板","100m2",0.01,1039.92,1252.45,69.82,292.42,221.95,{"$nulls":3},10.4,12.52,0.7,null,2.92,2.22]
["人工单价",null,"小计",{"$nulls":9},10.4,12.52,0.7,null,2.92,2.22]
[null,null,"未计价材料费"]
["清单项目综合单价",{"$nulls":11},28.77]
["材\n料\n费\n明\n细","主要材料名称、规格、型号",{"$nulls":7},"单位","数量",null,"单价（元）",null,"合价（元）",null,null,"暂估单价\n（元）","暂估合价\n（元）"]
[null,"其他材料费",{"$nulls":10},"-",null,12.49,null,null,"-"]
[null,"材料费小计",{"$nulls":10},"-",null,12.49,null,null,"-"]
{"$rows_empty":8}
["注：1.如不使用省级或行业建设主管部门发布的计价依据，可不填定额编码、名称等；\n    2.招标文件提供了暂估单价的材料，按暂估的单价填入表内“暂估单价”栏及“暂估合价”栏。"]
[{"$nulls":15},"表-09"]
["综合单价分析表"]
["工程名称：建筑工程",{"$nulls":10},"标段：",{"$nulls":3},"第 7 页  共 39 页"]
["项目编码",null,"010501003001",null,"项目名称",null,"独立基础",{"$nulls":3},"计量单位",null,null,"m3",null,null,"工程量",null,61.2453]
["清单综合单价组成明细"]
["定额编号","定额项目名称","定额\n单位","数量","单价",{"$nulls":7},"合价"]
[{"$nulls":4},"人工费","材料费","机具费","管理费","利润","规费","税金",null,"人工费","材料费","机具费",null,"管理费","利润","规费","税金"]
["A1-5-2","现浇建筑物混凝土 其他混凝土基础","10m3",0.1,456.92,3499.71,8.08,133.69,93,{"$nulls":3},45.69,349.97,0.81,null,13.37,9.3]
["8021904","普通预拌混凝土 碎石粒径综合考虑 C25","m3",1.01,null,331,{"$nulls":7},334.31]
["人工单价",null,"小计",{"$nulls":9},45.69,684.28,0.81,null,13.37,9.3]
[null,null,"未计价材料费"]
["清单项目综合单价",{"$nulls":11},753.45]
["材\n料\n费\n明\n细","主要材料名称、规格、型号",{"$nulls":7},"单位","数量",null,"单价（元）",null,"合价（元）",null,null,"暂估单价\n（元）","暂估合价\n（元）"]
[null,"其他材料费",{"$nulls":10},"-",null,341.07,null,null,"-"]
[null,"材料费小计",{"$nulls":10},"-",null,341.07,null,null,"-"]
[]
[]
[]
[]
[]
["注：1.如不使用省级或行业建设主管部门发布的计价依据，可不填定额编码、名称等；\n    2.招标文件提供了暂估单价的材料，按暂估的单价填入表内“暂估单价”栏及“暂估合价”栏。"]
[{"$nulls":15},"表-09"]
["综合单价分析表"]
["工程名称：建筑工程",{"$nulls":10},"标段：",{"$nulls":3},"第 8 页  共 39 页"]
["项目编码",null,"010502001001",null,"项目名称",null,"矩形柱",{"$nulls":3},"计量单位",null,null,"m3",null,null,"工程量",null,29.44]
["清单综合单价组成明细"]
["定额编号","定额项目名称","定额\n单位","数量","单价",{"$nulls":7},"合价"]
[{"$nulls":4},"人工费","材料费","机具费","管理费","利润","规费","税金",null,"人工费","材料费","机具费",null,"管理费","利润","规费","税金"]
["A1-5-5","现浇建筑物混凝土 矩形、多边形、异形、圆形柱、钢管柱","10m3",0.1,1181,3588.78,13.01,343.28,238.8,{"$nulls":3},118.1,358.88,1.3,null,34.33,23.88]
["8021904","普通预拌混凝土 碎石粒径综合考虑 C25","m3",1.01,null,331,{"$nulls":7},334.31]
["人工单价",null,"小计",{"$nulls":9},118.1,693.19,1.3,null,34.33,23.88]
[null,null,"未计价材料费"]
["清单项目综合单价",{"$nulls":11},870.8]
["材\n料\n费\n明\n细","主要材料名称、规格、型号",{"$nulls":7},"单位","数量",null,"单价（元）",null,"合价（元）",null,null,"暂估单价\n（元）","暂估合价\n（元）"]
[null,"其他材料费",{"$nulls":10},"-",null,349.99,null,null,"-"]
[null,"材料费小计",{"$nulls":10},"-",null,349.99,null,null,"-"]
[]
[]
[]
[]
["注：1.如不使用省级或行业建设主管部门发布的计价依据，可不填定额编码、名称等；\n    2.招标文件提供了暂估单价的材料，按暂估的单价填入表内“暂估单价”栏及“暂估合价”栏。"]
[{"$nulls":15},"表-09"]
["综合单价分析表"]
["工程名称：建筑工程",{"$nulls":10},"标段：",{"$nulls":3},"第 9 页  共 39 页"]
["项目编码",null,"010503001001",null,"项目名称",null,"基础梁",{"$nulls":3},"计量单位",null,null,"m3",null,null,"工程量",null,20.147]
["清单综合单价组成明细"]
["定额编号","定额项目名称","定额\n单位","数量","单价",{"$nulls":7},"合价"]
[{"$nulls":4},"人工费","材料费","机具费","管理费","利润","规费","税金",null,"人工费","材料费","机具费",null,"管理费","利润","规费","税金"]
["A1-5-8","现浇建筑物混凝土 基础梁","10m3",0.1,364.32,3593.42,13.11,108.51,75.49,{"$nulls":3},36.43,359.34,1.31,null,10.85,7.55]
["8021904","普通预拌混凝土 碎石粒径综合考虑 C25","m3",1.01,null,331,{"$nulls":7},334.31]
["人工单价",null,"小计",{"$nulls":9},36.43,693.65,1.31,null,10.85,7.55]
[null,null,"未计价材料费"]
["清单项目综合单价",{"$nulls":11},749.8]
["材\n料\n费\n明\n细","主要材料名称、规格、型号",{"$nulls":7},"单位","数量",null,"单价（元）",null,"合价（元）",null,null,"暂估单价\n（元）","暂估合价\n（元）"]
[null,"其他材料费",{"$nulls":10},"-",null,350.44,null,null,"-"]
[null,"材料费小计",{"$nulls":10},"-",null,350.44,null,null,"-"]
[]
[]
[]
[]
[]
[]
["注：1.如不使用省级或行业建设主管部门发布的计价依据，可不填定额编码、名称等；\n    2.招标文件提供了暂估单价的材料，按暂估的单价填入表内“暂估单价”栏及“暂估合价”栏。"]
[{"$nulls":15},"表-09"]
["综合单价分析表"]
["工程名称：建筑工程",{"$nulls":10},"标段：",{"$nulls":3},"第 10 页  共 39 页"]
["项目编码",null,"010503002001",null,"项目名称",null,"矩形梁",{"$nulls":3},"计量单位",null,null,"m3",null,null,"工程量",null,72.3153]
["清单综合单价组成明细"]
["定额编号","定额项目名称","定额\n单位","数量","单价",{"$nulls":7},"合价"]
[{"$nulls":4},"人工费","材料费","机具费","管理费","利润","规费","税金",null,"人工费","材料费","机具费",null,"管理费","利润","规费","税金"]
["A1-5-9","现浇建筑物混凝土 单梁、连续梁、异形梁","10m3",0.1,487.28,3573.63,13.11,143.86,100.08,{"$nulls":3},48.73,357.36,1.31,null,14.39,10.01]
["8021904","普通预拌混凝土 碎石粒径综合考虑 C25","m3",1.01,null,331,{"$nulls":7},334.31]
["人工单价",null,"小计",{"$nulls":9},48.73,691.67,1.31,null,14.39,10.01]
[null,null,"未计价材料费"]
["清单项目综合单价",{"$nulls":11},766.11]
["材\n料\n费\n明\n细","主要材料名称、规格、型号",{"$nulls":7},"单位","数量",null,"单价（元）",null,"合价（元）",null,null,"暂估单价\n（元）","暂估合价\n（元）"]
[null,"其他材料费",{"$nulls":10},"-",null,348.47,null,null,"-"]
[null,"材料费小计",{"$nulls":10},"-",null,348.47,null,null,"-"]
[]
[]
[]
[]
[]
["注：1.如不使用省级或行业建设主管部门发布的计价依据，可不填定额编码、名称等；\n    2.招标文件提供了暂估单价的材料，按暂估的单价填入表内“暂估单价”栏及“暂估合价”栏。"]
[{"$nulls":15},"表-09"]
["综合单价分析表"]
["工程名称：建筑工程",{"$nulls":10},"标段：",{"$nulls":3},"第 11 页  共 39 页"]
["项目编码",null,"010505001001",null,"项目名称",null,"有梁板",{"$nulls":3},"计量单位",null,null,"m3",null,null,"工程量",null,162.0464]
["清单综合单价组成明细"]
["定额编号","定额项目名称","定额\n单位","数量","单价",{"$nulls":7},"合价"]
[{"$nulls":4},"人工费","材料费","机具费","管理费","利润","规费","税金",null,"人工费","材料费","机具费",null,"管理费","利润","规费","税金"]
["A1-5-14","现浇建筑物混凝土 平板、有梁板、无梁板","10m3",0.1,466.03,3620.56,14.65,138.2,96.14,{"$nulls":3},46.6,362.06,1.47,null,13.82,9.61]
["8021904","普通预拌混凝土 碎石粒径综合考虑 C25","m3",1.01,null,331,{"$nulls":7},334.31]
["人工单价",null,"小计",{"$nulls":9},46.6,696.37,1.47,null,13.82,9.61]
[null,null,"未计价材料费"]
["清单项目综合单价",{"$nulls":11},767.87]
["材\n料\n费\n明\n细","主要材料名称、规格、型号",{"$nulls":7},"单位","数量",null,"单价（元）",null,"合价（元）",null,null,"暂估单价\n（元）","暂估合价\n（元）"]
[null,"其他材料费",{"$nulls":10},"-",null,353.15,null,null,"-"]
[null,"材料费小计",{"$nulls":10},"-",null,353.15,null,null,"-"]
[]
[]
[]
[]
[]
["注：1.如不使用省级或行业建设主管部门发布的计价依据，可不填定额编码、名称等；\n    2.招标文件提供了暂估单价的材料，按暂估的单价填入表内“暂估单价”栏及“暂估合价”栏。"]
[{"$nulls":15},"表-09"]
["综合单价分析表"]
["工程名称：建筑工程",{"$nulls":10},"标段：",{"$nulls":3},"第 12 页  共 39 页"]
["项目编码",null,"010505007001",null,"项目名称",null,"天沟(檐沟)、挑檐板",{"$nulls":3},"计量单位",null,null,"m3",null,null,"工程量",null,1.4461]
["清单综合单价组成明细"]
["定额编号","定额项目名称","定额\n单位","数量","单价",{"$nulls":7},"合价"]
[{"$nulls":4},"人工费","材料费","机具费","管理费","利润","规费","税金",null,"人工费","材料费","机具费",null,"管理费","利润","规费","税金"]
["A1-5-32","现浇混凝土其他构件 天沟、挑檐","10m3",0.1,1847.41,3490.22,20.98,537.16,373.68,{"$nulls":3},184.74,349.02,2.1,null,53.72,37.37]
["8021904","普通预拌混凝土 碎石粒径综合考虑 C25","m3",1.01,null,331,{"$nulls":7},334.32]
["人工单价",null,"小计",{"$nulls":9},184.74,683.34,2.1,null,53.72,37.37]
[null,null,"未计价材料费"]
["清单项目综合单价",{"$nulls":11},961.26]
["材\n料\n费\n明\n细","主要材料名称、规格、型号",{"$nulls":7},"单位","数量",null,"单价（元）",null,"合价（元）",null,null,"暂估单价\n（元）","暂估合价\n（元）"]
[null,"其他材料费",{"$nulls":10},"-",null,340.12,null,null,"-"]
[null,"材料费小计",{"$nulls":10},"-",null,340.12,null,null,"-"]
[]
[]
[]
[]
[]
["注：1.如不使用省级或行业建设主管部门发布的计价依据，可不填定额编码、名称等；\n    2.招标文件提供了暂估单价的材料，按暂估的单价填入表内“暂估单价”栏及“暂估合价”栏。"]
[{"$nulls":15},"表-09"]
["综合单价分析表"]
["工程名称：建筑工程",{"$nulls":10},"标段：",{"$nulls":3},"第 13 页  共 39 页"]
["项目编码",null,"010506001001",null,"项目名称",null,"直形楼梯",{"$nulls":3},"计量单位",null,null,"m3",null,null,"工程量",null,59.488]
["清单综合单价组成明细"]
["定额编号","定额项目名称","定额\n单位","数量","单价",{"$nulls":7},"合价"]
[{"$nulls":4},"人工费","材料费","机具费","管理费","利润","规费","税金",null,"人工费","材料费","机具费",null,"管理费","利润","规费","税金"]
["A1-5-21","现浇建筑物混凝土 直形楼梯","10m3",0.1,837.94,3650.81,20.98,246.94,171.78,{"$nulls":3},83.79,365.08,2.1,null,24.69,17.18]
["8021904","普通预拌混凝土 碎石粒径综合考虑 C25","m3",1.01,null,331,{"$nulls":7},334.31]
["人工单价",null,"小计",{"$nulls":9},83.79,699.39,2.1,null,24.69,17.18]
[null,null,"未计价材料费"]
["清单项目综合单价",{"$nulls":11},827.16]
["材\n料\n费\n明\n细","主要材料名称、规格、型号",{"$nulls":7},"单位","数量",null,"单价（元）",null,"合价（元）",null,null,"暂估单价\n（元）","暂估合价\n（元）"]
[null,"其他材料费",{"$nulls":10},"-",null,356.18,null,null,"-"]
[null,"材料费小计",{"$nulls":10},"-",null,356.18,null,null,"-"]
[]
[]
[]
[]
[]
[]
["注：1.如不使用省级或行业建设主管部门发布的计价依据，可不填定额编码、名称等；\n    2.招标文件提供了暂估单价的材料，按暂估的单价填入表内“暂估单价”栏及“暂估合价”栏。"]
[{"$nulls":15},"表-09"]
["综合单价分析表"]
["工程名称：建筑工程",{"$nulls":10},"标段：",{"$nulls":3},"第 14 页  共 39 页"]
["项目编码",null,"010507001001",null,"项目名称",null,"散水、坡道",{"$nulls":3},"计量单位",null,null,"m2",null,null,"工程量",null,8.3544]
["清单综合单价组成明细"]
["定额编号","定额项目名称","定额\n单位","数量","单价",{"$nulls":7},"合价"]
[{"$nulls":4},"人工费","材料费","机具费","管理费","利润","规费","税金",null,"人工费","材料费","机具费",null,"管理费","利润","规费","税金"]
["A1-5-33","现浇混凝土其他构件 地沟、明沟电缆沟散水坡","10m3",0.1,777.22,3450.67,20.98,229.48,159.64,{"$nulls":3},77.72,345.07,2.1,null,22.95,15.96]
["8021904","普通预拌混凝土 碎石粒径综合考虑 C25","m3",1.01,null,331,{"$nulls":7},334.31]
["人工单价",null,"小计",{"$nulls":9},77.72,679.38,2.1,null,22.95,15.96]
[null,null,"未计价材料费"]
["清单项目综合单价",{"$nulls":11},798.11]
["材\n料\n费\n明\n细","主要材料名称、规格、型号",{"$nulls":7},"单位","数量",null,"单价（元）",null,"合价（元）",null,null,"暂估单价\n（元）","暂估合价\n（元）"]
[null,"其他材料费",{"$nulls":10},"-",null,336.17,null,null,"-"]
[null,"材料费小计",{"$nulls":10},"-",null,336.17,null,null,"-"]
[]
[]
[]
[]
[]
["注：1.如不使用省级或行业建设主管部门发布的计价依据，可不填定额编码、名称等；\n    2.招标文件提供了暂估单价的材料，按暂估的单价填入表内“暂估单价”栏及“暂估合价”栏。"]
[{"$nulls":15},"表-09"]
["综合单价分析表"]
["工程名称：建筑工程",{"$nulls":10},"标段：",{"$nulls":3},"第 15 页  共 39 页"]
["项目编码",null,"010507001002",null,"项目名称",null,"散水、坡道",{"$nulls":3},"计量单位",null,null,"m2",null,null,"工程量",null,62.2547]
["清单综合单价组成明细"]
["定额编号","定额项目名称","定额\n单位","数量","单价",{"$nulls":7},"合价"]
[{"$nulls":4},"人工费","材料费","机具费","管理费","利润","规费","税金",null,"人工费","材料费","机具费",null,"管理费","利润","规费","税金"]
["A1-5-33","现浇混凝土其他构件 地沟、明沟电缆沟散水坡","10m3",0.1,777.22,3450.67,20.98,229.48,159.64,{"$nulls":3},77.72,345.07,2.1,null,22.95,15.96]
["8021904","普通预拌混凝土 碎石粒径综合考虑 C25","m3",1.01,null,331,{"$nulls":7},334.31]
["人工单价",null,"小计",{"$nulls":9},77.72,679.38,2.1,null,22.95,15.96]
[null,null,"未计价材料费"]
["清单项目综合单价",{"$nulls":11},798.11]
["材\n料\n费\n明\n细","主要材料名称、规格、型号",{"$nulls":7},"单位","数量",null,"单价（元）",null,"合价（元）",null,null,"暂估单价\n（元）","暂估合价\n（元）"]
[null,"其他材料费",{"$nulls":10},"-",null,336.17,null,null,"-"]
[null,"材料费小计",{"$nulls":10},"-",null,336.17,null,null,"-"]
[]
[]
[]
[]
[]
["注：1.如不使用省级或行业建设主管部门发布的计价依据，可不填定额编码、名称等；\n    2.招标文件提供了暂估单价的材料，按暂估的单价填入表内“暂估单价”栏及“暂估合价”栏。"]
[{"$nulls":15},"表-09"]
["综合单价分析表"]
["工程名称：建筑工程",{"$nulls":10},"标段：",{"$nulls":3},"第 16 页  共 39 页"]
["项目编码",null,"010507004001",null,"项目名称",null,"台阶",{"$nulls":3},"计量单位",null,null,"m3",null,null,"工程量",null,4.5891]
["清单综合单价组成明细"]
["定额编号","定额项目名称","定额\n单位","数量","单价",{"$nulls":7},"合价"]
[{"$nulls":4},"人工费","材料费","机具费","管理费","利润","规费","税金",null,"人工费","材料费","机具费",null,"管理费","利润","规费","税金"]
["A1-5-34","现浇混凝土其他构件 台阶","10m3",0.1,968.48,3480.59,20.98,284.47,197.89,{"$nulls":3},96.85,348.06,2.1,null,28.45,19.79]
["8021904","普通预拌混凝土 碎石粒径综合考虑 C25","m3",1.01,null,331,{"$nulls":7},334.31]
["人工单价",null,"小计",{"$nulls":9},96.85,682.37,2.1,null,28.45,19.79]
[null,null,"未计价材料费"]
["清单项目综合单价",{"$nulls":11},829.55]
["材\n料\n费\n明\n细","主要材料名称、规格、型号",{"$nulls":7},"单位","数量",null,"单价（元）",null,"合价（元）",null,null,"暂估单价\n（元）","暂估合价\n（元）"]
[null,"其他材料费",{"$nulls":10},"-",null,339.16,null,null,"-"]
[null,"材料费小计",{"$nulls":10},"-",null,339.16,null,null,"-"]
[]
[]
[]
[]
[]
[]
["注：1.如不使用省级或行业建设主管部门发布的计价依据，可不填定额编码、名称等；\n    2.招标文件提供了暂估单价的材料，按暂估的单价填入表内“暂估单价”栏及“暂估合价”栏。"]
[{"$nulls":15},"表-09"]
["综合单价分析表"]
["工程名称：建筑工程",{"$nulls":10},"标段：",{"$nulls":3},"第 17 页  共 39 页"]
["项目编码",null,"010801001001",null,"项目名称",null,"木质门",{"$nulls":3},"计量单位",null,null,"m2",null,null,"工程量",null,56.7]
["清单综合单价组成明细"]
["定额编号","定额项目名称","定额\n单位","数量","单价",{"$nulls":7},"合价"]
[{"$nulls":4},"人工费","材料费","机具费","管理费","利润","规费","税金",null,"人工费","材料费","机具费",null,"管理费","利润","规费","税金"]
["A1-9-6","无纱镶板门、胶合板门安装 带亮 双扇","100m2",0.01,1996.17,1898.32,1.13,292.8,399.46,{"$nulls":3},19.96,18.98,0.01,null,2.93,3.99]
["人工单价",null,"小计",{"$nulls":9},19.96,18.98,0.01,null,2.93,3.99]
[null,null,"未计价材料费"]
["清单项目综合单价",{"$nulls":11},45.88]
["材\n料\n费\n明\n细","主要材料名称、规格、型号",{"$nulls":7},"单位","数量",null,"单价（元）",null,"合价（元）",null,null,"暂估单价\n（元）","暂估合价\n（元）"]
[null,"其他材料费",{"$nulls":10},"-",null,19.01,null,null,"-"]
[null,"材料费小计",{"$nulls":10},"-",null,19,null,null,"-"]
{"$rows_empty":8}
["注：1.如不使用省级或行业建设主管部门发布的计价依据，可不填定额编码、名称等；\n    2.招标文件提供了暂估单价的材料，按暂估的单价填入表内“暂估单价”栏及“暂估合价”栏。"]
[{"$nulls":15},"表-09"]
["综合单价分析表"]
["工程名称：建筑工程",{"$nulls":10},"标段：",{"$nulls":3},"第 18 页  共 39 页"]
["项目编码",null,"010805005001",null,"项目名称",null,"全玻自由门",{"$nulls":3},"计量单位",null,null,"m2",null,null,"工程量",null,4.05]
["清单综合单价组成明细"]
["定额编号","定额项目名称","定额\n单位","数量","单价",{"$nulls":7},"合价"]
[{"$nulls":4},"人工费","材料费","机具费","管理费","利润","规费","税金",null,"人工费","材料费","机具费",null,"管理费","利润","规费","税金"]
["A1-9-50","杉木全玻璃门扇安装 带亮 双扇","100m2",0.01,1920.63,3077.02,null,281.56,384.13,{"$nulls":3},19.21,30.77,null,null,2.82,3.84]
["人工单价",null,"小计",{"$nulls":9},19.21,30.77,null,null,2.82,3.84]
[null,null,"未计价材料费"]
["清单项目综合单价",{"$nulls":11},56.63]
["材\n料\n费\n明\n细","主要材料名称、规格、型号",{"$nulls":7},"单位","数量",null,"单价（元）",null,"合价（元）",null,null,"暂估单价\n（元）","暂估合价\n（元）"]
[null,"其他材料费",{"$nulls":10},"-",null,30.78,null,null,"-"]
[null,"材料费小计",{"$nulls":10},"-",null,30.77,null,null,"-"]
{"$rows_empty":8}
["注：1.如不使用省级或行业建设主管部门发布的计价依据，可不填定额编码、名称等；\n    2.招标文件提供了暂估单价的材料，按暂估的单价填入表内“暂估单价”栏及“暂估合价”栏。"]
[{"$nulls":15},"表-09"]
["综合单价分析表"]
["工程名称：建筑工程",{"$nulls":10},"标段：",{"$nulls":3},"第 19 页  共 39 页"]
["项目编码",null,"010805005002",null,"项目名称",null,"全玻自由门",{"$nulls":3},"计量单位",null,null,"m2",null,null,"工程量",null,7.83]
["清单综合单价组成明细"]
["定额编号","定额项目名称","定额\n单位","数量","单价",{"$nulls":7},"合价"]
[{"$nulls":4},"人工费","材料费","机具费","管理费","利润","规费","税金",null,"人工费","材料费","机具费",null,"管理费","利润","规费","税金"]
["A1-9-50","杉木全玻璃门扇安装 带亮 双扇","100m2",0.01,1920.63,3077.02,null,281.56,384.13,{"$nulls":3},19.21,30.77,null,null,2.82,3.84]
["人工单价",null,"小计",{"$nulls":9},19.21,30.77,null,null,2.82,3.84]
[null,null,"未计价材料费"]
["清单项目综合单价",{"$nulls":11},56.63]
["材\n料\n费\n明\n细","主要材料名称、规格、型号",{"$nulls":7},"单位","数量",null,"单价（元）",null,"合价（元）",null,null,"暂估单价\n（元）","暂估合价\n（元）"]
[null,"其他材料费",{"$nulls":10},"-",null,30.78,null,null,"-"]
[null,"材料费小计",{"$nulls":10},"-",null,30.77,null,null,"-"]
{"$rows_empty":8}
["注：1.如不使用省级或行业建设主管部门发布的计价依据，可不填定额编码、名称等；\n    2.招标文件提供了暂估单价的材料，按暂估的单价填入表内“暂估单价”栏及“暂估合价”栏。"]
[{"$nulls":15},"表-09"]
["综合单价分析表"]
["工程名称：建筑工程",{"$nulls":10},"标段：",{"$nulls":3},"第 20 页  共 39 页"]
["项目编码",null,"010807001001",null,"项目名称",null,"金属(塑钢、断桥)窗",{"$nulls":3},"计量单位",null,null,"m2",null,null,"工程量",null,38.88]
["清单综合单价组成明细"]
["定额编号","定额项目名称","定额\n单位","数量","单价",{"$nulls":7},"合价"]
[{"$nulls":4},"人工费","材料费","机具费","管理费","利润","规费","税金",null,"人工费","材料费","机具费",null,"管理费","利润","规费","税金"]
["A1-9-57","单层普通木窗安装 带亮","100m2",0.01,3276.59,4117,1.69,480.6,655.66,{"$nulls":3},32.77,41.17,0.02,null,4.81,6.56]
["人工单价",null,"小计",{"$nulls":9},32.77,41.17,0.02,null,4.81,6.56]
[null,null,"未计价材料费"]
["清单项目综合单价",{"$nulls":11},85.32]
["材\n料\n费\n明\n细","主要材料名称、规格、型号",{"$nulls":7},"单位","数量",null,"单价（元）",null,"合价（元）",null,null,"暂估单价\n（元）","暂估合价\n（元）"]
[null,"其他材料费",{"$nulls":10},"-",null,41.12,null,null,"-"]
[null,"材料费小计",{"$nulls":10},"-",null,41.13,null,null,"-"]
{"$rows_empty":8}
["注：1.如不使用省级或行业建设主管部门发布的计价依据，可不填定额编码、名称等；\n    2.招标文件提供了暂估单价的材料，按暂估的单价填入表内“暂估单价”栏及“暂估合价”栏。"]
[{"$nulls":15},"表-09"]
["综合单价分析表"]
["工程名称：建筑工程",{"$nulls":10},"标段：",{"$nulls":3},"第 21 页  共 39 页"]
["项目编码",null,"010807001002",null,"项目名称",null,"金属(塑钢、断桥)窗",{"$nulls":3},"计量单位",null,null,"m2",null,null,"工程量",null,37.8]
["清单综合单价组成明细"]
["定额编号","定额项目名称","定额\n单位","数量","单价",{"$nulls":7},"合价"]
[{"$nulls":4},"人工费","材料费","机具费","管理费","利润","规费","税金",null,"人工费","材料费","机具费",null,"管理费","利润","规费","税金"]
["A1-9-57","单层普通木窗安装 带亮","100m2",0.01,3276.59,4117,1.69,480.6,655.66,{"$nulls":3},32.77,41.17,0.02,null,4.81,6.56]
["人工单价",null,"小计",{"$nulls":9},32.77,41.17,0.02,null,4.81,6.56]
[null,null,"未计价材料费"]
["清单项目综合单价",{"$nulls":11},85.32]
["材\n料\n费\n明\n细","主要材料名称、规格、型号",{"$nulls":7},"单位","数量",null,"单价（元）",null,"合价（元）",null,null,"暂估单价\n（元）","暂估合价\n（元）"]
[null,"其他材料费",{"$nulls":10},"-",null,41.12,null,null,"-"]
[null,"材料费小计",{"$nulls":10},"-",null,41.13,null,null,"-"]
{"$rows_empty":8}
["注：1.如不使用省级或行业建设主管部门发布的计价依据，可不填定额编码、名称等；\n    2.招标文件提供了暂估单价的材料，按暂估的单价填入表内“暂估单价”栏及“暂估合价”栏。"]
[{"$nulls":15},"表-09"]
["综合单价分析表"]
["工程名称：建筑工程",{"$nulls":10},"标段：",{"$nulls":3},"第 22 页  共 39 页"]
["项目编码",null,"010807001003",null,"项目名称",null,"金属(塑钢、断桥)窗",{"$nulls":3},"计量单位",null,null,"m2",null,null,"工程量",null,86.94]
["清单综合单价组成明细"]
["定额编号","定额项目名称","定额\n单位","数量","单价",{"$nulls":7},"合价"]
[{"$nulls":4},"人工费","材料费","机具费","管理费","利润","规费","税金",null,"人工费","材料费","机具费",null,"管理费","利润","规费","税金"]
["A1-9-57","单层普通木窗安装 带亮","100m2",0.01,3276.59,4117,1.69,480.6,655.66,{"$nulls":3},32.77,41.17,0.02,null,4.81,6.56]
["人工单价",null,"小计",{"$nulls":9},32.77,41.17,0.02,null,4.81,6.56]
[null,null,"未计价材料费"]
["清单项目综合单价",{"$nulls":11},85.32]
["材\n料\n费\n明\n细","主要材料名称、规格、型号",{"$nulls":7},"单位","数量",null,"单价（元）",null,"合价（元）",null,null,"暂估单价\n（元）","暂估合价\n（元）"]
[null,"其他材料费",{"$nulls":10},"-",null,41.12,null,null,"-"]
[null,"材料费小计",{"$nulls":10},"-",null,41.13,null,null,"-"]
{"$rows_empty":8}
["注：1.如不使用省级或行业建设主管部门发布的计价依据，可不填定额编码、名称等；\n    2.招标文件提供了暂估单价的材料，按暂估的单价填入表内“暂估单价”栏及“暂估合价”栏。"]
[{"$nulls":15},"表-09"]
["综合单价分析表"]
["工程名称：建筑工程",{"$nulls":10},"标段：",{"$nulls":3},"第 23 页  共 39 页"]
["项目编码",null,"010807001004",null,"项目名称",null,"金属(塑钢、断桥)窗",{"$nulls":3},"计量单位",null,null,"m2",null,null,"工程量",null,99.36]
["清单综合单价组成明细"]
["定额编号","定额项目名称","定额\n单位","数量","单价",{"$nulls":7},"合价"]
[{"$nulls":4},"人工费","材料费","机具费","管理费","利润","规费","税金",null,"人工费","材料费","机具费",null,"管理费","利润","规费","税金"]
["A1-9-57","单层普通木窗安装 带亮","100m2",0.01,3276.59,4117,1.69,480.6,655.66,{"$nulls":3},32.77,41.17,0.02,null,4.81,6.56]
["人工单价",null,"小计",{"$nulls":9},32.77,41.17,0.02,null,4.81,6.56]
[null,null,"未计价材料费"]
["清单项目综合单价",{"$nulls":11},85.32]
["材\n料\n费\n明\n细","主要材料名称、规格、型号",{"$nulls":7},"单位","数量",null,"单价（元）",null,"合价（元）",null,null,"暂估单价\n（元）","暂估合价\n（元）"]
[null,"其他材料费",{"$nulls":10},"-",null,41.12,null,null,"-"]
[null,"材料费小计",{"$nulls":10},"-",null,41.13,null,null,"-"]
{"$rows_empty":8}
["注：1.如不使用省级或行业建设主管部门发布的计价依据，可不填定额编码、名称等；\n    2.招标文件提供了暂估单价的材料，按暂估的单价填入表内“暂估单价”栏及“暂估合价”栏。"]
[{"$nulls":15},"表-09"]
["综合单价分析表"]
["工程名称：建筑工程",{"$nulls":10},"标段：",{"$nulls":3},"第 24 页  共 39 页"]
["项目编码",null,"011201001001",null,"项目名称",null,"墙面一般抹灰",{"$nulls":3},"计量单位",null,null,"m2",null,null,"工程量",null,618.0125]
["清单综合单价组成明细"]
["定额编号","定额项目名称","定额\n单位","数量","单价",{"$nulls":7},"合价"]
[{"$nulls":4},"人工费","材料费","机具费","管理费","利润","规费","税金",null,"人工费","材料费","机具费",null,"管理费","利润","规费","税金"]
["A1-13-2","底层抹灰15mm 各种墙面 外墙","100m2",0.01,1737.86,738.07,null,269.37,347.57,{"$nulls":3},17.38,7.38,null,null,2.69,3.48]
["80010190","抹灰水泥砂浆(配合比) 中砂 1:1","m3",0.0167,null,410.2,{"$nulls":7},6.85]
["人工单价",null,"小计",{"$nulls":9},17.38,14.23,null,null,2.69,3.48]
[null,null,"未计价材料费"]
["清单项目综合单价",{"$nulls":11},37.78]
["材\n料\n费\n明\n细","主要材料名称、规格、型号",{"$nulls":7},"单位","数量",null,"单价（元）",null,"合价（元）",null,null,"暂估单价\n（元）","暂估合价\n（元）"]
[null,"其他材料费",{"$nulls":10},"-",null,7.2,null,null,"-"]
[null,"材料费小计",{"$nulls":10},"-",null,7.2,null,null,"-"]
[]
[]
[]
[]
[]
[]
["注：1.如不使用省级或行业建设主管部门发布的计价依据，可不填定额编码、名称等；\n    2.招标文件提供了暂估单价的材料，按暂估的单价填入表内“暂估单价”栏及“暂估合价”栏。"]
[{"$nulls":15},"表-09"]
["综合单价分析表"]
["工程名称：建筑工程",{"$nulls":10},"标段：",{"$nulls":3},"第 25 页  共 39 页"]
["项目编码",null,"011201004001",null,"项目名称",null,"立面砂浆找平层",{"$nulls":3},"计量单位",null,null,"m2",null,null,"工程量",null,618.0125]
["清单综合单价组成明细"]
["定额编号","定额项目名称","定额\n单位","数量","单价",{"$nulls":7},"合价"]
[{"$nulls":4},"人工费","材料费","机具费","管理费","利润","规费","税金",null,"人工费","材料费","机具费",null,"管理费","利润","规费","税金"]
["A1-10-111","普通防水砂浆 立面 20mm厚","100m2",0.01,953.1,887.33,null,137.82,190.62,{"$nulls":3},9.53,8.87,null,null,1.38,1.91]
["80090420","干混抹灰砂浆(配合比) DP M5","m3",0.0204,36,406.22,20.31,8.14,11.26,{"$nulls":3},0.73,8.29,0.41,null,0.17,0.23]
["人工单价",null,"小计",{"$nulls":9},10.26,17.16,0.41,null,1.55,2.14]
[null,null,"未计价材料费"]
["清单项目综合单价",{"$nulls":11},31.52]
["材\n料\n费\n明\n细","主要材料名称、规格、型号",{"$nulls":7},"单位","数量",null,"单价（元）",null,"合价（元）",null,null,"暂估单价\n（元）","暂估合价\n（元）"]
[null,"其他材料费",{"$nulls":10},"-",null,8.58,null,null,"-"]
[null,"材料费小计",{"$nulls":10},"-",null,8.58,null,null,"-"]
[]
[]
[]
[]
[]
[]
["注：1.如不使用省级或行业建设主管部门发布的计价依据，可不填定额编码、名称等；\n    2.招标文件提供了暂估单价的材料，按暂估的单价填入表内“暂估单价”栏及“暂估合价”栏。"]
[{"$nulls":15},"表-09"]
["综合单价分析表"]
["工程名称：建筑工程",{"$nulls":10},"标段：",{"$nulls":3},"第 26 页  共 39 页"]
["项目编码",null,"011503001001",null,"项目名称",null,"金属扶手、栏杆、栏板",{"$nulls":3},"计量单位",null,null,"m",null,null,"工程量",null,5.9996]
["清单综合单价组成明细"]
["定额编号","定额项目名称","定额\n单位","数量","单价",{"$nulls":7},"合价"]
[{"$nulls":4},"人工费","材料费","机具费","管理费","利润","规费","税金",null,"人工费","材料费","机具费",null,"管理费","利润","规费","税金"]
["A1-16-108","不锈钢栏杆制安 直型","100m",0.01,3349.98,9264.21,159.02,493.72,701.8,{"$nulls":3},33.5,92.64,1.59,null,4.94,7.02]
["人工单价",null,"小计",{"$nulls":9},33.5,92.64,1.59,null,4.94,7.02]
[null,null,"未计价材料费"]
["清单项目综合单价",{"$nulls":11},139.69]
["材\n料\n费\n明\n细","主要材料名称、规格、型号",{"$nulls":7},"单位","数量",null,"单价（元）",null,"合价（元）",null,null,"暂估单价\n（元）","暂估合价\n（元）"]
[null,"其他材料费",{"$nulls":10},"-",null,92.64,null,null,"-"]
[null,"材料费小计",{"$nulls":10},"-",null,92.64,null,null,"-"]
{"$rows_empty":8}
["注：1.如不使用省级或行业建设主管部门发布的计价依据，可不填定额编码、名称等；\n    2.招标文件提供了暂估单价的材料，按暂估的单价填入表内“暂估单价”栏及“暂估合价”栏。"]
[{"$nulls":15},"表-09"]
["综合单价分析表"]
["工程名称：建筑工程",{"$nulls":10},"标段：",{"$nulls":3},"第 27 页  共 39 页"]
["项目编码",{"$nulls":3},"项目名称",null,"综合脚手架",{"$nulls":3},"计量单位",null,null,"项",null,null,"工程量",null,860.07]
["清单综合单价组成明细"]
["定额编号","定额项目名称","定额\n单位","数量","单价",{"$nulls":7},"合价"]
[{"$nulls":4},"人工费","材料费","机具费","管理费","利润","规费","税金",null,"人工费","材料费","机具费",null,"管理费","利润","规费","税金"]
["A1-21-3","综合钢脚手架搭拆 高度(m以内) 20.5","100m2",null,1588.73,574.98,182.41,273.11,354.23]
["人工单价",null,"小计"]
[null,null,"未计价材料费"]
["清单项目综合单价"]
["材\n料\n费\n明\n细","主要材料名称、规格、型号",{"$nulls":7},"单位","数量",null,"单价（元）",null,"合价（元）",null,null,"暂估单价\n（元）","暂估合价\n（元）"]
[null,"其他材料费",{"$nulls":10},"-",{"$nulls":4},"-"]
[null,"材料费小计",{"$nulls":10},"-",{"$nulls":4},"-"]
{"$rows_empty":8}
["注：1.如不使用省级或行业建设主管部门发布的计价依据，可不填定额编码、名称等；\n    2.招标文件提供了暂估单价的材料，按暂估的单价填入表内“暂估单价”栏及“暂估合价”栏。"]
[{"$nulls":15},"表-09"]
["综合单价分析表"]
["工程名称：建筑工程",{"$nulls":10},"标段：",{"$nulls":3},"第 28 页  共 39 页"]
["项目编码",null,"011702001001",null,"项目名称",null,"基础",{"$nulls":3},"计量单位",null,null,"m2",null,null,"工程量",null,62]
["清单综合单价组成明细"]
["定额编号","定额项目名称","定额\n单位","数量","单价",{"$nulls":7},"合价"]
[{"$nulls":4},"人工费","材料费","机具费","管理费","利润","规费","税金",null,"人工费","材料费","机具费",null,"管理费","利润","规费","税金"]
["A1-20-3","独立基础模板","100m2",0.01,1857.15,1931.16,162.66,532.22,403.96,{"$nulls":3},18.57,19.31,1.63,null,5.32,4.04]
["人工单价",null,"小计",{"$nulls":9},18.57,19.31,1.63,null,5.32,4.04]
[null,null,"未计价材料费"]
["清单项目综合单价",{"$nulls":11},48.87]
["材\n料\n费\n明\n细","主要材料名称、规格、型号",{"$nulls":7},"单位","数量",null,"单价（元）",null,"合价（元）",null,null,"暂估单价\n（元）","暂估合价\n（元）"]
[null,"其他材料费",{"$nulls":10},"-",null,19.36,null,null,"-"]
[null,"材料费小计",{"$nulls":10},"-",null,19.36,null,null,"-"]
{"$rows_empty":8}
["注：1.如不使用省级或行业建设主管部门发布的计价依据，可不填定额编码、名称等；\n    2.招标文件提供了暂估单价的材料，按暂估的单价填入表内“暂估单价”栏及“暂估合价”栏。"]
[{"$nulls":15},"表-09"]
["综合单价分析表"]
["工程名称：建筑工程",{"$nulls":10},"标段：",{"$nulls":3},"第 29 页  共 39 页"]
["项目编码",null,"011702002001",null,"项目名称",null,"矩形柱",{"$nulls":3},"计量单位",null,null,"m2",null,null,"工程量",null,21.42]
["清单综合单价组成明细"]
["定额编号","定额项目名称","定额\n单位","数量","单价",{"$nulls":7},"合价"]
[{"$nulls":4},"人工费","材料费","机具费","管理费","利润","规费","税金",null,"人工费","材料费","机具费",null,"管理费","利润","规费","税金"]
["A1-20-14","矩形柱模板(周长m) 支模高度3.6m内 1.2内","100m2",0.01,3569.39,1254.14,197.03,992.45,753.28,{"$nulls":3},35.69,12.54,1.97,null,9.92,7.53]
["人工单价",null,"小计",{"$nulls":9},35.69,12.54,1.97,null,9.92,7.53]
[null,null,"未计价材料费"]
["清单项目综合单价",{"$nulls":11},67.66]
["材\n料\n费\n明\n细","主要材料名称、规格、型号",{"$nulls":7},"单位","数量",null,"单价（元）",null,"合价（元）",null,null,"暂估单价\n（元）","暂估合价\n（元）"]
[null,"其他材料费",{"$nulls":10},"-",null,12.54,null,null,"-"]
[null,"材料费小计",{"$nulls":10},"-",null,12.54,null,null,"-"]
{"$rows_empty":8}
["注：1.如不使用省级或行业建设主管部门发布的计价依据，可不填定额编码、名称等；\n    2.招标文件提供了暂估单价的材料，按暂估的单价填入表内“暂估单价”栏及“暂估合价”栏。"]
[{"$nulls":15},"表-09"]
["综合单价分析表"]
["工程名称：建筑工程",{"$nulls":10},"标段：",{"$nulls":3},"第 30 页  共 39 页"]
["项目编码",null,"011702002002",null,"项目名称",null,"矩形柱",{"$nulls":3},"计量单位",null,null,"m2",null,null,"工程量",null,11.9]
["清单综合单价组成明细"]
["定额编号","定额项目名称","定额\n单位","数量","单价",{"$nulls":7},"合价"]
[{"$nulls":4},"人工费","材料费","机具费","管理费","利润","规费","税金",null,"人工费","材料费","机具费",null,"管理费","利润","规费","税金"]
["A1-20-15","矩形柱模板(周长m) 支模高度3.6m内 1.8内","100m2",0.01,2819.89,1094.46,178.11,789.97,599.6,{"$nulls":3},28.2,10.94,1.78,null,7.9,6]
["人工单价",null,"小计",{"$nulls":9},28.2,10.94,1.78,null,7.9,6]
[null,null,"未计价材料费"]
["清单项目综合单价",{"$nulls":11},54.82]
["材\n料\n费\n明\n细","主要材料名称、规格、型号",{"$nulls":7},"单位","数量",null,"单价（元）",null,"合价（元）",null,null,"暂估单价\n（元）","暂估合价\n（元）"]
[null,"其他材料费",{"$nulls":10},"-",null,10.97,null,null,"-"]
[null,"材料费小计",{"$nulls":10},"-",null,10.97,null,null,"-"]
{"$rows_empty":8}
["注：1.如不使用省级或行业建设主管部门发布的计价依据，可不填定额编码、名称等；\n    2.招标文件提供了暂估单价的材料，按暂估的单价填入表内“暂估单价”栏及“暂估合价”栏。"]
[{"$nulls":15},"表-09"]
["综合单价分析表"]
["工程名称：建筑工程",{"$nulls":10},"标段：",{"$nulls":3},"第 31 页  共 39 页"]
["项目编码",null,"011702002003",null,"项目名称",null,"矩形柱",{"$nulls":3},"计量单位",null,null,"m2",null,null,"工程量",null,15.96]
["清单综合单价组成明细"]
["定额编号","定额项目名称","定额\n单位","数量","单价",{"$nulls":7},"合价"]
[{"$nulls":4},"人工费","材料费","机具费","管理费","利润","规费","税金",null,"人工费","材料费","机具费",null,"管理费","利润","规费","税金"]
["A1-20-15","矩形柱模板(周长m) 支模高度3.6m内 1.8内","100m2",0.01,2819.89,1094.46,178.11,789.97,599.6,{"$nulls":3},28.2,10.94,1.78,null,7.9,6]
["人工单价",null,"小计",{"$nulls":9},28.2,10.94,1.78,null,7.9,6]
[null,null,"未计价材料费"]
["清单项目综合单价",{"$nulls":11},54.82]
["材\n料\n费\n明\n细","主要材料名称、规格、型号",{"$nulls":7},"单位","数量",null,"单价（元）",null,"合价（元）",null,null,"暂估单价\n（元）","暂估合价\n（元）"]
[null,"其他材料费",{"$nulls":10},"-",null,10.97,null,null,"-"]
[null,"材料费小计",{"$nulls":10},"-",null,10.97,null,null,"-"]
{"$rows_empty":8}
["注：1.如不使用省级或行业建设主管部门发布的计价依据，可不填定额编码、名称等；\n    2.招标文件提供了暂估单价的材料，按暂估的单价填入表内“暂估单价”栏及“暂估合价”栏。"]
[{"$nulls":15},"表-09"]
["综合单价分析表"]
["工程名称：建筑工程",{"$nulls":10},"标段：",{"$nulls":3},"第 32 页  共 39 页"]
["项目编码",null,"011702002004",null,"项目名称",null,"矩形柱",{"$nulls":3},"计量单位",null,null,"m2",null,null,"工程量",null,184.8]
["清单综合单价组成明细"]
["定额编号","定额项目名称","定额\n单位","数量","单价",{"$nulls":7},"合价"]
[{"$nulls":4},"人工费","材料费","机具费","管理费","利润","规费","税金",null,"人工费","材料费","机具费",null,"管理费","利润","规费","税金"]
["A1-20-15","矩形柱模板(周长m) 支模高度3.6m内 1.8内","100m2",0.01,2819.89,1094.46,178.11,789.97,599.6,{"$nulls":3},28.2,10.94,1.78,null,7.9,6]
["人工单价",null,"小计",{"$nulls":9},28.2,10.94,1.78,null,7.9,6]
[null,null,"未计价材料费"]
["清单项目综合单价",{"$nulls":11},54.82]
["材\n料\n费\n明\n细","主要材料名称、规格、型号",{"$nulls":7},"单位","数量",null,"单价（元）",null,"合价（元）",null,null,"暂估单价\n（元）","暂估合价\n（元）"]
[null,"其他材料费",{"$nulls":10},"-",null,10.97,null,null,"-"]
[null,"材料费小计",{"$nulls":10},"-",null,10.97,null,null,"-"]
{"$rows_empty":8}
["注：1.如不使用省级或行业建设主管部门发布的计价依据，可不填定额编码、名称等；\n    2.招标文件提供了暂估单价的材料，按暂估的单价填入表内“暂估单价”栏及“暂估合价”栏。"]
[{"$nulls":15},"表-09"]
["综合单价分析表"]
["工程名称：建筑工程",{"$nulls":10},"标段：",{"$nulls":3},"第 33 页  共 39 页"]
["项目编码",null,"011702002005",null,"项目名称",null,"矩形柱",{"$nulls":3},"计量单位",null,null,"m2",null,null,"工程量",null,47.52]
["清单综合单价组成明细"]
["定额编号","定额项目名称","定额\n单位","数量","单价",{"$nulls":7},"合价"]
[{"$nulls":4},"人工费","材料费","机具费","管理费","利润","规费","税金",null,"人工费","材料费","机具费",null,"管理费","利润","规费","税金"]
["A1-20-15","矩形柱模板(周长m) 支模高度3.6m内 1.8内","100m2",0.01,2819.89,1094.46,178.11,789.97,599.6,{"$nulls":3},28.2,10.94,1.78,null,7.9,6]
["人工单价",null,"小计",{"$nulls":9},28.2,10.94,1.78,null,7.9,6]
[null,null,"未计价材料费"]
["清单项目综合单价",{"$nulls":11},54.82]
["材\n料\n费\n明\n细","主要材料名称、规格、型号",{"$nulls":7},"单位","数量",null,"单价（元）",null,"合价（元）",null,null,"暂估单价\n（元）","暂估合价\n（元）"]
[null,"其他材料费",{"$nulls":10},"-",null,10.97,null,null,"-"]
[null,"材料费小计",{"$nulls":10},"-",null,10.97,null,null,"-"]
{"$rows_empty":8}
["注：1.如不使用省级或行业建设主管部门发布的计价依据，可不填定额编码、名称等；\n    2.招标文件提供了暂估单价的材料，按暂估的单价填入表内“暂估单价”栏及“暂估合价”栏。"]
[{"$nulls":15},"表-09"]
["综合单价分析表"]
["工程名称：建筑工程",{"$nulls":10},"标段：",{"$nulls":3},"第 34 页  共 39 页"]
["项目编码",null,"011702005001",null,"项目名称",null,"基础梁",{"$nulls":3},"计量单位",null,null,"m2",null,null,"工程量",null,163.0833]
["清单综合单价组成明细"]
["定额编号","定额项目名称","定额\n单位","数量","单价",{"$nulls":7},"合价"]
[{"$nulls":4},"人工费","材料费","机具费","管理费","利润","规费","税金",null,"人工费","材料费","机具费",null,"管理费","利润","规费","税金"]
["A1-20-32","基础梁模板","100m2",0.01,2413.7,2002.21,148.22,675.07,512.38,{"$nulls":3},24.14,20.02,1.48,null,6.75,5.12]
["人工单价",null,"小计",{"$nulls":9},24.14,20.02,1.48,null,6.75,5.12]
[null,null,"未计价材料费"]
["清单项目综合单价",{"$nulls":11},57.52]
["材\n料\n费\n明\n细","主要材料名称、规格、型号",{"$nulls":7},"单位","数量",null,"单价（元）",null,"合价（元）",null,null,"暂估单价\n（元）","暂估合价\n（元）"]
[null,"其他材料费",{"$nulls":10},"-",null,20,null,null,"-"]
[null,"材料费小计",{"$nulls":10},"-",null,20,null,null,"-"]
{"$rows_empty":8}
["注：1.如不使用省级或行业建设主管部门发布的计价依据，可不填定额编码、名称等；\n    2.招标文件提供了暂估单价的材料，按暂估的单价填入表内“暂估单价”栏及“暂估合价”栏。"]
[{"$nulls":15},"表-09"]
["综合单价分析表"]
["工程名称：建筑工程",{"$nulls":10},"标段：",{"$nulls":3},"第 35 页  共 39 页"]
["项目编码",null,"011702006001",null,"项目名称",null,"矩形梁",{"$nulls":3},"计量单位",null,null,"m2",null,null,"工程量",null,758.2048]
["清单综合单价组成明细"]
["定额编号","定额项目名称","定额\n单位","数量","单价",{"$nulls":7},"合价"]
[{"$nulls":4},"人工费","材料费","机具费","管理费","利润","规费","税金",null,"人工费","材料费","机具费",null,"管理费","利润","规费","税金"]
["A1-20-33","单梁、连续梁模板(梁宽cm) 25以内 支模高度3.6m","100m2",0.01,3495.18,1113.18,186.91,970.23,736.42,{"$nulls":3},34.95,11.13,1.87,null,9.7,7.36]
["人工单价",null,"小计",{"$nulls":9},34.95,11.13,1.87,null,9.7,7.36]
[null,null,"未计价材料费"]
["清单项目综合单价",{"$nulls":11},65.02]
["材\n料\n费\n明\n细","主要材料名称、规格、型号",{"$nulls":7},"单位","数量",null,"单价（元）",null,"合价（元）",null,null,"暂估单价\n（元）","暂估合价\n（元）"]
[null,"其他材料费",{"$nulls":10},"-",null,11.17,null,null,"-"]
[null,"材料费小计",{"$nulls":10},"-",null,11.17,null,null,"-"]
{"$rows_empty":7}
["注：1.如不使用省级或行业建设主管部门发布的计价依据，可不填定额编码、名称等；\n    2.招标文件提供了暂估单价的材料，按暂估的单价填入表内“暂估单价”栏及“暂估合价”栏。"]
[{"$nulls":15},"表-09"]
["综合单价分析表"]
["工程名称：建筑工程",{"$nulls":10},"标段：",{"$nulls":3},"第 36 页  共 39 页"]
["项目编码",null,"011702014001",null,"项目名称",null,"有梁板",{"$nulls":3},"计量单位",null,null,"m2",null,null,"工程量",null,932.164]
["清单综合单价组成明细"]
["定额编号","定额项目名称","定额\n单位","数量","单价",{"$nulls":7},"合价"]
[{"$nulls":4},"人工费","材料费","机具费","管理费","利润","规费","税金",null,"人工费","材料费","机具费",null,"管理费","利润","规费","税金"]
["A1-20-75","有梁板模板 支模高度3.6m","100m2",0.01,2976.2,1328.08,269.83,855.33,649.21,{"$nulls":3},29.76,13.28,2.7,null,8.55,6.49]
["人工单价",null,"小计",{"$nulls":9},29.76,13.28,2.7,null,8.55,6.49]
[null,null,"未计价材料费"]
["清单项目综合单价",{"$nulls":11},60.79]
["材\n料\n费\n明\n细","主要材料名称、规格、型号",{"$nulls":7},"单位","数量",null,"单价（元）",null,"合价（元）",null,null,"暂估单价\n（元）","暂估合价\n（元）"]
[null,"其他材料费",{"$nulls":10},"-",null,13.27,null,null,"-"]
[null,"材料费小计",{"$nulls":10},"-",null,13.27,null,null,"-"]
{"$rows_empty":8}
["注：1.如不使用省级或行业建设主管部门发布的计价依据，可不填定额编码、名称等；\n    2.招标文件提供了暂估单价的材料，按暂估的单价填入表内“暂估单价”栏及“暂估合价”栏。"]
[{"$nulls":15},"表-09"]
["综合单价分析表"]
["工程名称：建筑工程",{"$nulls":10},"标段：",{"$nulls":3},"第 37 页  共 39 页"]
["项目编码",null,"011702022001",null,"项目名称",null,"天沟、檐沟",{"$nulls":3},"计量单位",null,null,"m2",null,null,"工程量",null,28.2076]
["清单综合单价组成明细"]
["定额编号","定额项目名称","定额\n单位","数量","单价",{"$nulls":7},"合价"]
[{"$nulls":4},"人工费","材料费","机具费","管理费","利润","规费","税金",null,"人工费","材料费","机具费",null,"管理费","利润","规费","税金"]
["A1-20-97","栏板、反檐模板","100m2",0.01,2459.11,2228.95,123.79,680.59,516.58,{"$nulls":3},24.59,22.29,1.24,null,6.81,5.17]
["人工单价",null,"小计",{"$nulls":9},24.59,22.29,1.24,null,6.81,5.17]
[null,null,"未计价材料费"]
["清单项目综合单价",{"$nulls":11},60.09]
["材\n料\n费\n明\n细","主要材料名称、规格、型号",{"$nulls":7},"单位","数量",null,"单价（元）",null,"合价（元）",null,null,"暂估单价\n（元）","暂估合价\n（元）"]
[null,"其他材料费",{"$nulls":10},"-",null,22.23,null,null,"-"]
[null,"材料费小计",{"$nulls":10},"-",null,22.23,null,null,"-"]
{"$rows_empty":8}
["注：1.如不使用省级或行业建设主管部门发布的计价依据，可不填定额编码、名称等；\n    2.招标文件提供了暂估单价的材料，按暂估的单价填入表内“暂估单价”栏及“暂估合价”栏。"]
[{"$nulls":15},"表-09"]
["综合单价分析表"]
["工程名称：建筑工程",{"$nulls":10},"标段：",{"$nulls":3},"第 38 页  共 39 页"]
["项目编码",null,"011702027001",null,"项目名称",null,"台阶",{"$nulls":3},"计量单位",null,null,"m2",null,null,"工程量",null,4.404]
["清单综合单价组成明细"]
["定额编号","定额项目名称","定额\n单位","数量","单价",{"$nulls":7},"合价"]
[{"$nulls":4},"人工费","材料费","机具费","管理费","利润","规费","税金",null,"人工费","材料费","机具费",null,"管理费","利润","规费","税金"]
["A1-20-96","台阶模板","100m2",0.01,2090.43,732.47,60.91,566.88,430.27,{"$nulls":3},20.9,7.32,0.61,null,5.67,4.3]
["人工单价",null,"小计",{"$nulls":9},20.9,7.32,0.61,null,5.67,4.3]
[null,null,"未计价材料费"]
["清单项目综合单价",{"$nulls":11},38.81]
["材\n料\n费\n明\n细","主要材料名称、规格、型号",{"$nulls":7},"单位","数量",null,"单价（元）",null,"合价（元）",null,null,"暂估单价\n（元）","暂估合价\n（元）"]
[null,"其他材料费",{"$nulls":10},"-",null,7.38,null,null,"-"]
[null,"材料费小计",{"$nulls":10},"-",null,7.38,null,null,"-"]
{"$rows_empty":8}
["注：1.如不使用省级或行业建设主管部门发布的计价依据，可不填定额编码、名称等；\n    2.招标文件提供了暂估单价的材料，按暂估的单价填入表内“暂估单价”栏及“暂估合价”栏。"]
[{"$nulls":15},"表-09"]
["综合单价分析表"]
["工程名称：建筑工程",{"$nulls":10},"标段：",{"$nulls":3},"第 39 页  共 39 页"]
["项目编码",null,"011702028001",null,"项目名称",null,"扶手",{"$nulls":3},"计量单位",null,null,"m2",null,null,"工程量",null,6.5779]
["清单综合单价组成明细"]
["定额编号","定额项目名称","定额\n单位","数量","单价",{"$nulls":7},"合价"]
[{"$nulls":4},"人工费","材料费","机具费","管理费","利润","规费","税金",null,"人工费","材料费","机具费",null,"管理费","利润","规费","税金"]
["A1-20-98","压顶、扶手模板","100m",0.0001,1934.32,998.76,86.72,532.54,404.21,{"$nulls":3},0.19,0.1,0.01,null,0.05,0.04]
["人工单价",null,"小计",{"$nulls":9},0.19,0.1,0.01,null,0.05,0.04]
[null,null,"未计价材料费"]
["清单项目综合单价",{"$nulls":11},0.4]
["材\n料\n费\n明\n细","主要材料名称、规格、型号",{"$nulls":7},"单位","数量",null,"单价（元）",null,"合价（元）",null,null,"暂估单价\n（元）","暂估合价\n（元）"]
[null,"其他材料费",{"$nulls":10},"-",null,0.13,null,null,"-"]
[null,"材料费小计",{"$nulls":10},"-",null,0.13,null,null,"-"]
{"$rows_empty":8}
["注：1.如不使用省级或行业建设主管部门发布的计价依据，可不填定额编码、名称等；\n    2.招标文件提供了暂估单价的材料，按暂估的单价填入表内“暂估单价”栏及“暂估合价”栏。"]
[{"$nulls":15},"表-09"]

{"sheet":"表-11 总价措施项目清单与计价表","index":9,"n_rows":19,"n_cols":11,"rows_kept":19,"merged":[[0,0,0,10],[1,0,1,5],[1,6,1,7],[1,8,1,10],[2,5,2,6],[2,7,2,8],[3,5,3,6],[3,7,3,8],[4,5,4,6],[4,7,4,8],[5,5,5,6],[5,7,5,8],[6,5,6,6],[6,7,6,8],[7,5,7,6],[7,7,7,8],[8,5,8,6],[8,7,8,8],[9,5,9,6],[9,7,9,8],[10,5,10,6],[10,7,10,8],[11,5,11,6],[11,7,11,8],[12,5,12,6],[12,7,12,8],[13,5,13,6],[13,7,13,8],[14,5,14,6],[14,7,14,8],[15,5,15,6],[15,7,15,8],[16,0,16,4],[16,5,16,6],[16,7,16,8],[17,0,17,5],[17,6,17,10],[18,0,18,5],[18,6,18,7],[18,8,18,10]]}
["总价措施项目清单与计价表"]
["工程名称：建筑工程",{"$nulls":5},"标段：",null,"第 1 页  共 1 页"]
["序号","项目编码","项目名称","计算基础","费率\n(%)","金额\n(元)",null,"调整\n费率(%)",null,"调整后\n金额(元)","备注"]
["1","LSSGCSF00001","绿色施工安全防护措施费","分部分项人工费+分部分项机具费","19",16155.21,{"$nulls":4},"以分部分项的人工费与施工机具费之和为计算基础，费率19%"]
["2","WMGDZJF00001","文明工地增加费","分部分项人工费+分部分项机具费","0",{"$nulls":5},"以分部分项的人工费与施工机具费之和为计算基础，市级文明工地为1.20%；省级文明工地为2.10%"]
["3","011707002001","夜间施工增加费",null,"20",{"$nulls":5},"以夜间施工项目人工费的20%计算"]
["4","GGCSF0000001","赶工措施费","分部分项人工费+分部分项机具费","0",{"$nulls":5},"赶工措施费=（1-δ）*分部分项的（人工费+施工机具费）*0.3 （0.8≤δ＜1   式中：δ=合同工期/定额工期）"]
["5","QTFY00000001","其他费用",{"$nulls":7},"按经批准的专项施工组织方案计算"]
{"$rows_empty":8}
["合    计",{"$nulls":4},16155.21]
["编制人（造价人员）：",{"$nulls":5},"复核人（造价工程师）："]
[{"$nulls":8},"表-11"]

{"sheet":"表-12 其他项目清单与计价汇总表","index":10,"n_rows":38,"n_cols":7,"rows_kept":38,"merged":[[0,0,0,4],[0,5,0,6],[1,0,1,6],[2,0,2,2],[2,3,2,4],[2,5,2,6],[3,2,3,3],[3,4,3,5],[4,2,4,3],[4,4,4,5],[5,2,5,3],[5,4,5,5],[6,2,6,3],[6,4,6,5],[7,2,7,3],[7,4,7,5],[8,2,8,3],[8,4,8,5],[9,2,9,3],[9,4,9,5],[10,2,10,3],[10,4,10,5],[11,2,11,3],[11,4,11,5],[12,2,12,3],[12,4,12,5],[13,2,13,3],[13,4,13,5],[14,2,14,3],[14,4,14,5],[15,2,15,3],[15,4,15,5],[16,2,16,3],[16,4,16,5],[17,2,17,3],[17,4,17,5],[18,2,18,3],[18,4,18,5],[19,2,19,3],[19,4,19,5],[20,2,20,3],[20,4,20,5],[21,2,21,3],[21,4,21,5],[22,2,22,3],[22,4,22,5],[23,2,23,3],[23,4,23,5],[24,2,24,3],[24,4,24,5],[25,2,25,3],[25,4,25,5],[26,2,26,3],[26,4,26,5],[27,2,27,3],[27,4,27,5],[28,2,28,3],[28,4,28,5],[29,2,29,3],[29,4,29,5],[30,2,30,3],[30,4,30,5],[31,2,31,3],[31,4,31,5],[32,2,32,3],[32,4,32,5],[33,2,33,3],[33,4,33,5],[34,2,34,3],[34,4,34,5],[35,2,35,3],[35,4,35,5],[36,0,36,6],[37,0,37,2],[37,3,37,4],[37,5,37,6]]}
[]
["其他项目清单与计价汇总表"]
["工程名称：建筑工程",null,null,"标段：",null,"第 1 页  共 1 页"]
["序号","项目名称","金额（元）",null,"结算金额（元）",null,"备注"]
["1","暂列金额","4850.64",{"$nulls":3},"明细详见表-12-1"]
["2","暂估价"]
["2.1","材料暂估价","—",{"$nulls":3},"明细详见表-12-2"]
["2.2","专业工程暂估价",{"$nulls":4},"明细详见表-12-3"]
["3","计日工","2500.00",{"$nulls":3},"明细详见表-12-4"]
["4","总承包服务费",{"$nulls":4},"明细详见表-12-5"]
["5","预算包干费"]
["6","工程优质费"]
["7","概算幅度差"]
["8","现场签证费用"]
["9","索赔费用"]
["10","其他费用"]
{"$rows_empty":19}
[null,"合  计","7350.64",{"$nulls":3},"—"]
["注：材料（工程设备）暂估单价进入清单项目综合单价，此处不汇总。"]
[{"$nulls":5},"表—12"]

{"sheet":"表-12-1 暂列金额表","index":11,"n_rows":38,"n_cols":7,"rows_kept":38,"merged":[[0,0,0,4],[0,5,0,6],[1,0,1,6],[2,0,2,2],[2,3,2,4],[2,5,2,6],[3,2,3,3],[3,4,3,5],[4,2,4,3],[4,4,4,5],[5,2,5,3],[5,4,5,5],[6,2,6,3],[6,4,6,5],[7,2,7,3],[7,4,7,5],[8,2,8,3],[8,4,8,5],[9,2,9,3],[9,4,9,5],[10,2,10,3],[10,4,10,5],[11,2,11,3],[11,4,11,5],[12,2,12,3],[12,4,12,5],[13,2,13,3],[13,4,13,5],[14,2,14,3],[14,4,14,5],[15,2,15,3],[15,4,15,5],[16,2,16,3],[16,4,16,5],[17,2,17,3],[17,4,17,5],[18,2,18,3],[18,4,18,5],[19,2,19,3],[19,4,19,5],[20,2,20,3],[20,4,20,5],[21,2,21,3],[21,4,21,5],[22,2,22,3],[22,4,22,5],[23,2,23,3],[23,4,23,5],[24,2,24,3],[24,4,24,5],[25,2,25,3],[25,4,25,5],[26,2,26,3],[26,4,26,5],[27,2,27,3],[27,4,27,5],[28,2,28,3],[28,4,28,5],[29,2,29,3],[29,4,29,5],[30,2,30,3],[30,4,30,5],[31,2,31,3],[31,4,31,5],[32,2,32,3],[32,4,32,5],[33,2,33,3],[33,4,33,5],[34,2,34,3],[34,4,34,5],[35,0,35,3],[35,4,35,5],[36,0,36,6],[37,0,37,2],[37,3,37,4],[37,5,37,6]]}
[]
["暂列金额明细表"]
["工程名称：建筑工程",null,null,"标段：",null,"第 1 页  共 1 页"]
["序号","名称","计量单位",null,"暂定金额（元）",null,"备注"]
["1","现场签证、变更","元",null,4850.64]
{"$rows_empty":30}
["合    计",{"$nulls":3},"4850.64",null,"—"]
["注：此表由招标人填写，如不能详列，也可只列暂列金额总额，投标人应将上述暂列金额计入投标总价中。"]
[{"$nulls":5},"表—12—1"]

{"sheet":"表-12-2 材料(工程设备)暂估价及调整表","index":12,"n_rows":38,"n_cols":14,"rows_kept":38,"merged":[[0,0,0,9],[0,10,0,13],[1,0,1,13],[2,0,2,6],[2,7,2,9],[2,10,2,13],[3,0,4,0],[3,1,4,1],[3,2,4,2],[3,3,3,4],[3,5,3,7],[3,8,3,10],[3,11,3,12],[4,6,4,7],[4,9,4,10],[5,6,5,7],[5,9,5,10],[6,6,6,7],[6,9,6,10],[7,6,7,7],[7,9,7,10],[8,6,8,7],[8,9,8,10],[9,6,9,7],[9,9,9,10],[10,6,10,7],[10,9,10,10],[11,6,11,7],[11,9,11,10],[12,6,12,7],[12,9,12,10],[13,6,13,7],[13,9,13,10],[14,6,14,7],[14,9,14,10],[15,6,15,7],[15,9,15,10],[16,6,16,7],[16,9,16,10],[17,6,17,7],[17,9,17,10],[18,6,18,7],[18,9,18,10],[19,6,19,7],[19,9,19,10],[20,6,20,7],[20,9,20,10],[21,6,21,7],[21,9,21,10],[22,6,22,7],[22,9,22,10],[23,6,23,7],[23,9,23,10],[24,6,24,7],[24,9,24,10],[25,6,25,7],[25,9,25,10],[26,6,26,7],[26,9,26,10],[27,6,27,7],[27,9,27,10],[28,6,28,7],[28,9,28,10],[29,6,29,7],[29,9,29,10],[30,6,30,7],[30,9,30,10],[31,6,31,7],[31,9,31,10],[32,6,32,7],[32,9,32,10],[33,6,33,7],[33,9,33,10],[34,6,34,7],[34,9,34,10],[35,0,35,2],[35,6,35,7],[35,9,35,10],[36,0,36,13],[37,0,37,6],[37,7,37,9],[37,10,37,13]]}
[]
["材料（工程设备）暂估单价及调整表"]
["工程名称：建筑工程",{"$nulls":6},"标段：",null,null,"第 1 页  共 1 页"]
["序号","材料(工程设备)\n名称、规格、型号","计量单位","数量",null,"暂估（元）",null,null,"确认(元)",null,null,"差额±(元)",null,"备注"]
[{"$nulls":3},"暂估","确认","单价","合价",null,"单价","合价",null,"单价","合价"]
{"$rows_empty":30}
["合     计"]
["注：1.此表由招标人填写“暂估单价”，并在备注栏说明暂估价的材料、工程设备拟用在那些清单项目上，投标人应将上述材料、工程设备暂估单价计入工程量清单综合单价报价中"]
[{"$nulls":10},"表—12—2"]

{"sheet":"表-12-3 专业工程暂估价及结算价表","index":13,"n_rows":37,"n_cols":9,"rows_kept":37,"merged":[[0,0,0,5],[0,6,0,8],[1,0,1,8],[2,0,2,3],[2,4,2,5],[2,6,2,8],[3,3,3,4],[3,5,3,6],[4,3,4,4],[4,5,4,6],[5,3,5,4],[5,5,5,6],[6,3,6,4],[6,5,6,6],[7,3,7,4],[7,5,7,6],[8,3,8,4],[8,5,8,6],[9,3,9,4],[9,5,9,6],[10,3,10,4],[10,5,10,6],[11,3,11,4],[11,5,11,6],[12,3,12,4],[12,5,12,6],[13,3,13,4],[13,5,13,6],[14,3,14,4],[14,5,14,6],[15,3,15,4],[15,5,15,6],[16,3,16,4],[16,5,16,6],[17,3,17,4],[17,5,17,6],[18,3,18,4],[18,5,18,6],[19,3,19,4],[19,5,19,6],[20,3,20,4],[20,5,20,6],[21,3,21,4],[21,5,21,6],[22,3,22,4],[22,5,22,6],[23,3,23,4],[23,5,23,6],[24,3,24,4],[24,5,24,6],[25,3,25,4],[25,5,25,6],[26,3,26,4],[26,5,26,6],[27,3,27,4],[27,5,27,6],[28,3,28,4],[28,5,28,6],[29,3,29,4],[29,5,29,6],[30,3,30,4],[30,5,30,6],[31,3,31,4],[31,5,31,6],[32,3,32,4],[32,5,32,6],[33,3,33,4],[33,5,33,6],[34,0,34,2],[34,3,34,4],[34,5,34,6],[35,0,35,8],[36,0,36,3],[36,4,36,5],[36,6,36,8]]}
[]
["专业工程暂估价及结算价表"]
["工程名称：建筑工程",{"$nulls":3},"标段：",null,"第 1 页  共 1 页"]
["序号","工程名称","工程内容","暂估金额\n（元）",null,"结算金额\n(元)",null,"差额\n±(元)","备注"]
{"$rows_empty":30}
["合    计",null,null,"0.00",{"$nulls":4},"—"]
["注：此表“暂估金额”由招标人填写，投标人应将“暂估金额”计入投标总价中。结算时按合同约定结算金额填写。"]
[{"$nulls":6},"表—12—3"]

{"sheet":"表-12-4 计日工表","index":14,"n_rows":38,"n_cols":10,"rows_kept":38,"merged":[[0,0,0,9],[1,0,1,4],[1,5,1,6],[1,7,1,9],[2,0,3,0],[2,1,3,1],[2,2,3,2],[2,3,3,3],[2,4,3,5],[2,6,3,7],[2,8,2,9],[4,4,4,5],[4,6,4,7],[5,4,5,5],[5,6,5,7],[6,0,6,7],[7,4,7,5],[7,6,7,7],[8,4,8,5],[8,6,8,7],[9,0,9,7],[10,4,10,5],[10,6,10,7],[11,4,11,5],[11,6,11,7],[12,0,12,7],[13,4,13,5],[13,6,13,7],[14,4,14,5],[14,6,14,7],[15,4,15,5],[15,6,15,7],[16,4,16,5],[16,6,16,7],[17,4,17,5],[17,6,17,7],[18,4,18,5],[18,6,18,7],[19,4,19,5],[19,6,19,7],[20,4,20,5],[20,6,20,7],[21,4,21,5],[21,6,21,7],[22,4,22,5],[22,6,22,7],[23,4,23,5],[23,6,23,7],[24,4,24,5],[24,6,24,7],[25,4,25,5],[25,6,25,7],[26,4,26,5],[26,6,26,7],[27,4,27,5],[27,6,27,7],[28,4,28,5],[28,6,28,7],[29,4,29,5],[29,6,29,7],[30,4,30,5],[30,6,30,7],[31,4,31,5],[31,6,31,7],[32,4,32,5],[32,6,32,7],[33,4,33,5],[33,6,33,7],[34,0,34,7],[35,0,35,7],[36,0,36,9],[37,0,37,4],[37,5,37,6],[37,7,37,9]]}
["计日工表"]
["工程名称：建筑工程",{"$nulls":4},"标段：",null,"第 1 页  共 1 页"]
["编号","项目名称","单位","暂定数量","实际数量",null,"综合单价\n(元)",null,"合价（元）"]
[{"$nulls":8},"暂定","实际"]
["1","人工"]
["1.1","人工","工日",10,null,null,150,null,1500]
["人工小计",{"$nulls":7},1500]
["2","材料"]
["2.1","空心砌块砖","块",2000,null,null,0.5,null,1000]
["材料小计",{"$nulls":7},1000]
["3","施工机具"]
["3.1"]
["施工机具小计"]
{"$rows_empty":21}
["4.企业管理费和利润"]
["总         计",{"$nulls":7},2500]
["注：此表项目名称、暂定数量由招标人填写，编制招标控制价时，单价由招标人按有关计价规定确定；投标时，单价由投标人自主报价，按暂定数量计算合价计入投标总价中。结算时，按发承包双方确认的实际数量计算合价。"]
[{"$nulls":7},"表—12—4"]

{"sheet":"表-12-5 总承包服务费计价表","index":15,"n_rows":38,"n_cols":9,"rows_kept":38,"merged":[[0,0,0,5],[0,6,0,8],[1,0,1,8],[2,0,2,3],[2,4,2,5],[2,6,2,8],[3,3,3,4],[3,5,3,6],[4,3,4,4],[4,5,4,6],[5,3,5,4],[5,5,5,6],[6,3,6,4],[6,5,6,6],[7,3,7,4],[7,5,7,6],[8,3,8,4],[8,5,8,6],[9,3,9,4],[9,5,9,6],[10,3,10,4],[10,5,10,6],[11,3,11,4],[11,5,11,6],[12,3,12,4],[12,5,12,6],[13,3,13,4],[13,5,13,6],[14,3,14,4],[14,5,14,6],[15,3,15,4],[15,5,15,6],[16,3,16,4],[16,5,16,6],[17,3,17,4],[17,5,17,6],[18,3,18,4],[18,5,18,6],[19,3,19,4],[19,5,19,6],[20,3,20,4],[20,5,20,6],[21,3,21,4],[21,5,21,6],[22,3,22,4],[22,5,22,6],[23,3,23,4],[23,5,23,6],[24,3,24,4],[24,5,24,6],[25,3,25,4],[25,5,25,6],[26,3,26,4],[26,5,26,6],[27,3,27,4],[27,5,27,6],[28,3,28,4],[28,5,28,6],[29,3,29,4],[29,5,29,6],[30,3,30,4],[30,5,30,6],[31,3,31,4],[31,5,31,6],[32,3,32,4],[32,5,32,6],[33,3,33,4],[33,5,33,6],[34,3,34,4],[34,5,34,6],[35,0,35,7],[36,0,36,8],[37,0,37,3],[37,4,37,5],[37,6,37,8]]}
[]
["总承包服务费计价表"]
["工程名称：建筑工程",{"$nulls":3},"标段：",null,"第 1 页  共 1 页"]
["序号","项目名称","项目价值（元）","服务内容",null,"计算基础",null,"费率(%)","金额"]
{"$rows_empty":31}
["合    计",{"$nulls":7},"0.00"]
["注：此表项目名称、服务内容由招标人填写，编制招标控制价时，费率及金额由招标人按有关计价规定确定；投标时，费率及金额由投标人自主报价，计入投标总价中。"]
[{"$nulls":6},"表—12—5"]

{"sheet":"表-13 规费、税金项目清单与计价表","index":16,"n_rows":37,"n_cols":8,"rows_kept":37,"merged":[[0,0,0,7],[1,0,1,2],[1,3,1,5],[1,6,1,7],[2,2,2,3],[2,5,2,6],[3,2,3,3],[3,5,3,6],[4,2,4,3],[4,5,4,6],[5,2,5,3],[5,5,5,6],[6,2,6,3],[6,5,6,6],[7,2,7,3],[7,5,7,6],[8,2,8,3],[8,5,8,6],[9,2,9,3],[9,5,9,6],[10,2,10,3],[10,5,10,6],[11,2,11,3],[11,5,11,6],[12,2,12,3],[12,5,12,6],[13,2,13,3],[13,5,13,6],[14,2,14,3],[14,5,14,6],[15,2,15,3],[15,5,15,6],[16,2,16,3],[16,5,16,6],[17,2,17,3],[17,5,17,6],[18,2,18,3],[18,5,18,6],[19,2,19,3],[19,5,19,6],[20,2,20,3],[20,5,20,6],[21,2,21,3],[21,5,21,6],[22,2,22,3],[22,5,22,6],[23,2,23,3],[23,5,23,6],[24,2,24,3],[24,5,24,6],[25,2,25,3],[25,5,25,6],[26,2,26,3],[26,5,26,6],[27,2,27,3],[27,5,27,6],[28,2,28,3],[28,5,28,6],[29,2,29,3],[29,5,29,6],[30,2,30,3],[30,5,30,6],[31,2,31,3],[31,5,31,6],[32,2,32,3],[32,5,32,6],[33,2,33,3],[33,5,33,6],[34,0,34,6],[35,0,35,2],[35,3,35,7],[36,0,36,2],[36,3,36,5],[36,6,36,7]]}
["规费、税金项目清单与计价表"]
["工程名称：建筑工程",null,null,"标段：",null,null,"第 1 页  共 1 页"]
["序号","项目名称","计算基础",null,"计算基数","计算费率\n(%)",null,"金额(元)"]
["1","增值税销项税额","分部分项合计+措施合计+其他项目",null,698422.03,"9",null,62857.98]
{"$rows_empty":30}
["合    计",{"$nulls":6},62857.98]
[" 编制人（造价人员）：",null,null,"复核人（造价工程师）："]
[{"$nulls":6},"表—13"]

{"sheet":"表-20 发包人提供材料和工程设备一览表","index":17,"n_rows":37,"n_cols":10,"rows_kept":37,"merged":[[0,0,0,9],[1,0,1,4],[1,5,1,6],[1,7,1,9],[2,4,2,5],[2,6,2,7],[3,4,3,5],[3,6,3,7],[4,4,4,5],[4,6,4,7],[5,4,5,5],[5,6,5,7],[6,4,6,5],[6,6,6,7],[7,4,7,5],[7,6,7,7],[8,4,8,5],[8,6,8,7],[9,4,9,5],[9,6,9,7],[10,4,10,5],[10,6,10,7],[11,4,11,5],[11,6,11,7],[12,4,12,5],[12,6,12,7],[13,4,13,5],[13,6,13,7],[14,4,14,5],[14,6,14,7],[15,4,15,5],[15,6,15,7],[16,4,16,5],[16,6,16,7],[17,4,17,5],[17,6,17,7],[18,4,18,5],[18,6,18,7],[19,4,19,5],[19,6,19,7],[20,4,20,5],[20,6,20,7],[21,4,21,5],[21,6,21,7],[22,4,22,5],[22,6,22,7],[23,4,23,5],[23,6,23,7],[24,4,24,5],[24,6,24,7],[25,4,25,5],[25,6,25,7],[26,4,26,5],[26,6,26,7],[27,4,27,5],[27,6,27,7],[28,4,28,5],[28,6,28,7],[29,4,29,5],[29,6,29,7],[30,4,30,5],[30,6,30,7],[31,4,31,5],[31,6,31,7],[32,4,32,5],[32,6,32,7],[33,4,33,5],[33,6,33,7],[34,4,34,5],[34,6,34,7],[35,0,35,6],[35,7,35,9],[36,0,36,6],[36,7,36,9]]}
["发包人提供材料和工程设备一览表"]
["工程名称：建筑工程",{"$nulls":4},"标段：",null,"第 1 页  共 1 页"]
["序号","材料(工程设备)\n名称、规格、型号","单位","数量","单价(元)",null,"交货方式",null,"送达地点","备注"]
{"$rows_empty":32}
["注：此表由招标人填写，供投标人在投标报价、确定总承包服务费时参考"]
[{"$nulls":7},"表-20"]

{"sheet":"表-21 承包人提供主要材料和工程设备一览表","index":18,"n_rows":36,"n_cols":11,"rows_kept":36,"merged":[[0,0,0,10],[1,0,1,10],[2,0,2,5],[2,6,2,7],[2,8,2,10],[3,5,3,6],[3,7,3,8],[4,5,4,6],[4,7,4,8],[5,5,5,6],[5,7,5,8],[6,5,6,6],[6,7,6,8],[7,5,7,6],[7,7,7,8],[8,5,8,6],[8,7,8,8],[9,5,9,6],[9,7,9,8],[10,5,10,6],[10,7,10,8],[11,5,11,6],[11,7,11,8],[12,5,12,6],[12,7,12,8],[13,5,13,6],[13,7,13,8],[14,5,14,6],[14,7,14,8],[15,5,15,6],[15,7,15,8],[16,5,16,6],[16,7,16,8],[17,5,17,6],[17,7,17,8],[18,5,18,6],[18,7,18,8],[19,5,19,6],[19,7,19,8],[20,5,20,6],[20,7,20,8],[21,5,21,6],[21,7,21,8],[22,5,22,6],[22,7,22,8],[23,5,23,6],[23,7,23,8],[24,5,24,6],[24,7,24,8],[25,5,25,6],[25,7,25,8],[26,5,26,6],[26,7,26,8],[27,5,27,6],[27,7,27,8],[28,5,28,6],[28,7,28,8],[29,5,29,6],[29,7,29,8],[30,5,30,6],[30,7,30,8],[31,5,31,6],[31,7,31,8],[32,5,32,6],[32,7,32,8],[33,5,33,6],[33,7,33,8],[34,0,34,10],[35,0,35,5],[35,6,35,7],[35,8,35,10]]}
["承包人提供主要材料和工程设备一览表"]
["(适用于造价信息差额调整法)"]
["工程名称：建筑工程",{"$nulls":5},"标段：",null,"第 1 页  共 1 页"]
["序号","名称、规格、型号","单位","数量","风险系数\n(%)","基准单价\n（元）",null,"投标单价",null,"发承包人\n确认单价\n(元)","备注"]
{"$rows_empty":30}
["注：1.此表由招标人填写除“投标单价”栏的内容，投标人在投标时自主确定投标单价。\n    2.基准单价应优先采用工程造价管理机构发布的单价，未发布的，通过市场调查确定其基准单价。"]
[{"$nulls":8},"表-21"]

{"sheet":"表-22 承包人提供主要材料和工程设备一览表","index":19,"n_rows":35,"n_cols":8,"rows_kept":35,"merged":[[0,0,0,7],[1,0,1,7],[2,0,2,3],[2,4,2,5],[2,6,2,7],[3,3,3,4],[3,5,3,6],[4,3,4,4],[4,5,4,6],[5,3,5,4],[5,5,5,6],[6,3,6,4],[6,5,6,6],[7,3,7,4],[7,5,7,6],[8,3,8,4],[8,5,8,6],[9,3,9,4],[9,5,9,6],[10,3,10,4],[10,5,10,6],[11,3,11,4],[11,5,11,6],[12,3,12,4],[12,5,12,6],[13,3,13,4],[13,5,13,6],[14,3,14,4],[14,5,14,6],[15,3,15,4],[15,5,15,6],[16,3,16,4],[16,5,16,6],[17,3,17,4],[17,5,17,6],[18,3,18,4],[18,5,18,6],[19,3,19,4],[19,5,19,6],[20,3,20,4],[20,5,20,6],[21,3,21,4],[21,5,21,6],[22,3,22,4],[22,5,22,6],[23,3,23,4],[23,5,23,6],[24,3,24,4],[24,5,24,6],[25,3,25,4],[25,5,25,6],[26,3,26,4],[26,5,26,6],[27,3,27,4],[27,5,27,6],[28,3,28,4],[28,5,28,6],[29,3,29,4],[29,5,29,6],[30,3,30,4],[30,5,30,6],[31,3,31,4],[31,5,31,6],[32,0,32,1],[32,3,32,4],[32,5,32,6],[33,0,33,7],[34,0,34,3],[34,4,34,5],[34,6,34,7]]}
["承包人提供主要材料和工程设备一览表"]
["(适用于价格指数差额调整法)"]
["工程名称：建筑工程",{"$nulls":3},"标段：",null,"第 1 页  共 1 页"]
["序号","名称、规格、型号","变值权重B","基本价格指数F0",null,"现行价格指数Ft",null,"备注"]
{"$rows_empty":27}
[null,"定值权重A",null,"—",null,"—"]
["合计",null,"1","—",null,"—"]
["注：1.此表“材料和工程设备名称”、“规格型号”、“基本价格指数”栏由招标人填写，基本价格指数应首先采用工程造价管理机构发布的价格指数，没有时，可采用发布的价格代替。\n    2.此表“变值权重”栏由投标人根据该项材料和工程设备价值在投标报价中所占的比例填写。\n    3.“现行价格指数”按约定的付款证书相关周期最后一天的前42天的各项材料和工程设备的价格指数填写，该指数应首先采用工程造价管理机构发布的价格指数，没有时，可采用发布的价格代替。"]
[{"$nulls":6},"表-22"]